{"text_format":"3","workbook":"xlsx","n_sheets":22,"sheets":["000000","短期投资汇总","存货汇总","长期投资汇总","机器设备","湖北阳新娲石建材工地","总公司","广东南雄项目工地","广东春谭","四川康定","辽宁辽塔","新疆东湖","贵州忠诚","湖北阳新娲石","湖南印山","江西印山","南方金属结构分公司","车辆","电子设备","固定资产汇总","流动负债汇总","长期负债汇总"],"not_rendered":{"defined_names":8},"read":"whole","date_system":"1900"}

{"sheet":"000000","index":0,"n_rows":0,"n_cols":0,"rows_kept":0,"hidden":true}

{"sheet":"短期投资汇总","index":1,"n_rows":23,"n_cols":7,"rows_kept":23,"hidden":true,"merged":[[1,0,1,6],[3,0,3,6]]}
[]
[" 短期投资清查评估汇总表   "]
[]
[{"$f":"#REF!","v":{"$error":"#REF!"}}]
[]
[{"$f":"#REF!","v":{"$error":"#REF!"}},{"$nulls":4}," 金额单位：人民币元"]
["编号","科目名称","帐面价值","调整后帐面值","评估价值","增值额","增值率%"]
[1,"短期投资—股票投资",{"$f":"#REF!","v":{"$error":"#REF!"}},{"$f":"#REF!","v":{"$error":"#REF!"}},{"$f":"#REF!","v":{"$error":"#REF!"}},{"$f":"E8-D8","v":{"$error":"#REF!"}},{"$f":"IF(C8=0,\" \",IF(F8/C8=0,\" \",F8/C8))","v":{"$error":"#REF!"}}]
[2,"短期投资—债券投资",{"$f":"#REF!","v":{"$error":"#REF!"}},{"$f":"#REF!","v":{"$error":"#REF!"}},{"$f":"#REF!","v":{"$error":"#REF!"}},{"$f":"E9-D9","v":{"$error":"#REF!"}},{"$f":"IF(C9=0,\" \",IF(F9/C9=0,\" \",F9/C9))","v":{"$error":"#REF!"}}]
{"$rows_empty":9}
[3,"短期投资合计",{"$f":"SUM(C8:C18)","v":{"$error":"#REF!"}},{"$f":"SUM(D8:D18)","v":{"$error":"#REF!"}},{"$f":"SUM(E8:E18)","v":{"$error":"#REF!"}},{"$f":"SUM(F8:F18)","v":{"$error":"#REF!"}},{"$f":"IF(C19=0,\" \",IF(F19/C19=0,\" \",F19/C19))","v":{"$error":"#REF!"}}]
[4,"  减：短期投资跌价准备"]
[5,"短期投资净额",{"$f":"C19-C20","v":{"$error":"#REF!"}},{"$f":"D19-D20","v":{"$error":"#REF!"}},{"$f":"E19-E20","v":{"$error":"#REF!"}},{"$f":"E21-D21","v":{"$error":"#REF!"}},{"$f":"IF(C21=0,\" \",IF(F21/C21=0,\" \",F21/C21))","v":{"$error":"#REF!"}}]
[{"$f":"#REF!","v":{"$error":"#REF!"}},{"$nulls":5},{"$f":"#REF!","v":{"$error":"#REF!"}}]
[{"$f":"#REF!","v":{"$error":"#REF!"}}]

{"sheet":"存货汇总","index":2,"n_rows":27,"n_cols":7,"rows_kept":27,"hidden":true,"merged":[[1,0,1,6],[3,0,3,6]]}
[]
["存 货 清 查 评 估 汇 总 表"]
[]
[{"$f":"#REF!","v":{"$error":"#REF!"}}]
[]
[{"$f":"#REF!","v":{"$error":"#REF!"}},{"$nulls":4},"金额单位：元"]
["编号","科目名称","  帐 面 价 值","调整后帐面值","评估价值","增值额","增值率%"]
[1,"原材料",{"$f":"#REF!","v":{"$error":"#REF!"}},{"$f":"#REF!","v":{"$error":"#REF!"}},{"$f":"#REF!","v":{"$error":"#REF!"}},{"$f":"E8-D8","v":{"$error":"#REF!"}},{"$f":"IF(D8=0,\" \",IF(F8/D8=0,\" \",F8/D8))","v":{"$error":"#REF!"}}]
[2,"材料采购",{"$f":"#REF!","v":{"$error":"#REF!"}},{"$f":"#REF!","v":{"$error":"#REF!"}},{"$f":"#REF!","v":{"$error":"#REF!"}},{"$f":"E9-D9","v":{"$error":"#REF!"}},{"$f":"IF(D9=0,\" \",IF(F9/D9=0,\" \",F9/D9))","v":{"$error":"#REF!"}}]
[3,"材料成本差异",{"$f":"#REF!","v":{"$error":"#REF!"}},{"$f":"#REF!","v":{"$error":"#REF!"}},{"$f":"#REF!","v":{"$error":"#REF!"}},{"$error":"#REF!"},{"$error":"#REF!"}]
[4,"包装物",{"$f":"#REF!","v":{"$error":"#REF!"}},{"$f":"#REF!","v":{"$error":"#REF!"}},{"$f":"#REF!","v":{"$error":"#REF!"}},{"$error":"#REF!"},{"$error":"#REF!"}]
[5,"在库低值易耗品",{"$f":"#REF!","v":{"$error":"#REF!"}},{"$f":"#REF!","v":{"$error":"#REF!"}},{"$f":"#REF!","v":{"$error":"#REF!"}},{"$error":"#REF!"},{"$error":"#REF!"}]
[6,"在用低值易耗品",{"$f":"#REF!","v":{"$error":"#REF!"}},{"$f":"#REF!","v":{"$error":"#REF!"}},{"$f":"#REF!","v":{"$error":"#REF!"}},{"$error":"#REF!"},{"$error":"#REF!"}]
[7,"半成品",{"$f":"#REF!","v":{"$error":"#REF!"}},{"$f":"#REF!","v":{"$error":"#REF!"}},{"$f":"#REF!","v":{"$error":"#REF!"}},{"$error":"#REF!"},{"$error":"#REF!"}]
[8,"产成品",{"$f":"#REF!","v":{"$error":"#REF!"}},{"$f":"#REF!","v":{"$error":"#REF!"}},{"$f":"#REF!","v":{"$error":"#REF!"}},{"$error":"#REF!"},{"$error":"#REF!"}]
[9,"库存商品",{"$f":"#REF!","v":{"$error":"#REF!"}},{"$f":"#REF!","v":{"$error":"#REF!"}},{"$f":"#REF!","v":{"$error":"#REF!"}},{"$error":"#REF!"},{"$error":"#REF!"}]
[10,"工程施工",{"$f":"#REF!","v":{"$error":"#REF!"}},{"$f":"#REF!","v":{"$error":"#REF!"}},{"$f":"#REF!","v":{"$error":"#REF!"}},{"$error":"#REF!"},{"$error":"#REF!"}]
[11,"分期收款发出商品",{"$f":"#REF!","v":{"$error":"#REF!"}},{"$f":"#REF!","v":{"$error":"#REF!"}},{"$f":"#REF!","v":{"$error":"#REF!"}},{"$error":"#REF!"},{"$error":"#REF!"}]
[12,"委托加工材料",{"$f":"#REF!","v":{"$error":"#REF!"}},{"$f":"#REF!","v":{"$error":"#REF!"}},{"$f":"#REF!","v":{"$error":"#REF!"}},{"$error":"#REF!"},{"$error":"#REF!"}]
[13,"委托代销商品",{"$f":"#REF!","v":{"$error":"#REF!"}},{"$f":"#REF!","v":{"$error":"#REF!"}},{"$f":"#REF!","v":{"$error":"#REF!"}},{"$error":"#REF!"},{"$error":"#REF!"}]
[14,"受托代销商品",{"$f":"#REF!","v":{"$error":"#REF!"}},{"$f":"#REF!","v":{"$error":"#REF!"}},{"$f":"#REF!","v":{"$error":"#REF!"}},{"$error":"#REF!"},{"$error":"#REF!"}]
[{"$nulls":5},0," "]
[15,"存货合计",{"$f":"SUM(C8:C22)","v":{"$error":"#REF!"}},{"$f":"SUM(D8:D22)","v":{"$error":"#REF!"}},{"$f":"SUM(E8:E22)","v":{"$error":"#REF!"}},{"$f":"SUM(F8:F22)","v":{"$error":"#REF!"}},{"$error":"#REF!"}]
[16,"    减：存货跌价准备",{"$nulls":3},{"$f":"E24-D24","v":0}," "]
[17,"存货净额 ",{"$f":"C23-C24","v":{"$error":"#REF!"}},{"$f":"D23-D24","v":{"$error":"#REF!"}},{"$f":"E23-E24","v":{"$error":"#REF!"}},{"$f":"F23-F24","v":{"$error":"#REF!"}},{"$error":"#REF!"}]
[{"$f":"#REF!","v":{"$error":"#REF!"}},{"$nulls":5},{"$f":"#REF!","v":{"$error":"#REF!"}}]
[{"$f":"#REF!","v":{"$error":"#REF!"}}]

{"sheet":"长期投资汇总","index":3,"n_rows":23,"n_cols":7,"rows_kept":23,"hidden":true,"merged":[[1,0,1,6],[3,0,3,6]]}
[]
["长期投资清查评估汇总表"]
[]
[{"$f":"#REF!","v":{"$error":"#REF!"}}]
[]
[{"$f":"#REF!","v":{"$error":"#REF!"}},{"$nulls":4},"金额单位：元"]
["编号","科目名称","  帐 面 价 值","调整后帐面值","评估价值","增值额","增值率%"]
[1,"长期投资—股票投资",{"$f":"#REF!","v":{"$error":"#REF!"}},{"$f":"#REF!","v":{"$error":"#REF!"}},{"$f":"#REF!","v":{"$error":"#REF!"}},{"$f":"E8-D8","v":{"$error":"#REF!"}},{"$f":"IF(D8=0,\" \",IF(F8/D8=0,\" \",F8/D8))","v":{"$error":"#REF!"}}]
[2,"长期投资—债券投资",{"$f":"#REF!","v":{"$error":"#REF!"}},{"$f":"#REF!","v":{"$error":"#REF!"}},{"$f":"#REF!","v":{"$error":"#REF!"}},{"$f":"E9-D9","v":{"$error":"#REF!"}},{"$f":"IF(D9=0,\" \",IF(F9/D9=0,\" \",F9/D9))","v":{"$error":"#REF!"}}]
[3,"长期投资—其他投资",{"$f":"#REF!","v":{"$error":"#REF!"}},{"$f":"#REF!","v":{"$error":"#REF!"}},{"$f":"#REF!","v":{"$error":"#REF!"}},{"$error":"#REF!"},{"$error":"#REF!"}]
[{"$nulls":5},0," "]
[{"$nulls":5},0," "]
[{"$nulls":5},0," "]
[{"$nulls":5},0," "]
[{"$nulls":5},0," "]
[{"$nulls":5},0," "]
[{"$nulls":5},0," "]
[{"$nulls":5},0," "]
[null,"  长期投资合计",{"$f":"SUM(C8:C18)","v":{"$error":"#REF!"}},{"$f":"SUM(D8:D18)","v":{"$error":"#REF!"}},{"$f":"SUM(E8:E18)","v":{"$error":"#REF!"}},{"$f":"SUM(F8:F18)","v":{"$error":"#REF!"}},{"$error":"#REF!"}]
[null,"    减：长期投资减值准备",{"$nulls":4}," "]
[null,"  长期投资净值",{"$f":"C19-C20","v":{"$error":"#REF!"}},{"$f":"D19-D20","v":{"$error":"#REF!"}},{"$f":"E19-E20","v":{"$error":"#REF!"}},{"$f":"F19-F20","v":{"$error":"#REF!"}},{"$error":"#REF!"}]
[{"$f":"#REF!","v":{"$error":"#REF!"}},{"$nulls":5},{"$f":"#REF!","v":{"$error":"#REF!"}}]
[{"$f":"#REF!","v":{"$error":"#REF!"}}]

{"sheet":"机器设备","index":4,"n_rows":448,"n_cols":17,"rows_kept":448,"merged":[[0,0,0,16],[1,0,1,16],[5,0,6,0],[5,1,6,1],[5,2,6,2],[5,3,6,3],[5,4,6,4],[5,5,6,5],[5,6,6,6],[5,7,6,7],[5,8,6,8],[5,9,5,10],[5,11,5,13],[5,14,6,14],[5,16,6,16],[440,0,440,2],[441,0,441,2],[442,0,442,2]]}
["固定资产——机器设备评估明细表"]
[{"$f":"#REF!","v":{"$error":"#REF!"}}]
[]
[{"$nulls":16},"表4-6-4"]
[{"$f":"#REF!","v":{"$error":"#REF!"}},{"$nulls":15},"金额单位：人民币元"]
["序号","设备编号","设备名称","规格型号","生产厂家","计量单位","数量","购置日期","启用日期","  帐 面 价 值",null,"评 估 价 值 ",null,null,"增值率%",null,"备注"]
[{"$nulls":9},"原值","净值","原值","成新率","净值",null,"备注"]
[1,null,"湖北阳新娲石建材工地：",{"$nulls":11},{"$f":"IF(K8=0,,(N8-K8)/K8)","v":{"v":0,"d":"0.0%"}}]
[2,null,"焊机",null,null,"台",35,"2012-05-31",null,{"v":97300,"d":"97,300.00"},{"v":19460,"d":"19,460.00"},{"v":42000,"d":"42,000.00"},{"v":0.5,"d":"50%"},{"$f":"L9*M9","v":{"v":21000,"d":"21,000.00"}},{"v":0.079,"d":"7.9%"}]
[3,null,"卷扬机","3T",null,"台",1,"2012-05-31",null,{"v":5800,"d":"5,800.00"},{"v":1160,"d":"1,160.00"},{"v":5800,"d":"5,800.00"},{"v":0.5,"d":"50%"},{"$f":"L10*M10","v":{"v":2900,"d":"2,900.00"}},{"v":1.5,"d":"150.0%"}]
[4,null,"卷扬机","5T",null,"台",1,"2012-05-31",null,{"v":12500,"d":"12,500.00"},{"v":2500,"d":"2,500.00"},{"v":12800,"d":"12,800.00"},{"v":0.5,"d":"50%"},{"v":6400,"d":"6,400.00"},{"v":1.56,"d":"156.0%"}]
[5,null,"手拉葫芦","10T",null,"台",2,"2012-05-31",null,{"v":3600,"d":"3,600.00"},{"v":720,"d":"720.00"},{"v":9998,"d":"9,998.00"},{"v":0.5,"d":"50%"},{"v":4999,"d":"4,999.00"},{"v":5.943,"d":"594.3%"}]
[6,null,"手拉葫芦","5T",null,"台",17,"2012-05-31",null,{"v":93500,"d":"93,500.00"},{"v":18700,"d":"18,700.00"},{"v":18666,"d":"18,666.00"},{"v":0.5,"d":"50%"},{"v":9333,"d":"9,333.00"},{"v":-0.501,"d":"-50.1%"}]
[7,null,"手拉葫芦","3T",null,"台",17,"2012-05-31",null,{"v":25500,"d":"25,500.00"},{"v":5100,"d":"5,100.00"},{"v":10404,"d":"10,404.00"},{"v":0.5,"d":"50%"},{"v":5202,"d":"5,202.00"},{"v":0.02,"d":"2.0%"}]
[8,null,"手拉葫芦","2T",null,"台",3,"2012-05-31",null,{"v":4500,"d":"4,500.00"},{"v":900,"d":"900.00"},{"v":3204,"d":"3,204.00"},{"v":0.5,"d":"50%"},{"v":1602,"d":"1,602.00"},{"v":0.78,"d":"78.0%"}]
[9,null,"电锤",null,null,"台",1,"2012-05-31",null,{"v":3200,"d":"3,200.00"},{"v":640,"d":"640.00"},{"v":2200,"d":"2,200.00"},{"v":0.5,"d":"50%"},{"v":1100,"d":"1,100.00"},{"v":0.719,"d":"71.9%"}]
[10,null,"液压千斤顶","50T",null,"台",2,"2012-05-31",null,null,0,{"v":6800,"d":"6,800.00"},{"v":0.5,"d":"50%"},{"v":3400,"d":"3,400.00"},{"v":0,"d":"0.0%"}]
[11,null,"液压千斤顶","32T",null,"台",3,"2012-05-31",null,null,0,{"v":7800,"d":"7,800.00"},{"v":0.5,"d":"50%"},{"v":3900,"d":"3,900.00"},{"v":0,"d":"0.0%"}]
[12,null,"机械千斤顶","32T",null,"台",2,"2012-05-31",null,null,0,{"v":3200,"d":"3,200.00"},{"v":0.5,"d":"50%"},{"v":1600,"d":"1,600.00"},{"v":0,"d":"0.0%"}]
[13,null,"机械千斤顶","16T",null,"台",3,"2012-05-31",null,null,0,{"v":3600,"d":"3,600.00"},{"v":0.5,"d":"50%"},{"v":1800,"d":"1,800.00"},{"v":0,"d":"0.0%"}]
[14,null,"框式水平尺",null,null,"台",2,"2012-05-31",null,null,0,{"v":440,"d":"440.00"},{"v":0.5,"d":"50%"},{"v":220,"d":"220.00"},{"v":0,"d":"0.0%"}]
[15,null,"配电柜",null,null,"个",3,"2012-05-31",null,null,0,{"v":6900,"d":"6,900.00"},{"v":0.5,"d":"50%"},{"v":3450,"d":"3,450.00"},{"v":0,"d":"0.0%"}]
[16,null,"配电箱",null,null,"个",4,"2012-05-31",null,null,0,{"v":8000,"d":"8,000.00"},{"v":0.5,"d":"50%"},{"v":4000,"d":"4,000.00"},{"v":0,"d":"0.0%"}]
[17,null,"电锤",null,null,"台",3,"2012-05-31",null,{"v":9600,"d":"9,600.00"},{"v":1920,"d":"1,920.00"},{"v":6600,"d":"6,600.00"},{"v":0.5,"d":"50%"},{"v":3300,"d":"3,300.00"},{"v":0.719,"d":"71.9%"}]
[18,null,"机械千斤顶","32T、60T",null,"台",4,"2012-05-31",null,null,0,{"v":10000,"d":"10,000.00"},{"v":0.5,"d":"50%"},{"v":5000,"d":"5,000.00"},{"v":0,"d":"0.0%"}]
[19,null,"总公司：",{"$nulls":7},0,null,null,{"v":0,"d":"0.00"},{"v":0,"d":"0.0%"}]
[20,null,"龙门吊","10T",null,"台",14,"2009-01-31",null,{"v":1379000,"d":"1,379,000.00"},{"v":275800,"d":"275,800.00"},{"v":1120000,"d":"1,120,000.00"},{"v":0.3,"d":"30%"},{"v":336000,"d":"336,000.00"},{"v":0.218,"d":"21.8%"}]
[21,null,"龙门吊","5T",null,"台",2,"2009-01-31",null,{"v":111191.86,"d":"111,191.86"},{"v":22238.37,"d":"22,238.37"},{"v":92000,"d":"92,000.00"},{"v":0.3,"d":"30%"},{"v":27600,"d":"27,600.00"},{"v":0.241,"d":"24.1%"}]
[22,null,"交流电焊机",null,null,"台",129,"2009-01-31",null,{"v":273480,"d":"273,480.00"},{"v":54696,"d":"54,696.00"},{"v":276060,"d":"276,060.00"},{"v":0.3,"d":"30%"},{"v":82818,"d":"82,818.00"},{"v":0.514,"d":"51.4%"}]
[23,null,"直流电焊机",630,null,"台",15,"2009-01-31",null,{"v":114000,"d":"114,000.00"},{"v":22800,"d":"22,800.00"},{"v":38250,"d":"38,250.00"},{"v":0.3,"d":"30%"},{"v":11475,"d":"11,475.00"},{"v":-0.497,"d":"-49.7%"}]
[24,null,"直流电焊机","小",null,"台",5,"2009-05-31",null,{"v":32000,"d":"32,000.00"},{"v":6400,"d":"6,400.00"},{"v":12750,"d":"12,750.00"},{"v":0.3,"d":"30%"},{"v":3825,"d":"3,825.00"},{"v":-0.402,"d":"-40.2%"}]
[25,null,"二保电焊机",null,null,"台",8,"2009-05-31",null,{"v":24000,"d":"24,000.00"},{"v":4800,"d":"4,800.00"},{"v":32000,"d":"32,000.00"},{"v":0.3,"d":"30%"},{"v":9600,"d":"9,600.00"},{"v":1,"d":"100.0%"}]
[26,null,"埋弧电焊机",null,null,"台",5,"2009-05-31",null,{"v":165000,"d":"165,000.00"},{"v":33000,"d":"33,000.00"},{"v":175720,"d":"175,720.00"},{"v":0.3,"d":"30%"},{"v":52716,"d":"52,716.00"},{"v":0.597,"d":"59.7%"}]
[27,null,"等离子焊机",null,null,"台",1,"2009-10-31",null,null,0,{"v":5500,"d":"5,500.00"},{"v":0.3,"d":"30%"},{"v":1650,"d":"1,650.00"},{"v":0,"d":"0.0%"}]
[28,null,"卷板机","15-25*2000",null,"台",20,"2009-10-31",null,{"v":1700000,"d":"1,700,000.00"},{"v":340000,"d":"340,000.00"},{"v":1714000,"d":"1,714,000.00"},{"v":0.2,"d":"20%"},{"v":342800,"d":"342,800.00"},{"v":0.008,"d":"0.8%"}]
[29,null,"卷板机","10*1800",null,"台",1,"2009-10-31",null,{"v":57200,"d":"57,200.00"},{"v":11440,"d":"11,440.00"},{"v":13000,"d":"13,000.00"},{"v":0.2,"d":"20%"},{"v":2600,"d":"2,600.00"},{"v":-0.773,"d":"-77.3%"}]
[30,null,"卷扬机","5T",null,"台",12,"2009-10-31",null,{"v":183600,"d":"183,600.00"},{"v":36720,"d":"36,720.00"},{"v":153600,"d":"153,600.00"},{"v":0.2,"d":"20%"},{"v":30720,"d":"30,720.00"},{"v":-0.163,"d":"-16.3%"}]
[31,null,"卷扬机","1-3T",null,"台",22,"2009-10-31",null,{"v":127600,"d":"127,600.00"},{"v":25520,"d":"25,520.00"},{"v":127600,"d":"127,600.00"},{"v":0.2,"d":"20%"},{"v":25520,"d":"25,520.00"},{"v":0,"d":"0.0%"}]
[32,null,"经纬仪",null,null,"台",7,"2009-10-31",null,{"v":63000,"d":"63,000.00"},{"v":12600,"d":"12,600.00"},{"v":42000,"d":"42,000.00"},{"v":0.2,"d":"20%"},{"v":8400,"d":"8,400.00"},{"v":-0.333,"d":"-33.3%"}]
[33,null,"水准仪 ",null,null,"台",17,"2009-10-31",null,{"v":24650,"d":"24,650.00"},{"v":4930,"d":"4,930.00"},{"v":17000,"d":"17,000.00"},{"v":0.2,"d":"20%"},{"v":3400,"d":"3,400.00"},{"v":-0.31,"d":"-31.0%"}]
[34,null,"探伤仪",null,null,"台",3,"2010-01-31",null,{"v":22500,"d":"22,500.00"},{"v":4500,"d":"4,500.00"},{"v":25500,"d":"25,500.00"},{"v":0.3,"d":"30%"},{"v":7650,"d":"7,650.00"},{"v":0.7,"d":"70.0%"}]
[35,null,"空压机","63带杀罐，储气罐",null,"台",4,"2010-01-31",null,{"v":23200,"d":"23,200.00"},{"v":4640,"d":"4,640.00"},{"v":20000,"d":"20,000.00"},{"v":0.3,"d":"30%"},{"v":6000,"d":"6,000.00"},{"v":0.293,"d":"29.3%"}]
[36,null,"空压机",null,null,"台",15,"2010-01-31",null,{"v":31500,"d":"31,500.00"},{"v":6300,"d":"6,300.00"},{"v":30000,"d":"30,000.00"},{"v":0.3,"d":"30%"},{"v":9000,"d":"9,000.00"},{"v":0.429,"d":"42.9%"}]
[37,null,"储气罐",null,null,"台",5,"2010-01-31",null,null,0,{"v":11500,"d":"11,500.00"},{"v":0.3,"d":"30%"},{"v":3450,"d":"3,450.00"},{"v":0,"d":"0.0%"}]
[38,null,"打码机",null,null,"台",2,"2010-02-28",null,null,0,{"v":5200,"d":"5,200.00"},{"v":0.3,"d":"30%"},{"v":1560,"d":"1,560.00"},{"v":0,"d":"0.0%"}]
[39,null,"扭剪扳手",null,null,"台",1,"2010-02-28",null,{"v":6800,"d":"6,800.00"},{"v":1360,"d":"1,360.00"},{"v":4300,"d":"4,300.00"},{"v":0.3,"d":"30%"},{"v":1290,"d":"1,290.00"},{"v":-0.051,"d":"-5.1%"}]
[40,null,"磁力钻",null,null,"台",3,"2010-02-28",null,{"v":8640,"d":"8,640.00"},{"v":1728,"d":"1,728.00"},{"v":8550,"d":"8,550.00"},{"v":0.3,"d":"30%"},{"v":2565,"d":"2,565.00"},{"v":0.484,"d":"48.4%"}]
[41,null,"硫化机",null,null,"台",1,"2010-11-30",null,{"v":49000,"d":"49,000.00"},{"v":9800,"d":"9,800.00"},{"v":50000,"d":"50,000.00"},{"v":0.3,"d":"30%"},{"v":15000,"d":"15,000.00"},{"v":0.531,"d":"53.1%"}]
[42,null,"校直机",null,null,"台",1,"2010-11-30",null,null,0,{"v":6600,"d":"6,600.00"},{"v":0.3,"d":"30%"},{"v":1980,"d":"1,980.00"},{"v":0,"d":"0.0%"}]
[43,null,"电动扭力扳手",null,null,"台",2,"2010-11-30",null,{"v":11200,"d":"11,200.00"},{"v":2240,"d":"2,240.00"},{"v":5300,"d":"5,300.00"},{"v":0.3,"d":"30%"},{"v":1590,"d":"1,590.00"},{"v":-0.29,"d":"-29.0%"}]
[44,null,"液压弯管器",null,null,"台",6,"2010-11-30",null,{"v":14400,"d":"14,400.00"},{"v":2880,"d":"2,880.00"},{"v":13800,"d":"13,800.00"},{"v":0.3,"d":"30%"},{"v":4140,"d":"4,140.00"},{"v":0.438,"d":"43.8%"}]
[45,null,"液压千斤顶","200t",null,"台",2,"2010-11-30",null,null,0,{"v":18400,"d":"18,400.00"},{"v":0.3,"d":"30%"},{"v":5520,"d":"5,520.00"},{"v":0,"d":"0.0%"}]
[46,null,"液压千斤顶","100t",null,"台",10,"2010-11-30",null,null,0,{"v":40000,"d":"40,000.00"},{"v":0.3,"d":"30%"},{"v":12000,"d":"12,000.00"},{"v":0,"d":"0.0%"}]
[47,null,"液压千斤顶","8T-50T",null,"台",15,"2010-11-30",null,null,0,{"v":51000,"d":"51,000.00"},{"v":0.3,"d":"30%"},{"v":15300,"d":"15,300.00"},{"v":0,"d":"0.0%"}]
[48,null,"机械千斤顶","8T-32t",null,"台",20,"2010-11-30",null,null,0,{"v":38000,"d":"38,000.00"},{"v":0.3,"d":"30%"},{"v":11400,"d":"11,400.00"},{"v":0,"d":"0.0%"}]
[49,null,"机械千斤顶","50t",null,"台",6,"2010-11-30",null,null,0,{"v":13560,"d":"13,560.00"},{"v":0.3,"d":"30%"},{"v":4068,"d":"4,068.00"},{"v":0,"d":"0.0%"}]
[50,null,"手拉葫芦","20T",null,"台",7,"2010-11-30",null,{"v":43400,"d":"43,400.00"},{"v":8680,"d":"8,680.00"},{"v":66080,"d":"66,080.00"},{"v":0.3,"d":"30%"},{"v":19824,"d":"19,824.00"},{"v":1.284,"d":"128.4%"}]
[51,null,"手拉葫芦","10T",null,"台",14,"2010-11-30",null,{"v":40320,"d":"40,320.00"},{"v":8064,"d":"8,064.00"},{"v":69986,"d":"69,986.00"},{"v":0.3,"d":"30%"},{"v":20995.8,"d":"20,995.80"},{"v":1.604,"d":"160.4%"}]
[52,null,"手拉葫芦","1-3T",null,"台",75,"2010-11-30",null,null,0,{"v":126750,"d":"126,750.00"},{"v":0.3,"d":"30%"},{"v":38025,"d":"38,025.00"},{"v":0,"d":"0.0%"}]
[53,null,"手拉葫芦","5T",null,"台",80,"2011-03-31",null,null,0,{"v":88000,"d":"88,000.00"},{"v":0.4,"d":"40%"},{"v":35200,"d":"35,200.00"},{"v":0,"d":"0.0%"}]
[54,null,"烘箱",null,null,"台",3,"2011-03-31",null,{"v":6900,"d":"6,900.00"},{"v":1380,"d":"1,380.00"},{"v":9300,"d":"9,300.00"},{"v":0.4,"d":"40%"},{"v":3720,"d":"3,720.00"},{"v":1.696,"d":"169.6%"}]
[55,null,"角磨机",null,null,"台",3,"2011-03-31",null,{"v":3510,"d":"3,510.00"},{"v":702,"d":"702.00"},{"v":3300,"d":"3,300.00"},{"v":0.4,"d":"40%"},{"v":1320,"d":"1,320.00"},{"v":0.88,"d":"88.0%"}]
[56,null,"搅拌机",null,null,"台",4,"2011-03-31",null,{"v":8000,"d":"8,000.00"},{"v":1600,"d":"1,600.00"},{"v":9200,"d":"9,200.00"},{"v":0.4,"d":"40%"},{"v":3680,"d":"3,680.00"},{"v":1.3,"d":"130.0%"}]
[57,null,"电锤",null,null,"台",4,"2011-03-31",null,{"v":12800,"d":"12,800.00"},{"v":2560,"d":"2,560.00"},{"v":8800,"d":"8,800.00"},{"v":0.4,"d":"40%"},{"v":3520,"d":"3,520.00"},{"v":0.375,"d":"37.5%"}]
[58,null,"框式水平仪",null,null,"台",37,"2011-03-31",null,null,0,{"v":45140,"d":"45,140.00"},{"v":0.4,"d":"40%"},{"v":18056,"d":"18,056.00"},{"v":0,"d":"0.0%"}]
[59,null,"条式水平仪",null,null,"台",7,"2011-03-31",null,null,0,{"v":7700,"d":"7,700.00"},{"v":0.4,"d":"40%"},{"v":3080,"d":"3,080.00"},{"v":0,"d":"0.0%"}]
[60,null,"电动导丝机","1/2\"-3\"",null,"台",8,"2011-03-31",null,{"v":25600,"d":"25,600.00"},{"v":5120,"d":"5,120.00"},{"v":24800,"d":"24,800.00"},{"v":0.4,"d":"40%"},{"v":9920,"d":"9,920.00"},{"v":0.938,"d":"93.8%"}]
[61,null,"半自动割刀",null,null,"台",11,"2011-04-30",null,{"v":136081,"d":"136,081.00"},{"v":27216.2,"d":"27,216.20"},{"v":82500,"d":"82,500.00"},{"v":0.4,"d":"40%"},{"v":33000,"d":"33,000.00"},{"v":0.213,"d":"21.3%"}]
[62,null,"台式砂轮机",null,null,"台",4,"2011-04-30",null,{"v":5280,"d":"5,280.00"},{"v":1056,"d":"1,056.00"},{"v":4800,"d":"4,800.00"},{"v":0.4,"d":"40%"},{"v":1920,"d":"1,920.00"},{"v":0.818,"d":"81.8%"}]
[63,null,"电动扳手",null,null,"台",3,"2011-04-30",null,{"v":17400,"d":"17,400.00"},{"v":3480,"d":"3,480.00"},{"v":9600,"d":"9,600.00"},{"v":0.4,"d":"40%"},{"v":3840,"d":"3,840.00"},{"v":0.103,"d":"10.3%"}]
[64,null,"手电钻",null,null,"台",3,"2011-04-30",null,{"v":8400,"d":"8,400.00"},{"v":1680,"d":"1,680.00"},{"v":6300,"d":"6,300.00"},{"v":0.4,"d":"40%"},{"v":2520,"d":"2,520.00"},{"v":0.5,"d":"50.0%"}]
[65,null,"扭力扳手",null,null,"台",10,"2011-04-30",null,{"v":58000,"d":"58,000.00"},{"v":11600,"d":"11,600.00"},{"v":42000,"d":"42,000.00"},{"v":0.4,"d":"40%"},{"v":16800,"d":"16,800.00"},{"$f":"IF(K72=0,,(N72-K72)/K72)","v":{"v":0.448,"d":"44.8%"}}]
[66,null,"钢板夹",null,null,"台",15,"2011-04-30",null,null,0,{"v":25320,"d":"25,320.00"},{"v":0.4,"d":"40%"},{"v":10128,"d":"10,128.00"},{"v":0,"d":"0.0%"}]
[67,null,"木工台锯，刨木机",null,null,"台",3,"2011-04-30",null,null,0,{"v":5280,"d":"5,280.00"},{"v":0.4,"d":"40%"},{"$f":"L74*M74","v":{"v":2112,"d":"2,112.00"}},{"v":0,"d":"0.0%"}]
[68,null,"龙门钳",null,null,"台",2,"2011-04-30",null,null,0,{"v":720,"d":"720.00"},{"v":0.4,"d":"40%"},{"v":288,"d":"288.00"},{"v":0,"d":"0.0%"}]
[69,null,"行走小车","3T",null,"台",3,"2011-04-30",null,null,0,{"v":14400,"d":"14,400.00"},{"v":0.4,"d":"40%"},{"v":5760,"d":"5,760.00"},{"v":0,"d":"0.0%"}]
[70,null,"配电柜",null,null,"台",15,"2011-04-30",null,null,0,{"v":34500,"d":"34,500.00"},{"v":0.4,"d":"40%"},{"v":13800,"d":"13,800.00"},{"v":0,"d":"0.0%"}]
[72,null,"电磨",null,null,"台",2,"2011-04-30",null,null,0,{"v":2600,"d":"2,600.00"},{"v":0.4,"d":"40%"},{"v":1040,"d":"1,040.00"},{"v":0,"d":"0.0%"}]
[73,null,"叉车",null,null,"台",6,"2011-04-30",null,null,0,{"v":192000,"d":"192,000.00"},{"v":0.4,"d":"40%"},{"v":76800,"d":"76,800.00"},{"v":0,"d":"0.0%"}]
[74,null,"振动电机",null,null,"台",9,"2011-04-30",null,{"v":26208,"d":"26,208.00"},{"v":5241.6,"d":"5,241.60"},{"v":24750,"d":"24,750.00"},{"v":0.4,"d":"40%"},{"v":9900,"d":"9,900.00"},{"v":0.889,"d":"88.9%"}]
[75,null,"行走小车","5T",null,"台",4,"2011-04-30",null,null,0,{"v":19200,"d":"19,200.00"},{"v":0.4,"d":"40%"},{"v":7680,"d":"7,680.00"},{"v":0,"d":"0.0%"}]
[76,null,"电动坡口机",null,null,"台",1,"2011-04-30",null,null,0,{"v":2600,"d":"2,600.00"},{"v":0.4,"d":"40%"},{"v":1040,"d":"1,040.00"},{"v":0,"d":"0.0%"}]
[77,null,"手动扳丝机","1-2\"-2",null,"台",4,"2011-04-30",null,null,0,{"v":8200,"d":"8,200.00"},{"v":0.4,"d":"40%"},{"v":3280,"d":"3,280.00"},{"v":0,"d":"0.0%"}]
[78,null,"手动扳丝机","4\"",null,"台",1,"2011-04-30",null,null,0,{"v":2050,"d":"2,050.00"},{"v":0.4,"d":"40%"},{"v":820,"d":"820.00"},{"v":0,"d":"0.0%"}]
[79,null,"手摇抽油泵",null,null,"台",6,"2011-04-30",null,null,0,{"v":18000,"d":"18,000.00"},{"v":0.4,"d":"40%"},{"v":7200,"d":"7,200.00"},{"v":0,"d":"0.0%"}]
[80,null,"潜水泵",null,null,"台",3,"2011-12-31",null,{"v":6900,"d":"6,900.00"},{"v":1380,"d":"1,380.00"},{"v":9900,"d":"9,900.00"},{"v":0.4,"d":"40%"},{"v":3960,"d":"3,960.00"},{"v":1.87,"d":"187.0%"}]
[81,null,"柴油发电机",null,null,"台",3,"2011-12-31",null,{"v":17160,"d":"17,160.00"},{"v":3432,"d":"3,432.00"},{"v":5100,"d":"5,100.00"},{"v":0.4,"d":"40%"},{"v":2040,"d":"2,040.00"},{"v":-0.406,"d":"-40.6%"}]
[82,null,"鼓风机",null,null,"台",5,"2011-12-31",null,null,0,{"v":15500,"d":"15,500.00"},{"v":0.4,"d":"40%"},{"v":6200,"d":"6,200.00"},{"v":0,"d":"0.0%"}]
[83,null,"摇臂钻床","Z35、50mm",null,"台",1,"2011-12-31",null,null,0,{"v":19800,"d":"19,800.00"},{"v":0.4,"d":"40%"},{"v":7920,"d":"7,920.00"},{"v":0,"d":"0.0%"}]
[84,null,"摇臂钻床","ZY3725、25mm",null,"台",2,"2011-12-31",null,null,0,{"v":45600,"d":"45,600.00"},{"v":0.4,"d":"40%"},{"v":18240,"d":"18,240.00"},{"v":0,"d":"0.0%"}]
[85,null,"摇臂钻床","Z3132/32mm",null,"台",1,"2011-12-31",null,null,0,{"v":11900,"d":"11,900.00"},{"v":0.4,"d":"40%"},{"v":4760,"d":"4,760.00"},{"v":0,"d":"0.0%"}]
[86,null,"试压泵",null,null,"台",3,"2011-12-31",null,null,0,{"v":9750,"d":"9,750.00"},{"v":0.4,"d":"40%"},{"v":3900,"d":"3,900.00"},{"v":0,"d":"0.0%"}]
[87,null,"切割机","二相",null,"台",2,"2011-12-31",null,{"v":14500,"d":"14,500.00"},{"v":2900,"d":"2,900.00"},{"v":9600,"d":"9,600.00"},{"v":0.4,"d":"40%"},{"v":3840,"d":"3,840.00"},{"v":0.324,"d":"32.4%"}]
[88,null,"切割机","三相",null,"台",2,"2011-12-31",null,{"v":10400,"d":"10,400.00"},{"v":2080,"d":"2,080.00"},{"v":9600,"d":"9,600.00"},{"v":0.4,"d":"40%"},{"v":3840,"d":"3,840.00"},{"v":0.846,"d":"84.6%"}]
[89,null,"发电机","大",null,"台",3,"2011-12-31",null,{"v":8700,"d":"8,700.00"},{"v":1740,"d":"1,740.00"},{"v":9300,"d":"9,300.00"},{"v":0.4,"d":"40%"},{"v":3720,"d":"3,720.00"},{"v":1.138,"d":"113.8%"}]
[90,null,"发电机",null,null,"台",2,"2011-12-31",null,{"v":4200,"d":"4,200.00"},{"v":840,"d":"840.00"},{"v":6200,"d":"6,200.00"},{"v":0.4,"d":"40%"},{"v":2480,"d":"2,480.00"},{"v":1.952,"d":"195.2%"}]
[91,null,"电机",null,null,"台",8,"2011-12-31",null,{"v":23296,"d":"23,296.00"},{"v":4659.2,"d":"4,659.20"},{"v":2500,"d":"2,500.00"},{"v":0.4,"d":"40%"},{"v":1000,"d":"1,000.00"},{"v":-0.785,"d":"-78.5%"}]
[92,null,"大八相滑子",null,null,"台",2,"2011-12-31",null,{"v":320,"d":"320.00"},{"v":64,"d":"64.00"},{"v":320,"d":"320.00"},{"v":0.4,"d":"40%"},{"v":128,"d":"128.00"},{"v":1,"d":"100.0%"}]
[93,null,"电动千斤顶",null,null,"台",3,"2011-12-31",null,{"v":22200,"d":"22,200.00"},{"v":4440,"d":"4,440.00"},{"v":7500,"d":"7,500.00"},{"v":0.4,"d":"40%"},{"v":3000,"d":"3,000.00"},{"v":-0.324,"d":"-32.4%"}]
[94,null,"保险柜",null,null,"台",2,"2011-12-31",null,null,0,{"v":1980,"d":"1,980.00"},{"v":0.4,"d":"40%"},{"v":792,"d":"792.00"},{"v":0,"d":"0.0%"}]
[95,null,"锅炉",null,null,"台",1,"2011-12-31",null,{"v":3000,"d":"3,000.00"},{"v":600,"d":"600.00"},{"v":1969,"d":"1,969.00"},{"v":0.4,"d":"40%"},{"v":787.6,"d":"787.60"},{"v":0.313,"d":"31.3%"}]
[96,null,"蒸饭器",null,null,"台",1,"2011-12-31",null,{"v":2800,"d":"2,800.00"},{"v":560,"d":"560.00"},{"v":2300,"d":"2,300.00"},{"v":0.4,"d":"40%"},{"v":920,"d":"920.00"},{"v":0.643,"d":"64.3%"}]
[97,null,"冰柜",null,null,"台",1,"2011-12-31",null,{"v":9420,"d":"9,420.00"},{"v":1884,"d":"1,884.00"},{"v":5300,"d":"5,300.00"},{"v":0.4,"d":"40%"},{"v":2120,"d":"2,120.00"},{"v":0.125,"d":"12.5%"}]
[98,null,"试压泵",null,null,"台",2,"2011-12-31",null,null,0,{"v":6500,"d":"6,500.00"},{"v":0.4,"d":"40%"},{"v":2600,"d":"2,600.00"},{"v":0,"d":"0.0%"}]
[99,null,"水泵",null,null,"台",4,"2011-12-31",null,null,0,{"v":9520,"d":"9,520.00"},{"v":0.4,"d":"40%"},{"v":3808,"d":"3,808.00"},{"v":0,"d":"0.0%"}]
[100,null,"压线钳",null,null,"套",5,"2011-12-31",null,null,0,{"v":8000,"d":"8,000.00"},{"v":0.4,"d":"40%"},{"v":3200,"d":"3,200.00"},{"v":0,"d":"0.0%"}]
[101,null,"广东南雄项目工地：",{"$nulls":6},{"v":0,"d":"0.00"},0,null,null,{"v":0,"d":"0.00"},{"v":0,"d":"0.0%"}]
[102,null,"龙门吊","10T",null,"台",3,"2012-07-31",null,{"v":166787.79,"d":"166,787.79"},{"v":33357.56,"d":"33,357.56"},{"v":240000,"d":"240,000.00"},{"v":0.5,"d":"50%"},{"v":120000,"d":"120,000.00"},{"v":2.597,"d":"259.7%"}]
[103,null,"交流电焊机",null,null,"台",169,"2012-07-31",null,null,0,{"v":361660,"d":"361,660.00"},{"v":0.5,"d":"50%"},{"v":180830,"d":"180,830.00"},{"v":0,"d":"0.0%"}]
[104,null,"直流电焊机",630,null,"台",2,"2012-07-31",null,{"v":15200,"d":"15,200.00"},{"v":3040,"d":"3,040.00"},{"v":5100,"d":"5,100.00"},{"v":0.5,"d":"50%"},{"v":2550,"d":"2,550.00"},{"v":-0.161,"d":"-16.1%"}]
[105,null,"直流电焊机","小",null,"台",2,"2012-07-31",null,{"v":12800,"d":"12,800.00"},{"v":2560,"d":"2,560.00"},{"v":5100,"d":"5,100.00"},{"v":0.5,"d":"50%"},{"v":2550,"d":"2,550.00"},{"v":-0.004,"d":"-0.4%"}]
[106,null,"二保电焊机",null,null,"台",16,"2012-07-31",null,{"v":48000,"d":"48,000.00"},{"v":9600,"d":"9,600.00"},{"v":64000,"d":"64,000.00"},{"v":0.5,"d":"50%"},{"v":32000,"d":"32,000.00"},{"v":2.333,"d":"233.3%"}]
[107,null,"二保电焊机","机头",null,"台",20,"2012-07-31",null,{"v":60000,"d":"60,000.00"},{"v":12000,"d":"12,000.00"},{"v":80000,"d":"80,000.00"},{"v":0.5,"d":"50%"},{"v":40000,"d":"40,000.00"},{"v":2.333,"d":"233.3%"}]
[108,null,"埋弧电焊机",null,null,"台",2,"2012-07-31",null,{"v":66000,"d":"66,000.00"},{"v":13200,"d":"13,200.00"},{"v":70288,"d":"70,288.00"},{"v":0.5,"d":"50%"},{"v":35144,"d":"35,144.00"},{"v":1.662,"d":"166.2%"}]
[109,null,"等离子焊机","15-25*2000",null,"台",2,"2012-07-31",null,null,0,{"v":11000,"d":"11,000.00"},{"v":0.5,"d":"50%"},{"v":5500,"d":"5,500.00"},{"v":0,"d":"0.0%"}]
[110,null,"卷板机","5T",null,"台",5,"2012-07-31",null,{"v":425000,"d":"425,000.00"},{"v":85000,"d":"85,000.00"},{"v":35000,"d":"35,000.00"},{"v":0.5,"d":"50%"},{"v":17500,"d":"17,500.00"},{"v":-0.794,"d":"-79.4%"}]
[111,null,"卷扬机",null,null,"台",4,"2012-07-31",null,{"v":61200,"d":"61,200.00"},{"v":12240,"d":"12,240.00"},{"v":23200,"d":"23,200.00"},{"v":0.5,"d":"50%"},{"v":11600,"d":"11,600.00"},{"v":-0.052,"d":"-5.2%"}]
[112,null,"经纬仪",null,null,"台",4,"2012-07-31",null,{"v":36000,"d":"36,000.00"},{"v":7200,"d":"7,200.00"},{"v":24000,"d":"24,000.00"},{"v":0.5,"d":"50%"},{"v":12000,"d":"12,000.00"},{"v":0.667,"d":"66.7%"}]
[113,null,"水准仪 ",null,null,"台",9,"2012-07-31",null,{"v":13050,"d":"13,050.00"},{"v":2610,"d":"2,610.00"},{"v":9000,"d":"9,000.00"},{"v":0.5,"d":"50%"},{"v":4500,"d":"4,500.00"},{"v":0.724,"d":"72.4%"}]
[114,null,"空压机","63带杀罐，储气罐",null,"台",3,"2012-07-31",null,{"v":17400,"d":"17,400.00"},{"v":3480,"d":"3,480.00"},{"v":5000,"d":"5,000.00"},{"v":0.5,"d":"50%"},{"v":2500,"d":"2,500.00"},{"v":-0.282,"d":"-28.2%"}]
[115,null,"空压机",null,null,"台",4,"2012-07-31",null,{"v":8400,"d":"8,400.00"},{"v":1680,"d":"1,680.00"},{"v":9200,"d":"9,200.00"},{"v":0.5,"d":"50%"},{"v":4600,"d":"4,600.00"},{"v":1.738,"d":"173.8%"}]
[116,null,"储气罐",null,null,"台",1,"2012-07-31",null,null,0,{"v":2300,"d":"2,300.00"},{"v":0.5,"d":"50%"},{"v":1150,"d":"1,150.00"},{"v":0,"d":"0.0%"}]
[117,null,"打码机",null,null,"台",1,"2012-07-31",null,null,0,{"v":2600,"d":"2,600.00"},{"v":0.5,"d":"50%"},{"v":1300,"d":"1,300.00"},{"v":0,"d":"0.0%"}]
[118,null,"扭剪扳手",null,null,"台",2,"2012-07-31",null,{"v":13600,"d":"13,600.00"},{"v":2720,"d":"2,720.00"},{"v":9600,"d":"9,600.00"},{"v":0.5,"d":"50%"},{"v":4800,"d":"4,800.00"},{"v":0.765,"d":"76.5%"}]
[119,null,"磁力钻",null,null,"台",3,"2012-07-31",null,{"v":8640,"d":"8,640.00"},{"v":1728,"d":"1,728.00"},{"v":7500,"d":"7,500.00"},{"v":0.5,"d":"50%"},{"v":3750,"d":"3,750.00"},{"v":1.17,"d":"117.0%"}]
[120,null,"砌砖机",null,null,"台",1,"2012-07-31",null,{"v":82500,"d":"82,500.00"},{"v":16500,"d":"16,500.00"},{"v":66000,"d":"66,000.00"},{"v":0.5,"d":"50%"},{"v":33000,"d":"33,000.00"},{"v":1,"d":"100.0%"}]
[121,null,"液压弯管机",null,null,"台",1,"2012-07-31",null,{"v":2400,"d":"2,400.00"},{"v":480,"d":"480.00"},{"v":2000,"d":"2,000.00"},{"v":0.5,"d":"50%"},{"v":1000,"d":"1,000.00"},{"v":1.083,"d":"108.3%"}]
[122,null,"液压千斤顶","100t",null,"台",5,"2012-07-31",null,null,0,{"v":20000,"d":"20,000.00"},{"v":0.5,"d":"50%"},{"v":10000,"d":"10,000.00"},{"v":0,"d":"0.0%"}]
[123,null,"液压千斤顶","8-50t",null,"台",5,"2012-07-31",null,null,0,{"v":17000,"d":"17,000.00"},{"v":0.5,"d":"50%"},{"v":8500,"d":"8,500.00"},{"v":0,"d":"0.0%"}]
[124,null,"液压千斤顶","8-32t",null,"台",22,"2012-07-31",null,null,0,{"v":41800,"d":"41,800.00"},{"v":0.5,"d":"50%"},{"v":20900,"d":"20,900.00"},{"v":0,"d":"0.0%"}]
[125,null,"手拉葫芦","1-3T",null,"台",174,"2012-07-31",null,{"v":261000,"d":"261,000.00"},{"v":52200,"d":"52,200.00"},{"v":294060,"d":"294,060.00"},{"v":0.5,"d":"50%"},{"v":147030,"d":"147,030.00"},{"v":1.817,"d":"181.7%"}]
[126,null,"烘箱",null,null,"台",2,"2012-07-31",null,{"v":4600,"d":"4,600.00"},{"v":920,"d":"920.00"},{"v":3500,"d":"3,500.00"},{"v":0.5,"d":"50%"},{"v":1750,"d":"1,750.00"},{"v":0.902,"d":"90.2%"}]
[127,null,"角磨机",null,null,"台",34,"2012-07-31",null,{"v":39780,"d":"39,780.00"},{"v":7956,"d":"7,956.00"},{"v":34000,"d":"34,000.00"},{"v":0.5,"d":"50%"},{"v":17000,"d":"17,000.00"},{"v":1.137,"d":"113.7%"}]
[128,null,"搅拌机",null,null,"台",10,"2012-07-31",null,{"v":20000,"d":"20,000.00"},{"v":4000,"d":"4,000.00"},{"v":22000,"d":"22,000.00"},{"v":0.5,"d":"50%"},{"v":11000,"d":"11,000.00"},{"v":1.75,"d":"175.0%"}]
[129,null,"电锤",null,null,"台",12,"2012-07-31",null,{"v":38400,"d":"38,400.00"},{"v":7680,"d":"7,680.00"},{"v":26400,"d":"26,400.00"},{"v":0.5,"d":"50%"},{"v":13200,"d":"13,200.00"},{"v":0.719,"d":"71.9%"}]
[130,null,"框式水平仪",null,null,"台",11,"2012-07-31",null,{"v":13420,"d":"13,420.00"},{"v":2684,"d":"2,684.00"},{"v":24200,"d":"24,200.00"},{"v":0.5,"d":"50%"},{"v":12100,"d":"12,100.00"},{"$f":"IF(K136=0,,(N136-K136)/K136)","v":{"v":3.508,"d":"350.8%"}}]
[131,null,"条式水平仪",null,null,"台",2,"2012-07-31",null,{"v":2200,"d":"2,200.00"},{"v":440,"d":"440.00"},{"v":2000,"d":"2,000.00"},{"v":0.5,"d":"50%"},{"v":1000,"d":"1,000.00"},{"v":1.273,"d":"127.3%"}]
[132,null,"电动导丝机","1/2\"-3\"",null,"台",3,"2012-07-31",null,{"v":9600,"d":"9,600.00"},{"v":1920,"d":"1,920.00"},{"v":4500,"d":"4,500.00"},{"v":0.5,"d":"50%"},{"$f":"L138*M138","v":{"v":2250,"d":"2,250.00"}},{"v":0.172,"d":"17.2%"}]
[133,null,"手动扳丝机","1/2\"-2\"",null,"台",3,"2012-07-31",null,{"v":6750,"d":"6,750.00"},{"v":1350,"d":"1,350.00"},{"v":10950,"d":"10,950.00"},{"v":0.5,"d":"50%"},{"v":5475,"d":"5,475.00"},{"v":3.056,"d":"305.6%"}]
[134,null,"半自动割刀",null,null,"台",14,"2012-07-31",null,{"v":173194,"d":"173,194.00"},{"v":34638.8,"d":"34,638.80"},{"v":105000,"d":"105,000.00"},{"v":0.5,"d":"50%"},{"v":52500,"d":"52,500.00"},{"v":0.516,"d":"51.6%"}]
[135,null,"送丝机头",null,null,"台",4,"2012-07-31",null,null,0,{"v":4000,"d":"4,000.00"},{"v":0.5,"d":"50%"},{"v":2000,"d":"2,000.00"},{"v":0,"d":"0.0%"}]
[136,null,"台式砂轮机",null,null,"台",2,"2012-07-31",null,{"v":2640,"d":"2,640.00"},{"v":528,"d":"528.00"},{"v":2400,"d":"2,400.00"},{"v":0.5,"d":"50%"},{"v":1200,"d":"1,200.00"},{"v":1.273,"d":"127.3%"}]
[137,null,"电动扳手",null,null,"台",8,"2012-07-31",null,{"v":46400,"d":"46,400.00"},{"v":9280,"d":"9,280.00"},{"v":25600,"d":"25,600.00"},{"v":0.5,"d":"50%"},{"v":12800,"d":"12,800.00"},{"v":0.379,"d":"37.9%"}]
[138,null,"手电钻",null,null,"台",3,"2012-07-31",null,{"v":8400,"d":"8,400.00"},{"v":1680,"d":"1,680.00"},{"v":6300,"d":"6,300.00"},{"v":0.5,"d":"50%"},{"v":3150,"d":"3,150.00"},{"v":0.875,"d":"87.5%"}]
[139,null,"扭力扳手",null,null,"台",5,"2012-07-31",null,{"v":29000,"d":"29,000.00"},{"v":5800,"d":"5,800.00"},{"v":21000,"d":"21,000.00"},{"v":0.5,"d":"50%"},{"v":10500,"d":"10,500.00"},{"v":0.81,"d":"81.0%"}]
[140,null,"钢板夹",null,null,"台",12,"2012-07-31",null,null,0,{"v":33600,"d":"33,600.00"},{"v":0.5,"d":"50%"},{"v":16800,"d":"16,800.00"},{"v":0,"d":"0.0%"}]
[141,null,"木工台锯，刨木机",null,null,"台",7,"2012-07-31",null,null,0,{"v":12320,"d":"12,320.00"},{"v":0.5,"d":"50%"},{"v":6160,"d":"6,160.00"},{"v":0,"d":"0.0%"}]
[142,null,"配电柜",null,null,"台",24,"2012-07-31",null,null,0,{"v":55200,"d":"55,200.00"},{"v":0.5,"d":"50%"},{"v":27600,"d":"27,600.00"},{"v":0,"d":"0.0%"}]
[143,null,"电磨",null,null,"台",2,"2012-07-31",null,null,0,{"v":2600,"d":"2,600.00"},{"v":0.5,"d":"50%"},{"v":1300,"d":"1,300.00"},{"v":0,"d":"0.0%"}]
[144,null,"叉车",null,null,"台",1,"2012-07-31",null,null,0,{"v":32000,"d":"32,000.00"},{"v":0.5,"d":"50%"},{"v":16000,"d":"16,000.00"},{"v":0,"d":"0.0%"}]
[145,null,"鼓风机",null,null,"台",1,"2012-07-31",null,null,0,{"v":3100,"d":"3,100.00"},{"v":0.5,"d":"50%"},{"v":1550,"d":"1,550.00"},{"v":0,"d":"0.0%"}]
[146,null,"切割机","二相",null,"台",2,"2012-07-31",null,{"v":14500,"d":"14,500.00"},{"v":2900,"d":"2,900.00"},{"v":9600,"d":"9,600.00"},{"v":0.5,"d":"50%"},{"v":4800,"d":"4,800.00"},{"v":0.655,"d":"65.5%"}]
[147,null,"切割机","三相",null,"台",3,"2012-07-31",null,{"v":15600,"d":"15,600.00"},{"v":3120,"d":"3,120.00"},{"v":13500,"d":"13,500.00"},{"v":0.5,"d":"50%"},{"v":6750,"d":"6,750.00"},{"v":1.163,"d":"116.3%"}]
[148,null,"保险柜",null,null,"台",1,"2012-07-31",null,null,0,{"v":990,"d":"990.00"},{"v":0.5,"d":"50%"},{"v":495,"d":"495.00"},{"v":0,"d":"0.0%"}]
[149,null,"蒸饭器",null,null,"台",1,"2012-07-31",null,{"v":2800,"d":"2,800.00"},{"v":560,"d":"560.00"},{"v":1200,"d":"1,200.00"},{"v":0.5,"d":"50%"},{"v":600,"d":"600.00"},{"v":0.071,"d":"7.1%"}]
[150,null,"冰柜",null,null,"台",1,"2012-07-31",null,{"v":9420,"d":"9,420.00"},{"v":1884,"d":"1,884.00"},{"v":5300,"d":"5,300.00"},{"v":0.5,"d":"50%"},{"v":2650,"d":"2,650.00"},{"v":0.407,"d":"40.7%"}]
[151,null,"试压泵",null,null,"台",2,"2012-07-31",null,null,0,{"v":6500,"d":"6,500.00"},{"v":0.5,"d":"50%"},{"v":3250,"d":"3,250.00"},{"v":0,"d":"0.0%"}]
[152,null,"水泵",null,null,"台",4,"2012-07-31",null,null,0,{"v":9520,"d":"9,520.00"},{"v":0.5,"d":"50%"},{"v":4760,"d":"4,760.00"},{"v":0,"d":"0.0%"}]
[153,null,"绞肉机",null,null,"台",1,"2012-07-31",null,null,0,{"v":1600,"d":"1,600.00"},{"v":0.5,"d":"50%"},{"v":800,"d":"800.00"},{"v":0,"d":"0.0%"}]
[154,null,"广东春谭：",{"$nulls":6},{"v":0,"d":"0.00"},0,null,null,{"v":0,"d":"0.00"},{"v":0,"d":"0.0%"}]
[155,null,"龙门吊","10T",null,"台",2,"2012-08-31",null,{"v":111191.86,"d":"111,191.86"},{"v":33357.56,"d":"33,357.56"},{"v":160000,"d":"160,000.00"},{"v":0.5,"d":"50%"},{"v":80000,"d":"80,000.00"},{"v":1.398,"d":"139.8%"}]
[156,null,"交流电焊机",null,null,"台",79,"2012-08-31",null,{"v":167480,"d":"167,480.00"},{"v":50244,"d":"50,244.00"},{"v":169060,"d":"169,060.00"},{"v":0.5,"d":"50%"},{"v":84530,"d":"84,530.00"},{"v":0.682,"d":"68.2%"}]
[157,null,"二保电焊机",null,null,"台",11,"2012-08-31",null,{"v":33000,"d":"33,000.00"},{"v":6600,"d":"6,600.00"},{"v":44000,"d":"44,000.00"},{"v":0.5,"d":"50%"},{"v":22000,"d":"22,000.00"},{"v":2.333,"d":"233.3%"}]
[158,null,"卷板机","15-25*2000",null,"台",2,"2012-08-31",null,null,0,{"v":11000,"d":"11,000.00"},{"v":0.5,"d":"50%"},{"v":5500,"d":"5,500.00"},{"v":0,"d":"0.0%"}]
[159,null,"卷扬机","5T",null,"台",1,"2012-08-31",null,{"v":85000,"d":"85,000.00"},{"v":17000,"d":"17,000.00"},{"v":12800,"d":"12,800.00"},{"v":0.5,"d":"50%"},{"v":6400,"d":"6,400.00"},{"v":-0.624,"d":"-62.4%"}]
[160,null,"水准仪 ",null,null,"台",1,"2012-08-31",null,{"v":1450,"d":"1,450.00"},{"v":290,"d":"290.00"},{"v":1000,"d":"1,000.00"},{"v":0.5,"d":"50%"},{"v":500,"d":"500.00"},{"v":0.724,"d":"72.4%"}]
[161,null,"探伤仪",null,null,"台",4,"2012-08-31",null,{"v":30000,"d":"30,000.00"},{"v":6000,"d":"6,000.00"},{"v":30000,"d":"30,000.00"},{"v":0.5,"d":"50%"},{"v":15000,"d":"15,000.00"},{"v":1.5,"d":"150.0%"}]
[162,null,"空压机","63带杀罐，储气罐",null,"台",1,"2012-08-31",null,{"v":5800,"d":"5,800.00"},{"v":1160,"d":"1,160.00"},{"v":3600,"d":"3,600.00"},{"v":0.5,"d":"50%"},{"v":1800,"d":"1,800.00"},{"v":0.552,"d":"55.2%"}]
[163,null,"空压机",null,null,"台",1,"2012-08-31",null,{"v":2100,"d":"2,100.00"},{"v":420,"d":"420.00"},{"v":2300,"d":"2,300.00"},{"v":0.5,"d":"50%"},{"v":1150,"d":"1,150.00"},{"v":1.738,"d":"173.8%"}]
[164,null,"储气罐",null,null,"台",1,"2012-08-31",null,null,0,{"v":2300,"d":"2,300.00"},{"v":0.5,"d":"50%"},{"v":1150,"d":"1,150.00"},{"v":0,"d":"0.0%"}]
[165,null,"扭剪扳手",null,null,"台",1,"2012-08-31",null,{"v":6800,"d":"6,800.00"},{"v":1360,"d":"1,360.00"},{"v":4800,"d":"4,800.00"},{"v":0.5,"d":"50%"},{"v":2400,"d":"2,400.00"},{"v":0.765,"d":"76.5%"}]
[166,null,"磁力钻",null,null,"台",3,"2012-08-31",null,{"v":8640,"d":"8,640.00"},{"v":1728,"d":"1,728.00"},{"v":7500,"d":"7,500.00"},{"v":0.5,"d":"50%"},{"v":3750,"d":"3,750.00"},{"v":1.17,"d":"117.0%"}]
[167,null,"电动扭力扳手",null,null,"台",1,"2012-08-31",null,{"v":5600,"d":"5,600.00"},{"v":1120,"d":"1,120.00"},{"v":4200,"d":"4,200.00"},{"v":0.5,"d":"50%"},{"v":2100,"d":"2,100.00"},{"v":0.875,"d":"87.5%"}]
[168,null,"液压弯管器",null,null,"台",1,"2012-08-31",null,{"v":2400,"d":"2,400.00"},{"v":480,"d":"480.00"},{"v":2000,"d":"2,000.00"},{"v":0.5,"d":"50%"},{"v":1000,"d":"1,000.00"},{"v":1.083,"d":"108.3%"}]
[169,null,"液压千斤顶","200t",null,"台",2,"2012-08-31",null,null,0,{"v":18400,"d":"18,400.00"},{"v":0.5,"d":"50%"},{"v":9200,"d":"9,200.00"},{"v":0,"d":"0.0%"}]
[170,null,"机械千斤顶","8T-32t",null,"台",16,"2012-08-31",null,null,0,{"v":30400,"d":"30,400.00"},{"v":0.5,"d":"50%"},{"v":15200,"d":"15,200.00"},{"v":0,"d":"0.0%"}]
[171,null,"机械千斤顶",50,null,"台",3,"2012-08-31",null,null,0,{"v":6780,"d":"6,780.00"},{"v":0.5,"d":"50%"},{"v":3390,"d":"3,390.00"},{"v":0,"d":"0.0%"}]
[172,null,"手拉葫芦","20T",null,"台",1,"2012-08-31",null,{"v":6200,"d":"6,200.00"},{"v":1240,"d":"1,240.00"},{"v":9440,"d":"9,440.00"},{"v":0.5,"d":"50%"},{"v":4720,"d":"4,720.00"},{"v":2.806,"d":"280.6%"}]
[173,null,"手拉葫芦","10T",null,"台",3,"2012-08-31",null,{"v":8640,"d":"8,640.00"},{"v":1728,"d":"1,728.00"},{"v":14997,"d":"14,997.00"},{"v":0.5,"d":"50%"},{"v":7498.5,"d":"7,498.50"},{"v":3.339,"d":"333.9%"}]
[174,null,"手拉葫芦","1-3T",null,"台",38,"2012-08-31",null,null,0,{"v":64220,"d":"64,220.00"},{"v":0.5,"d":"50%"},{"v":32110,"d":"32,110.00"},{"v":0,"d":"0.0%"}]
[175,null,"手拉葫芦","5T",null,"台",11,"2012-08-31",null,null,0,{"v":12100,"d":"12,100.00"},{"v":0.5,"d":"50%"},{"v":6050,"d":"6,050.00"},{"v":0,"d":"0.0%"}]
[176,null,"角磨机",null,null,"台",28,"2012-08-31",null,{"v":32760,"d":"32,760.00"},{"v":6552,"d":"6,552.00"},{"v":44100,"d":"44,100.00"},{"v":0.5,"d":"50%"},{"v":22050,"d":"22,050.00"},{"v":2.365,"d":"236.5%"}]
[177,null,"电锤",null,null,"台",1,"2012-08-31",null,{"v":3200,"d":"3,200.00"},{"v":640,"d":"640.00"},{"v":2200,"d":"2,200.00"},{"v":0.5,"d":"50%"},{"v":1100,"d":"1,100.00"},{"v":0.719,"d":"71.9%"}]
[178,null,"框式水平仪",null,null,"台",6,"2012-08-31",null,null,0,{"v":7320,"d":"7,320.00"},{"v":0.5,"d":"50%"},{"v":3660,"d":"3,660.00"},{"v":0,"d":"0.0%"}]
[179,null,"条式水平仪",null,null,"台",3,"2012-08-31",null,null,0,{"v":3300,"d":"3,300.00"},{"v":0.5,"d":"50%"},{"v":1650,"d":"1,650.00"},{"v":0,"d":"0.0%"}]
[180,null,"电动导丝机","1/2\"-3\"",null,"台",1,"2012-08-31",null,{"v":3200,"d":"3,200.00"},{"v":640,"d":"640.00"},{"v":1500,"d":"1,500.00"},{"v":0.5,"d":"50%"},{"v":750,"d":"750.00"},{"v":0.172,"d":"17.2%"}]
[181,null,"半自动割刀",null,null,"台",7,"2012-08-31",null,{"v":86597,"d":"86,597.00"},{"v":17319.4,"d":"17,319.40"},{"v":52500,"d":"52,500.00"},{"v":0.5,"d":"50%"},{"v":26250,"d":"26,250.00"},{"v":0.516,"d":"51.6%"}]
[182,null,"送丝机头",null,null,"台",2,"2012-08-31",null,null,0,{"v":2000,"d":"2,000.00"},{"v":0.5,"d":"50%"},{"v":1000,"d":"1,000.00"},{"v":0,"d":"0.0%"}]
[183,null,"台式砂轮机",null,null,"台",1,"2012-08-31",null,{"v":1320,"d":"1,320.00"},{"v":264,"d":"264.00"},{"v":1200,"d":"1,200.00"},{"v":0.5,"d":"50%"},{"v":600,"d":"600.00"},{"v":1.273,"d":"127.3%"}]
[184,null,"电动扳手",null,null,"台",2,"2012-08-31",null,{"v":11600,"d":"11,600.00"},{"v":2320,"d":"2,320.00"},{"v":6400,"d":"6,400.00"},{"v":0.5,"d":"50%"},{"v":3200,"d":"3,200.00"},{"v":0.379,"d":"37.9%"}]
[185,null,"扭力扳手",null,null,"台",2,"2012-08-31",null,{"v":11600,"d":"11,600.00"},{"v":2320,"d":"2,320.00"},{"v":8400,"d":"8,400.00"},{"v":0.5,"d":"50%"},{"v":4200,"d":"4,200.00"},{"v":0.81,"d":"81.0%"}]
[186,null,"钢板夹",null,null,"台",5,"2012-08-31",null,null,0,{"v":8440,"d":"8,440.00"},{"v":0.5,"d":"50%"},{"v":4220,"d":"4,220.00"},{"v":0,"d":"0.0%"}]
[187,null,"龙门钳",null,null,"台",1,"2012-08-31",null,null,0,{"v":360,"d":"360.00"},{"v":0.5,"d":"50%"},{"v":180,"d":"180.00"},{"v":0,"d":"0.0%"}]
[188,null,"电磨",null,null,"台",3,"2012-08-31",null,null,0,{"v":3900,"d":"3,900.00"},{"v":0.5,"d":"50%"},{"v":1950,"d":"1,950.00"},{"v":0,"d":"0.0%"}]
[189,null,"切割机","二相",null,"台",2,"2012-08-31",null,{"v":14500,"d":"14,500.00"},{"v":2900,"d":"2,900.00"},{"v":9600,"d":"9,600.00"},{"v":0.5,"d":"50%"},{"v":4800,"d":"4,800.00"},{"v":0.655,"d":"65.5%"}]
[190,null,"切割机","三相",null,"台",2,"2012-08-31",null,{"v":10400,"d":"10,400.00"},{"v":2080,"d":"2,080.00"},{"v":9000,"d":"9,000.00"},{"v":0.5,"d":"50%"},{"v":4500,"d":"4,500.00"},{"v":1.163,"d":"116.3%"}]
[191,null,"切割机","手提",null,"台",1,"2012-08-31",null,{"v":2900,"d":"2,900.00"},{"v":580,"d":"580.00"},{"v":3000,"d":"3,000.00"},{"v":0.5,"d":"50%"},{"v":1500,"d":"1,500.00"},{"v":1.586,"d":"158.6%"}]
[192,null,"保险柜",null,null,"台",1,"2012-08-31",null,null,0,{"v":990,"d":"990.00"},{"v":0.5,"d":"50%"},{"v":495,"d":"495.00"},{"v":0,"d":"0.0%"}]
[193,null,"四川康定：",{"$nulls":6},{"v":0,"d":"0.00"},0,null,null,{"v":0,"d":"0.00"},{"v":0,"d":"0.0%"}]
[194,null,"龙门吊","10T",null,"台",1,"2013-01-31",null,{"v":98500,"d":"98,500.00"},{"v":19700,"d":"19,700.00"},{"v":80000,"d":"80,000.00"},{"v":0.6,"d":"60%"},{"v":48000,"d":"48,000.00"},{"$f":"IF(K200=0,,(N200-K200)/K200)","v":{"v":1.437,"d":"143.7%"}}]
[195,null,"交流电焊机",null,null,"台",41,"2013-01-31",null,{"v":86920,"d":"86,920.00"},{"v":17384,"d":"17,384.00"},{"v":87740,"d":"87,740.00"},{"v":0.6,"d":"60%"},{"v":52644,"d":"52,644.00"},{"v":2.028,"d":"202.8%"}]
[196,null,"二保电焊机",null,null,"台",7,"2013-01-31",null,{"v":21000,"d":"21,000.00"},{"v":4200,"d":"4,200.00"},{"v":28000,"d":"28,000.00"},{"v":0.6,"d":"60%"},{"$f":"L202*M202","v":{"v":16800,"d":"16,800.00"}},{"v":3,"d":"300.0%"}]
[197,null,"等离子焊机",null,null,"台",2,"2013-01-31",null,null,0,{"v":11000,"d":"11,000.00"},{"v":0.6,"d":"60%"},{"v":6600,"d":"6,600.00"},{"v":0,"d":"0.0%"}]
[198,null,"卷板机","15-25*2000",null,"台",1,"2013-01-31",null,{"v":85000,"d":"85,000.00"},{"v":17000,"d":"17,000.00"},{"v":85700,"d":"85,700.00"},{"v":0.6,"d":"60%"},{"v":51420,"d":"51,420.00"},{"v":2.025,"d":"202.5%"}]
[199,null,"卷扬机","5T",null,"台",2,"2013-01-31",null,{"v":30600,"d":"30,600.00"},{"v":6120,"d":"6,120.00"},{"v":25600,"d":"25,600.00"},{"v":0.6,"d":"60%"},{"v":15360,"d":"15,360.00"},{"v":1.51,"d":"151.0%"}]
[200,null,"卷扬机","1-3T",null,"台",1,"2013-01-31",null,{"v":5800,"d":"5,800.00"},{"v":1160,"d":"1,160.00"},{"v":5800,"d":"5,800.00"},{"v":0.6,"d":"60%"},{"v":3480,"d":"3,480.00"},{"v":2,"d":"200.0%"}]
[201,null,"经纬仪",null,null,"台",1,"2013-01-31",null,{"v":9000,"d":"9,000.00"},{"v":1800,"d":"1,800.00"},{"v":6000,"d":"6,000.00"},{"v":0.6,"d":"60%"},{"v":3600,"d":"3,600.00"},{"v":1,"d":"100.0%"}]
[202,null,"水准仪 ",null,null,"台",1,"2013-01-31",null,{"v":1450,"d":"1,450.00"},{"v":290,"d":"290.00"},{"v":1000,"d":"1,000.00"},{"v":0.6,"d":"60%"},{"v":600,"d":"600.00"},{"v":1.069,"d":"106.9%"}]
[203,null,"空压机","63带杀罐，储气罐",null,"台",1,"2013-01-31",null,{"v":5800,"d":"5,800.00"},{"v":1160,"d":"1,160.00"},{"v":3600,"d":"3,600.00"},{"v":0.6,"d":"60%"},{"v":2160,"d":"2,160.00"},{"v":0.862,"d":"86.2%"}]
[204,null,"空压机",null,null,"台",3,"2013-01-31",null,{"v":6300,"d":"6,300.00"},{"v":1260,"d":"1,260.00"},{"v":6900,"d":"6,900.00"},{"v":0.6,"d":"60%"},{"v":4140,"d":"4,140.00"},{"v":2.286,"d":"228.6%"}]
[205,null,"储气罐",null,null,"台",1,"2013-01-31",null,null,0,{"v":2300,"d":"2,300.00"},{"v":0.6,"d":"60%"},{"v":1380,"d":"1,380.00"},{"v":0,"d":"0.0%"}]
[206,null,"扭剪扳手",null,null,"台",1,"2013-01-31",null,{"v":6800,"d":"6,800.00"},{"v":1360,"d":"1,360.00"},{"v":4800,"d":"4,800.00"},{"v":0.6,"d":"60%"},{"v":2880,"d":"2,880.00"},{"v":1.118,"d":"111.8%"}]
[207,null,"磁力钻",null,null,"台",2,"2013-01-31",null,{"v":5760,"d":"5,760.00"},{"v":1152,"d":"1,152.00"},{"v":5000,"d":"5,000.00"},{"v":0.6,"d":"60%"},{"v":3000,"d":"3,000.00"},{"v":1.604,"d":"160.4%"}]
[208,null,"液压弯管器",null,null,"台",1,"2013-01-31",null,{"v":2400,"d":"2,400.00"},{"v":480,"d":"480.00"},null,{"v":0.6,"d":"60%"},{"v":0,"d":"0.00"},{"v":-1,"d":"-100.0%"}]
[209,null,"液压千斤顶","100t",null,"台",2,"2013-01-31",null,null,0,{"v":8000,"d":"8,000.00"},{"v":0.6,"d":"60%"},{"v":4800,"d":"4,800.00"},{"v":0,"d":"0.0%"}]
[210,null,"液压千斤顶","8T-50T",null,"台",1,"2013-01-31",null,null,0,{"v":3400,"d":"3,400.00"},{"v":0.6,"d":"60%"},{"v":2040,"d":"2,040.00"},{"v":0,"d":"0.0%"}]
[211,null,"机械千斤顶","8T-32t",null,"台",16,"2013-01-31",null,null,0,{"v":30400,"d":"30,400.00"},{"v":0.6,"d":"60%"},{"v":18240,"d":"18,240.00"},{"v":0,"d":"0.0%"}]
[212,null,"机械千斤顶",50,null,"台",6,"2013-01-31",null,null,0,{"v":13560,"d":"13,560.00"},{"v":0.6,"d":"60%"},{"v":8136,"d":"8,136.00"},{"v":0,"d":"0.0%"}]
[213,null,"手拉葫芦","20T",null,"台",2,"2013-01-31",null,{"v":12400,"d":"12,400.00"},{"v":2480,"d":"2,480.00"},{"v":18880,"d":"18,880.00"},{"v":0.6,"d":"60%"},{"v":11328,"d":"11,328.00"},{"v":3.568,"d":"356.8%"}]
[214,null,"手拉葫芦","10T",null,"台",4,"2013-01-31",null,{"v":11520,"d":"11,520.00"},{"v":2304,"d":"2,304.00"},{"v":19996,"d":"19,996.00"},{"v":0.6,"d":"60%"},{"v":11997.6,"d":"11,997.60"},{"v":4.207,"d":"420.7%"}]
[215,null,"手拉葫芦","1-3T",null,"台",36,"2013-01-31",null,null,0,{"v":60840,"d":"60,840.00"},{"v":0.6,"d":"60%"},{"v":36504,"d":"36,504.00"},{"v":0,"d":"0.0%"}]
[216,null,"手拉葫芦","5T",null,"台",26,"2013-01-31",null,null,0,{"v":28600,"d":"28,600.00"},{"v":0.6,"d":"60%"},{"v":17160,"d":"17,160.00"},{"v":0,"d":"0.0%"}]
[217,null,"角磨机",null,null,"台",22,"2013-01-31",null,{"v":25740,"d":"25,740.00"},{"v":5148,"d":"5,148.00"},{"v":34650,"d":"34,650.00"},{"v":0.6,"d":"60%"},{"v":20790,"d":"20,790.00"},{"v":3.038,"d":"303.8%"}]
[218,null,"搅拌机",null,null,"台",2,"2013-01-31",null,{"v":4000,"d":"4,000.00"},{"v":800,"d":"800.00"},{"v":4400,"d":"4,400.00"},{"v":0.6,"d":"60%"},{"v":2640,"d":"2,640.00"},{"v":2.3,"d":"230.0%"}]
[219,null,"电锤",null,null,"台",2,"2013-01-31",null,{"v":6400,"d":"6,400.00"},{"v":1280,"d":"1,280.00"},{"v":4400,"d":"4,400.00"},{"v":0.6,"d":"60%"},{"v":2640,"d":"2,640.00"},{"v":1.063,"d":"106.3%"}]
[220,null,"框式水平仪",null,null,"台",4,"2013-01-31",null,null,0,{"v":4880,"d":"4,880.00"},{"v":0.6,"d":"60%"},{"v":2928,"d":"2,928.00"},{"v":0,"d":"0.0%"}]
[221,null,"电动导丝机","1/2\"-3\"",null,"台",1,"2013-01-31",null,{"v":3200,"d":"3,200.00"},{"v":640,"d":"640.00"},{"v":1500,"d":"1,500.00"},{"v":0.6,"d":"60%"},{"v":900,"d":"900.00"},{"v":0.406,"d":"40.6%"}]
[222,null,"半自动割刀",null,null,"台",2,"2013-01-31",null,{"v":24742,"d":"24,742.00"},{"v":4948.4,"d":"4,948.40"},{"v":15000,"d":"15,000.00"},{"v":0.6,"d":"60%"},{"v":9000,"d":"9,000.00"},{"v":0.819,"d":"81.9%"}]
[223,null,"台式砂轮机",null,null,"台",2,"2013-01-31",null,{"v":2640,"d":"2,640.00"},{"v":528,"d":"528.00"},{"v":2400,"d":"2,400.00"},{"v":0.6,"d":"60%"},{"v":1440,"d":"1,440.00"},{"v":1.727,"d":"172.7%"}]
[224,null,"电动扳手",null,null,"台",7,"2013-01-31",null,{"v":40600,"d":"40,600.00"},{"v":8120,"d":"8,120.00"},{"v":22400,"d":"22,400.00"},{"v":0.6,"d":"60%"},{"v":13440,"d":"13,440.00"},{"v":0.655,"d":"65.5%"}]
[225,null,"扭力扳手",null,null,"台",1,"2013-01-31",null,{"v":5800,"d":"5,800.00"},{"v":1160,"d":"1,160.00"},{"v":4200,"d":"4,200.00"},{"v":0.6,"d":"60%"},{"v":2520,"d":"2,520.00"},{"v":1.172,"d":"117.2%"}]
[226,null,"钢板夹",null,null,"台",8,"2013-01-31",null,null,0,{"v":13504,"d":"13,504.00"},{"v":0.6,"d":"60%"},{"v":8102.4,"d":"8,102.40"},{"v":0,"d":"0.0%"}]
[228,null,"配电柜",null,null,"台",6,"2013-01-31",null,null,0,{"v":13800,"d":"13,800.00"},{"v":0.6,"d":"60%"},{"v":8280,"d":"8,280.00"},{"v":0,"d":"0.0%"}]
[229,null,"切割机","三相",null,"台",2,"2013-01-31",null,{"v":10400,"d":"10,400.00"},{"v":2080,"d":"2,080.00"},{"v":9000,"d":"9,000.00"},{"v":0.6,"d":"60%"},{"v":5400,"d":"5,400.00"},{"v":1.596,"d":"159.6%"}]
[230,null,"蒸饭器",null,null,"台",1,"2013-01-31",null,{"v":2800,"d":"2,800.00"},{"v":560,"d":"560.00"},{"v":1200,"d":"1,200.00"},{"v":0.6,"d":"60%"},{"v":720,"d":"720.00"},{"v":0.286,"d":"28.6%"}]
[231,null,"冰柜",null,null,"台",1,"2013-01-31",null,{"v":9420,"d":"9,420.00"},{"v":1884,"d":"1,884.00"},{"v":5300,"d":"5,300.00"},{"v":0.6,"d":"60%"},{"v":3180,"d":"3,180.00"},{"v":0.688,"d":"68.8%"}]
[232,null,"辽宁辽塔",{"$nulls":6},{"v":0,"d":"0.00"},0,null,null,{"v":0,"d":"0.00"},{"v":0,"d":"0.0%"}]
[233,null,"交流电焊机",null,null,"台",15,"2013-11-30",null,{"v":31800,"d":"31,800.00"},{"v":6360,"d":"6,360.00"},{"v":32100,"d":"32,100.00"},{"v":0.6,"d":"60%"},{"v":19260,"d":"19,260.00"},{"v":2.028,"d":"202.8%"}]
[234,null,"卷扬机","1-3T",null,"台",1,"2013-11-30",null,{"v":5800,"d":"5,800.00"},{"v":1160,"d":"1,160.00"},{"v":5800,"d":"5,800.00"},{"v":0.6,"d":"60%"},{"v":3480,"d":"3,480.00"},{"v":2,"d":"200.0%"}]
[235,null,"经纬仪",null,null,"台",1,"2013-11-30",null,{"v":9000,"d":"9,000.00"},{"v":1800,"d":"1,800.00"},{"v":6000,"d":"6,000.00"},{"v":0.6,"d":"60%"},{"v":3600,"d":"3,600.00"},{"v":1,"d":"100.0%"}]
[236,null,"水准仪 ",null,null,"台",2,"2013-11-30",null,{"v":2900,"d":"2,900.00"},{"v":580,"d":"580.00"},{"v":2000,"d":"2,000.00"},{"v":0.6,"d":"60%"},{"v":1200,"d":"1,200.00"},{"v":1.069,"d":"106.9%"}]
[237,null,"空压机",null,null,"台",1,"2013-11-30",null,{"v":2100,"d":"2,100.00"},{"v":420,"d":"420.00"},{"v":2300,"d":"2,300.00"},{"v":0.6,"d":"60%"},{"v":1380,"d":"1,380.00"},{"v":2.286,"d":"228.6%"}]
[238,null,"磁力钻",null,null,"台",1,"2013-11-30",null,{"v":2880,"d":"2,880.00"},{"v":576,"d":"576.00"},{"v":2500,"d":"2,500.00"},{"v":0.6,"d":"60%"},{"v":1500,"d":"1,500.00"},{"v":1.604,"d":"160.4%"}]
[239,null,"液压千斤顶","200T",null,"台",1,"2013-11-30",null,null,0,{"v":9200,"d":"9,200.00"},{"v":0.6,"d":"60%"},{"v":5520,"d":"5,520.00"},{"v":0,"d":"0.0%"}]
[240,null,"机械千斤顶","8T-32t",null,"台",11,"2013-11-30",null,null,0,{"v":20900,"d":"20,900.00"},{"v":0.6,"d":"60%"},{"v":12540,"d":"12,540.00"},{"v":0,"d":"0.0%"}]
[241,null,"手拉葫芦","10T",null,"台",2,"2013-11-30",null,{"v":5760,"d":"5,760.00"},{"v":1152,"d":"1,152.00"},{"v":18880,"d":"18,880.00"},{"v":0.6,"d":"60%"},{"v":11328,"d":"11,328.00"},{"v":8.833,"d":"883.3%"}]
[242,null,"手拉葫芦","1-3T",null,"台",21,"2013-11-30",null,null,0,{"v":104979,"d":"104,979.00"},{"v":0.6,"d":"60%"},{"v":62987.4,"d":"62,987.40"},{"v":0,"d":"0.0%"}]
[243,null,"手拉葫芦","5T",null,"台",21,"2013-11-30",null,null,0,{"v":5850,"d":"5,850.00"},{"v":0.6,"d":"60%"},{"v":3510,"d":"3,510.00"},{"v":0,"d":"0.0%"}]
[244,null,"角磨机",null,null,"台",5,"2013-11-30",null,{"v":5850,"d":"5,850.00"},{"v":1170,"d":"1,170.00"},{"v":7875,"d":"7,875.00"},{"v":0.6,"d":"60%"},{"v":4725,"d":"4,725.00"},{"v":3.038,"d":"303.8%"}]
[245,null,"框式水平仪",null,null,"台",4,"2013-11-30",null,null,0,{"v":4880,"d":"4,880.00"},{"v":0.6,"d":"60%"},{"v":2928,"d":"2,928.00"},{"v":0,"d":"0.0%"}]
[246,null,"手电钻",null,null,"台",2,"2013-11-30",null,{"v":5600,"d":"5,600.00"},{"v":1120,"d":"1,120.00"},{"v":4200,"d":"4,200.00"},{"v":0.6,"d":"60%"},{"v":2520,"d":"2,520.00"},{"v":1.25,"d":"125.0%"}]
[247,null,"扭力扳手",null,null,"台",1,"2013-11-30",null,{"v":5800,"d":"5,800.00"},{"v":1160,"d":"1,160.00"},{"v":4200,"d":"4,200.00"},{"v":0.6,"d":"60%"},{"v":2520,"d":"2,520.00"},{"v":1.172,"d":"117.2%"}]
[248,null,"钢板夹",null,null,"台",5,"2013-11-30",null,null,0,{"v":8440,"d":"8,440.00"},{"v":0.6,"d":"60%"},{"v":5064,"d":"5,064.00"},{"v":0,"d":"0.0%"}]
[249,null,"配电柜",null,null,"台",3,"2013-11-30",null,null,0,{"v":6900,"d":"6,900.00"},{"v":0.6,"d":"60%"},{"v":4140,"d":"4,140.00"},{"v":0,"d":"0.0%"}]
[250,null,"电磨",null,null,"台",1,"2013-11-30",null,null,0,{"v":1300,"d":"1,300.00"},{"v":0.6,"d":"60%"},{"v":780,"d":"780.00"},{"v":0,"d":"0.0%"}]
[251,null,"切割机","二相",null,"台",1,"2013-11-30",null,{"v":7250,"d":"7,250.00"},{"v":1450,"d":"1,450.00"},{"v":4800,"d":"4,800.00"},{"v":0.6,"d":"60%"},{"v":2880,"d":"2,880.00"},{"v":0.986,"d":"98.6%"}]
[252,null,"切割机","三相",null,"台",1,"2013-11-30",null,{"v":5200,"d":"5,200.00"},{"v":1040,"d":"1,040.00"},{"v":4500,"d":"4,500.00"},{"v":0.6,"d":"60%"},{"v":2700,"d":"2,700.00"},{"v":1.596,"d":"159.6%"}]
[253,null,"切割机","手提",null,"台",1,"2013-11-30",null,{"v":2900,"d":"2,900.00"},{"v":580,"d":"580.00"},{"v":3000,"d":"3,000.00"},{"v":0.6,"d":"60%"},{"v":1800,"d":"1,800.00"},{"v":2.103,"d":"210.3%"}]
[254,null,"保险柜",null,null,"台",1,"2013-11-30",null,null,0,{"v":990,"d":"990.00"},{"v":0.6,"d":"60%"},{"v":594,"d":"594.00"},{"v":0,"d":"0.0%"}]
[255,null,"新疆东湖",{"$nulls":6},{"v":0,"d":"0.00"},0,null,null,{"v":0,"d":"0.00"},{"v":0,"d":"0.0%"}]
[256,null,"交流电焊机",null,null,"台",51,"2014-03-31",null,{"v":108120,"d":"108,120.00"},{"v":21624,"d":"21,624.00"},{"v":109140,"d":"109,140.00"},{"v":0.6,"d":"60%"},{"v":65484,"d":"65,484.00"},{"v":2.028,"d":"202.8%"}]
[257,null,"卷板机","15-25*2000",null,"台",1,"2014-03-31",null,{"v":85000,"d":"85,000.00"},{"v":17000,"d":"17,000.00"},{"v":85700,"d":"85,700.00"},{"v":0.6,"d":"60%"},{"v":51420,"d":"51,420.00"},{"v":2.025,"d":"202.5%"}]
[258,null,"卷扬机","5T",null,"台",2,"2014-03-31",null,{"v":30600,"d":"30,600.00"},{"v":6120,"d":"6,120.00"},{"v":25600,"d":"25,600.00"},{"v":0.6,"d":"60%"},{"v":15360,"d":"15,360.00"},{"v":1.51,"d":"151.0%"}]
[259,null,"经纬仪",null,null,"台",1,"2014-03-31",null,{"v":9000,"d":"9,000.00"},{"v":1800,"d":"1,800.00"},{"v":6000,"d":"6,000.00"},{"v":0.6,"d":"60%"},{"v":3600,"d":"3,600.00"},{"$f":"IF(K264=0,,(N264-K264)/K264)","v":{"v":1,"d":"100.0%"}}]
[260,null,"水准仪 ",null,null,"台",1,"2014-03-31",null,{"v":1450,"d":"1,450.00"},{"v":290,"d":"290.00"},{"v":1000,"d":"1,000.00"},{"v":0.6,"d":"60%"},{"v":600,"d":"600.00"},{"v":1.069,"d":"106.9%"}]
[261,null,"打码机",null,null,"台",1,"2014-03-31",null,null,0,{"v":2600,"d":"2,600.00"},{"v":0.6,"d":"60%"},{"$f":"L266*M266","v":{"v":1560,"d":"1,560.00"}},{"v":0,"d":"0.0%"}]
[262,null,"液压弯管机",null,null,"台",1,"2014-03-31",null,{"v":2400,"d":"2,400.00"},{"v":480,"d":"480.00"},{"v":2000,"d":"2,000.00"},{"v":0.6,"d":"60%"},{"v":1200,"d":"1,200.00"},{"v":1.5,"d":"150.0%"}]
[263,null,"机械千斤顶","8T-32t",null,"台",9,"2014-03-31",null,null,0,{"v":17100,"d":"17,100.00"},{"v":0.6,"d":"60%"},{"v":10260,"d":"10,260.00"},{"v":0,"d":"0.0%"}]
[264,null,"机械千斤顶",50,null,"台",2,"2014-03-31",null,null,0,{"v":4520,"d":"4,520.00"},{"v":0.6,"d":"60%"},{"v":2712,"d":"2,712.00"},{"v":0,"d":"0.0%"}]
[265,null,"手拉葫芦","10T",null,"台",2,"2014-03-31",null,{"v":5760,"d":"5,760.00"},{"v":1152,"d":"1,152.00"},{"v":9998,"d":"9,998.00"},{"v":0.6,"d":"60%"},{"v":5998.8,"d":"5,998.80"},{"v":4.207,"d":"420.7%"}]
[266,null,"手拉葫芦","1-3T",null,"台",15,"2014-03-31",null,null,0,{"v":25350,"d":"25,350.00"},{"v":0.6,"d":"60%"},{"v":15210,"d":"15,210.00"},{"v":0,"d":"0.0%"}]
[267,null,"手拉葫芦","5T",null,"台",13,"2014-03-31",null,null,0,{"v":14300,"d":"14,300.00"},{"v":0.6,"d":"60%"},{"v":8580,"d":"8,580.00"},{"v":0,"d":"0.0%"}]
[268,null,"电锤",null,null,"台",3,"2014-03-31",null,{"v":9600,"d":"9,600.00"},{"v":1920,"d":"1,920.00"},{"v":6600,"d":"6,600.00"},{"v":0.6,"d":"60%"},{"v":3960,"d":"3,960.00"},{"v":1.063,"d":"106.3%"}]
[269,null,"框式水平仪",null,null,"台",1,"2014-03-31",null,{"v":1220,"d":"1,220.00"},{"v":244,"d":"244.00"},{"v":2200,"d":"2,200.00"},{"v":0.6,"d":"60%"},{"v":1320,"d":"1,320.00"},{"v":4.41,"d":"441.0%"}]
[270,null,"条式水平仪",null,null,"台",1,"2014-03-31",null,{"v":1100,"d":"1,100.00"},{"v":220,"d":"220.00"},{"v":1000,"d":"1,000.00"},{"v":0.6,"d":"60%"},{"v":600,"d":"600.00"},{"v":1.727,"d":"172.7%"}]
[271,null,"电动导丝机",null,null,"台",1,"2014-03-31",null,{"v":3200,"d":"3,200.00"},{"v":640,"d":"640.00"},{"v":1500,"d":"1,500.00"},{"v":0.6,"d":"60%"},{"v":900,"d":"900.00"},{"v":0.406,"d":"40.6%"}]
[272,null,"手动扳丝机",null,null,"台",1,"2014-03-31",null,{"v":2250,"d":"2,250.00"},{"v":450,"d":"450.00"},{"v":3650,"d":"3,650.00"},{"v":0.6,"d":"60%"},{"v":2190,"d":"2,190.00"},{"v":3.867,"d":"386.7%"}]
[273,null,"台式砂轮机",null,null,"台",1,"2014-03-31",null,{"v":1320,"d":"1,320.00"},{"v":264,"d":"264.00"},{"v":1200,"d":"1,200.00"},{"v":0.6,"d":"60%"},{"v":720,"d":"720.00"},{"v":1.727,"d":"172.7%"}]
[274,null,"扭力扳手",null,null,"台",1,"2014-03-31",null,{"v":5800,"d":"5,800.00"},{"v":1160,"d":"1,160.00"},{"v":4200,"d":"4,200.00"},{"v":0.6,"d":"60%"},{"v":2520,"d":"2,520.00"},{"v":1.172,"d":"117.2%"}]
[275,null,"钢板夹",null,null,"台",3,"2014-03-31",null,null,0,{"v":5064,"d":"5,064.00"},{"v":0.6,"d":"60%"},{"v":3038.4,"d":"3,038.40"},{"v":0,"d":"0.0%"}]
[276,null,"配电柜",null,null,"台",9,"2014-03-31",null,null,0,{"v":20700,"d":"20,700.00"},{"v":0.6,"d":"60%"},{"v":12420,"d":"12,420.00"},{"v":0,"d":"0.0%"}]
[277,null,"切割机","三相",null,"台",1,"2014-03-31",null,{"v":5200,"d":"5,200.00"},{"v":1040,"d":"1,040.00"},{"v":4500,"d":"4,500.00"},{"v":0.6,"d":"60%"},{"v":2700,"d":"2,700.00"},{"v":1.596,"d":"159.6%"}]
[278,null,"贵州忠诚：",{"$nulls":6},{"v":0,"d":"0.00"},0,null,null,{"v":0,"d":"0.00"},{"v":0,"d":"0.0%"}]
[279,null,"交流电焊机",null,null,"台",23,"2015-04-30",null,{"v":48760,"d":"48,760.00"},{"v":14628,"d":"14,628.00"},{"v":49220,"d":"49,220.00"},{"v":0.65,"d":"65%"},{"v":31993,"d":"31,993.00"},{"v":1.187,"d":"118.7%"}]
[280,null,"直流电焊机",630,null,"台",1,"2015-04-30",null,{"v":7600,"d":"7,600.00"},{"v":1520,"d":"1,520.00"},{"v":2550,"d":"2,550.00"},{"v":0.65,"d":"65%"},{"v":1657.5,"d":"1,657.50"},{"v":0.09,"d":"9.0%"}]
[281,null,"二保电焊机",null,null,"台",2,"2015-04-30",null,{"v":6000,"d":"6,000.00"},{"v":1200,"d":"1,200.00"},{"v":8000,"d":"8,000.00"},{"v":0.65,"d":"65%"},{"v":5200,"d":"5,200.00"},{"v":3.333,"d":"333.3%"}]
[282,null,"卷板机","15-25*2000",null,"台",1,"2015-04-30",null,null,0,{"v":5500,"d":"5,500.00"},{"v":0.65,"d":"65%"},{"v":3575,"d":"3,575.00"},{"v":0,"d":"0.0%"}]
[283,null,"卷扬机","5T",null,"台",3,"2015-04-30",null,{"v":218108.33,"d":"218,108.33"},{"$f":"43621.666+3121.41","v":{"v":46743.08,"d":"46,743.08"}},{"v":38400,"d":"38,400.00"},{"v":0.65,"d":"65%"},{"v":24960,"d":"24,960.00"},{"v":-0.466,"d":"-46.6%"}]
[284,null,"卷扬机","1-3T",null,"台",1,"2015-04-30",null,{"v":5800,"d":"5,800.00"},{"v":1160,"d":"1,160.00"},{"v":5800,"d":"5,800.00"},{"v":0.65,"d":"65%"},{"v":3770,"d":"3,770.00"},{"v":2.25,"d":"225.0%"}]
[285,null,"空压机",null,null,"台",1,"2015-04-30",null,{"v":2100,"d":"2,100.00"},{"v":420,"d":"420.00"},{"v":2300,"d":"2,300.00"},{"v":0.65,"d":"65%"},{"v":1495,"d":"1,495.00"},{"v":2.56,"d":"256.0%"}]
[286,null,"机械千斤顶","8-32T",null,"台",8,"2015-04-30",null,null,0,{"v":15200,"d":"15,200.00"},{"v":0.65,"d":"65%"},{"v":9880,"d":"9,880.00"},{"v":0,"d":"0.0%"}]
[287,null,"手拉葫芦","1-3T",null,"台",5,"2015-04-30",null,null,0,{"v":8450,"d":"8,450.00"},{"v":0.65,"d":"65%"},{"v":5492.5,"d":"5,492.50"},{"v":0,"d":"0.0%"}]
[288,null,"手拉葫芦","5T",null,"台",20,"2015-04-30",null,null,0,{"v":22000,"d":"22,000.00"},{"v":0.65,"d":"65%"},{"v":14300,"d":"14,300.00"},{"v":0,"d":"0.0%"}]
[289,null,"角磨机",null,null,"台",4,"2015-04-30",null,{"v":4680,"d":"4,680.00"},{"v":936,"d":"936.00"},{"v":6300,"d":"6,300.00"},{"v":0.65,"d":"65%"},{"v":4095,"d":"4,095.00"},{"v":3.375,"d":"337.5%"}]
[290,null,"搅拌机",null,null,"台",2,"2015-04-30",null,{"v":4000,"d":"4,000.00"},{"v":800,"d":"800.00"},{"v":4400,"d":"4,400.00"},{"v":0.65,"d":"65%"},{"v":2860,"d":"2,860.00"},{"v":2.575,"d":"257.5%"}]
[291,null,"钢板夹",null,null,"台",2,"2015-04-30",null,null,0,{"v":3376,"d":"3,376.00"},{"v":0.65,"d":"65%"},{"v":2194.4,"d":"2,194.40"},{"v":0,"d":"0.0%"}]
[292,null,"配电柜",null,null,"台",10,"2015-04-30",null,null,0,{"v":23000,"d":"23,000.00"},{"v":0.65,"d":"65%"},{"v":14950,"d":"14,950.00"},{"v":0,"d":"0.0%"}]
[293,null,"潜水泵",null,null,"台",2,"2015-04-30",null,{"v":4600,"d":"4,600.00"},{"v":920,"d":"920.00"},{"v":6600,"d":"6,600.00"},{"v":0.65,"d":"65%"},{"v":4290,"d":"4,290.00"},{"v":3.663,"d":"366.3%"}]
[294,null,"切割机","二相",null,"台",1,"2015-04-30",null,{"v":7250,"d":"7,250.00"},{"v":1450,"d":"1,450.00"},{"v":4800,"d":"4,800.00"},{"v":0.65,"d":"65%"},{"v":3120,"d":"3,120.00"},{"v":1.152,"d":"115.2%"}]
[295,null,"切割机","三相",null,"台",1,"2015-04-30",null,{"v":5200,"d":"5,200.00"},{"v":1040,"d":"1,040.00"},{"v":4500,"d":"4,500.00"},{"v":0.65,"d":"65%"},{"v":2925,"d":"2,925.00"},{"v":1.813,"d":"181.3%"}]
[296,null,"蒸饭柜",null,null,"台",1,"2015-04-30",null,{"v":2800,"d":"2,800.00"},{"v":560,"d":"560.00"},{"v":1200,"d":"1,200.00"},{"v":0.65,"d":"65%"},{"v":780,"d":"780.00"},{"v":0.393,"d":"39.3%"}]
[297,null,"湖北阳新娲石：",{"$nulls":6},{"v":0,"d":"0.00"},0,null,null,{"v":0,"d":"0.00"},{"v":0,"d":"0.0%"}]
[298,null,"交流电焊机",null,null,"台",35,"2012-05-31",null,{"v":74200,"d":"74,200.00"},{"v":22260,"d":"22,260.00"},{"v":74900,"d":"74,900.00"},{"v":0.5,"d":"50%"},{"v":37450,"d":"37,450.00"},{"v":0.682,"d":"68.2%"}]
[299,null,"卷扬机","5T",null,"台",1,"2012-05-31",null,{"v":15300,"d":"15,300.00"},{"v":4590,"d":"4,590.00"},{"v":12800,"d":"12,800.00"},{"v":0.5,"d":"50%"},{"v":6400,"d":"6,400.00"},{"v":0.394,"d":"39.4%"}]
[300,null,"卷扬机","1-3T",null,"台",1,"2012-05-31",null,{"v":5800,"d":"5,800.00"},{"v":1740,"d":"1,740.00"},{"v":5800,"d":"5,800.00"},{"v":0.5,"d":"50%"},{"v":2900,"d":"2,900.00"},{"v":0.667,"d":"66.7%"}]
[301,null,"经纬仪",null,null,"台",1,"2012-05-31",null,{"v":9000,"d":"9,000.00"},{"v":2700,"d":"2,700.00"},{"v":6000,"d":"6,000.00"},{"v":0.5,"d":"50%"},{"v":3000,"d":"3,000.00"},{"v":0.111,"d":"11.1%"}]
[302,null,"水准仪 ",null,null,"台",1,"2012-05-31",null,{"v":1450,"d":"1,450.00"},{"v":435,"d":"435.00"},{"v":1000,"d":"1,000.00"},{"v":0.5,"d":"50%"},{"v":500,"d":"500.00"},{"v":0.149,"d":"14.9%"}]
[303,null,"液压千斤顶","8T-50T",null,"台",5,"2012-05-31",null,null,0,{"v":11300,"d":"11,300.00"},{"v":0.5,"d":"50%"},{"v":5650,"d":"5,650.00"},{"v":0,"d":"0.0%"}]
[304,null,"机械千斤顶","8T-32t",null,"台",8,"2012-05-31",null,{"v":49600,"d":"49,600.00"},{"v":14880,"d":"14,880.00"},{"v":16000,"d":"16,000.00"},{"v":0.5,"d":"50%"},{"v":8000,"d":"8,000.00"},{"v":-0.462,"d":"-46.2%"}]
[305,null,"手拉葫芦","10T",null,"台",2,"2012-05-31",null,{"v":5760,"d":"5,760.00"},{"v":1728,"d":"1,728.00"},{"v":9998,"d":"9,998.00"},{"v":0.5,"d":"50%"},{"v":4999,"d":"4,999.00"},{"v":1.893,"d":"189.3%"}]
[306,null,"手拉葫芦","1-3T",null,"台",30,"2012-05-31",null,null,0,{"v":50700,"d":"50,700.00"},{"v":0.5,"d":"50%"},{"v":25350,"d":"25,350.00"},{"v":0,"d":"0.0%"}]
[307,null,"手拉葫芦","5T",null,"台",17,"2012-05-31",null,null,0,{"v":18700,"d":"18,700.00"},{"v":0.5,"d":"50%"},{"v":9350,"d":"9,350.00"},{"v":0,"d":"0.0%"}]
[308,null,"电锤",null,null,"台",1,"2012-05-31",null,{"v":3200,"d":"3,200.00"},{"v":960,"d":"960.00"},{"v":2200,"d":"2,200.00"},{"v":0.5,"d":"50%"},{"v":1100,"d":"1,100.00"},{"v":0.146,"d":"14.6%"}]
[309,null,"框式水平仪",null,null,"台",2,"2012-05-31",null,{"v":2440,"d":"2,440.00"},{"v":732,"d":"732.00"},{"v":4400,"d":"4,400.00"},{"v":0.5,"d":"50%"},{"v":2200,"d":"2,200.00"},{"v":2.005,"d":"200.5%"}]
[310,null,"配电柜",null,null,"台",3,"2012-05-31",null,null,0,{"v":6900,"d":"6,900.00"},{"v":0.5,"d":"50%"},{"v":3450,"d":"3,450.00"},{"v":0,"d":"0.0%"}]
[311,null,"湖南印山：",null,null," ",{"$nulls":3},{"v":0,"d":"0.00"},0,null,null,{"v":0,"d":"0.00"},{"v":0,"d":"0.0%"}]
[312,null,"交流电焊机",null,null,"台",18,"2009-9-31",null,{"v":38160,"d":"38,160.00"},{"v":11448,"d":"11,448.00"},{"v":38520,"d":"38,520.00"},{"v":0.2,"d":"20%"},{"v":7704,"d":"7,704.00"},{"v":-0.327,"d":"-32.7%"}]
[313,null,"机械千斤顶","8T-32t",null,"台",4,"2009-9-31",null,{"v":24800,"d":"24,800.00"},{"v":7440,"d":"7,440.00"},{"v":8000,"d":"8,000.00"},{"v":0.2,"d":"20%"},{"v":1600,"d":"1,600.00"},{"v":-0.785,"d":"-78.5%"}]
[314,null,"手拉葫芦","10T",null,"台",2,"2009-9-31",null,{"v":5760,"d":"5,760.00"},{"v":1728,"d":"1,728.00"},{"v":9998,"d":"9,998.00"},{"v":0.2,"d":"20%"},{"v":1999.6,"d":"1,999.60"},{"v":0.157,"d":"15.7%"}]
[315,null,"手拉葫芦","1-3T",null,"台",6,"2009-9-31",null,null,0,{"v":10140,"d":"10,140.00"},{"v":0.2,"d":"20%"},{"v":2028,"d":"2,028.00"},{"v":0,"d":"0.0%"}]
[316,null,"手拉葫芦","5T",null,"台",4,"2009-9-31",null,null,0,{"v":4400,"d":"4,400.00"},{"v":0.2,"d":"20%"},{"v":880,"d":"880.00"},{"v":0,"d":"0.0%"}]
[317,null,"角磨机",null,null,"台",2,"2009-9-31",null,{"v":2340,"d":"2,340.00"},{"v":702,"d":"702.00"},{"v":3150,"d":"3,150.00"},{"v":0.2,"d":"20%"},{"v":630,"d":"630.00"},{"v":-0.103,"d":"-10.3%"}]
[318,null,"配电柜",null,null,"台",2,"2009-9-31",null,null,0,{"v":4600,"d":"4,600.00"},{"v":0.2,"d":"20%"},{"v":920,"d":"920.00"},{"v":0,"d":"0.0%"}]
[319,null,"江西印山：",null,null," ",{"$nulls":3},{"v":0,"d":"0.00"},0,null,null,{"v":0,"d":"0.00"},{"v":0,"d":"0.0%"}]
[320,null,"龙门吊","10T",null,"台",3,"2010-2-28",null,{"v":295500,"d":"295,500.00"},{"v":88650,"d":"88,650.00"},{"v":240000,"d":"240,000.00"},{"v":0.3,"d":"30%"},{"v":72000,"d":"72,000.00"},{"v":-0.188,"d":"-18.8%"}]
[321,null,"卷板机","15-25*2000",null,"台",1,"2010-2-28",null,null,0,{"v":5500,"d":"5,500.00"},{"v":0.3,"d":"30%"},{"v":1650,"d":"1,650.00"},{"v":0,"d":"0.0%"}]
[322,null,"卷扬机","5T",null,"台",1,"2010-2-28",null,{"v":15300,"d":"15,300.00"},{"v":4589.99,"d":"4,589.99"},{"v":12800,"d":"12,800.00"},{"v":0.3,"d":"30%"},{"v":3840,"d":"3,840.00"},{"v":-0.163,"d":"-16.3%"}]
[323,null,"南方金属结构分公司：",{"$nulls":10},{"v":0,"d":"0.00"},{"$f":"IF(K328=0,,(N328-K328)/K328)","v":{"v":0,"d":"0.0%"}}]
[324,null,"拉力器",null,null,"个",1,"2009-04-30",{"$nulls":3},{"v":480,"d":"480.00"},{"v":0.2,"d":"20%"},{"v":96,"d":"96.00"},{"v":0,"d":"0.0%"}]
[325,null,"电动扳手（扭力）",null,null,"个",1,"2011-12-31",{"$nulls":3},{"v":1526,"d":"1,526.00"},{"v":0.4,"d":"40%"},{"v":610.4,"d":"610.40"},{"v":0,"d":"0.0%"}]
[326,null,"坡口机",null," ","台",1,"2010-11-30",{"$nulls":3},{"v":100,"d":"100.00"},{"v":0.3,"d":"30%"},{"v":30,"d":"30.00"},{"v":0,"d":"0.0%"}]
[327,null,"焊条烘箱",null," ","台",1,"2011-12-31",{"$nulls":3},{"v":4800,"d":"4,800.00"},{"v":0.4,"d":"40%"},{"v":1920,"d":"1,920.00"},{"v":0,"d":"0.0%"}]
[328,null,"公丝器",null," ","盒",17,"2009-04-30",{"$nulls":3},{"v":25500,"d":"25,500.00"},{"v":0.2,"d":"20%"},{"v":5100,"d":"5,100.00"},{"v":0,"d":"0.0%"}]
[329,null,"手动公丝",null," ","个",16,"2010-11-30",{"$nulls":3},{"v":4768,"d":"4,768.00"},{"v":0.3,"d":"30%"},{"v":1430.4,"d":"1,430.40"},{"v":0,"d":"0.0%"}]
[330,null,"控制箱",null," ","个",3,"2011-12-31",{"$nulls":3},{"v":3600,"d":"3,600.00"},{"v":0.4,"d":"40%"},{"v":1440,"d":"1,440.00"},{"v":0,"d":"0.0%"}]
[331,null,"断线钳",600,null,"个",2,"2011-12-31",{"$nulls":3},{"v":30,"d":"30.00"},{"v":0.4,"d":"40%"},{"v":12,"d":"12.00"},{"v":0,"d":"0.0%"}]
[332,null,"铆钉枪",null,null,"个",12,"2009-04-30",{"$nulls":3},{"v":1800,"d":"1,800.00"},{"v":0.2,"d":"20%"},{"v":360,"d":"360.00"},{"v":0,"d":"0.0%"}]
[333,null,"玻璃抢",null,null,"个",2,"2010-11-30",{"$nulls":3},{"v":220,"d":"220.00"},{"v":0.3,"d":"30%"},{"v":66,"d":"66.00"},{"v":0,"d":"0.0%"}]
[334,null,"订书机",null,null,"个",1,"2011-12-31",{"$nulls":3},{"v":4.5,"d":"4.50"},{"v":0.15,"d":"15%"},0.68,{"v":0,"d":"0.0%"}]
[335,null,"磁力表座",null,null,"个",8,"2011-12-31",{"$nulls":3},{"v":1360,"d":"1,360.00"},{"v":0.4,"d":"40%"},{"v":544,"d":"544.00"},{"v":0,"d":"0.0%"}]
[336,null,"打气泵",null,null,"个",1,"2011-12-31",{"$nulls":3},{"v":10,"d":"10.00"},{"v":0.4,"d":"40%"},{"v":4,"d":"4.00"},{"v":0,"d":"0.0%"}]
[337,null,"打气筒",null,null,"把",5,"2009-04-30",{"$nulls":3},{"v":50,"d":"50.00"},{"v":0.2,"d":"20%"},{"v":10,"d":"10.00"},{"v":0,"d":"0.0%"}]
[338,null,"管子钳",900,null,"个",3,"2010-11-30",{"$nulls":3},{"v":57,"d":"57.00"},{"v":0.3,"d":"30%"},{"v":17.1,"d":"17.10"},{"v":0,"d":"0.0%"}]
[339,null,"管子钳",600,null,"个",5,"2010-01-31",{"$nulls":3},{"v":55,"d":"55.00"},{"v":0.3,"d":"30%"},{"v":16.5,"d":"16.50"},{"v":0,"d":"0.0%"}]
[340,null,"管子钳",450,null,"个",2,"2010-11-30",{"$nulls":3},{"v":17,"d":"17.00"},{"v":0.3,"d":"30%"},{"v":5.1,"d":"5.10"},{"v":0,"d":"0.0%"}]
[341,null,"管子钳",300,null,"个",2,"2010-01-31",{"$nulls":3},{"v":14,"d":"14.00"},{"v":0.3,"d":"30%"},{"v":4.2,"d":"4.20"},{"v":0,"d":"0.0%"}]
[342,null,"手动套丝器",null,null,"个",6,"2010-01-31",{"$nulls":3},{"v":810,"d":"810.00"},{"v":0.3,"d":"30%"},{"v":243,"d":"243.00"},{"v":0,"d":"0.0%"}]
[343,null,"手动管制割刀",null,null,"个",10,"2010-01-31",{"$nulls":3},{"v":550,"d":"550.00"},{"v":0.3,"d":"30%"},{"v":165,"d":"165.00"},{"v":0,"d":"0.0%"}]
[344,null,"焊条保温桶",null,null,"个",5,"2010-01-31",{"$nulls":3},{"v":325,"d":"325.00"},{"v":0.3,"d":"30%"},{"v":97.5,"d":"97.50"},{"v":0,"d":"0.0%"}]
[345,null,"油漆喷枪",null,null,"个",1,"2010-11-30",{"$nulls":3},{"v":180,"d":"180.00"},{"v":0.3,"d":"30%"},{"v":54,"d":"54.00"},{"v":0,"d":"0.0%"}]
[346,null,"手动弯管器",null,null,"套",14,"2011-12-31",{"$nulls":3},{"v":350,"d":"350.00"},{"v":0.4,"d":"40%"},{"v":140,"d":"140.00"},{"v":0,"d":"0.0%"}]
[347,null,"半自动割刀",null,null,"把",1,"2010-01-31",{"$nulls":3},{"v":28,"d":"28.00"},{"v":0.3,"d":"30%"},{"v":8.4,"d":"8.40"},{"v":0,"d":"0.0%"}]
[348,null,"扭力扳手",null,null,"把",16,"2010-01-31",{"$nulls":3},{"v":3984,"d":"3,984.00"},{"v":0.3,"d":"30%"},{"v":1195.2,"d":"1,195.20"},{"v":0,"d":"0.0%"}]
[349,null,"电动振动器",null,null,"台",1,"2009-04-30",{"$nulls":3},{"v":280,"d":"280.00"},{"v":0.2,"d":"20%"},{"v":56,"d":"56.00"},{"v":0,"d":"0.0%"}]
[350,null,"经纬仪脚架",null,null,"个",15,"2010-01-31",{"$nulls":3},{"v":2700,"d":"2,700.00"},{"v":0.3,"d":"30%"},{"v":810,"d":"810.00"},{"v":0,"d":"0.0%"}]
[351,null,"进口电器设备",null,null,"台",1,"2010-01-31",{"$nulls":3},{"v":5000,"d":"5,000.00"},{"v":0.3,"d":"30%"},{"v":1500,"d":"1,500.00"},{"v":0,"d":"0.0%"}]
[352,null,"潜水泵",null,null,"台",1,"2009-04-30",{"$nulls":3},{"v":660,"d":"660.00"},{"v":0.2,"d":"20%"},{"v":132,"d":"132.00"},{"v":0,"d":"0.0%"}]
[353,null,"龙门吊开关",null,null,"套",1,"2011-12-31",{"$nulls":3},{"v":75,"d":"75.00"},{"v":0.15,"d":"15%"},11.25,{"v":0,"d":"0.0%"}]
[354,null,"磁力表座",null,null,"个",44,"2010-01-31",{"$nulls":3},{"v":7480,"d":"7,480.00"},{"v":0.3,"d":"30%"},{"v":2244,"d":"2,244.00"},{"v":0,"d":"0.0%"}]
[355,null,"电动工具",null,null,"个",21,"2010-11-30",{"$nulls":3},{"v":4200,"d":"4,200.00"},{"v":0.3,"d":"30%"},{"v":1260,"d":"1,260.00"},{"v":0,"d":"0.0%"}]
[356,null,"扩孔器",null,null,"个",8,"2010-01-31",{"$nulls":3},181.04,{"v":0.3,"d":"30%"},54.31,{"v":0,"d":"0.0%"}]
[357,null,"测温仪",null,null,"个",1,"2009-04-30",{"$nulls":3},{"v":150,"d":"150.00"},{"v":0.3,"d":"30%"},{"v":45,"d":"45.00"},{"v":0,"d":"0.0%"}]
[358,null,"压力表",null,null,"只",4,"2010-01-31",{"$nulls":3},{"v":280,"d":"280.00"},{"v":0.3,"d":"30%"},{"v":84,"d":"84.00"},{"v":0,"d":"0.0%"}]
[359,null,"直流电位差力计",null,null,"台",1,"2010-01-31",{"$nulls":3},{"v":1200,"d":"1,200.00"},{"v":0.3,"d":"30%"},{"v":360,"d":"360.00"},{"v":0,"d":"0.0%"}]
[360,null,"全自动交流稳压台",null,null,"台",1,"2010-01-31",{"$nulls":3},{"v":248,"d":"248.00"},{"v":0.3,"d":"30%"},{"v":74.4,"d":"74.40"},{"v":0,"d":"0.0%"}]
[361,null,"速度控制器",null,null,"台",20,"2010-11-30",{"$nulls":3},{"v":5200,"d":"5,200.00"},{"v":0.3,"d":"30%"},{"v":1560,"d":"1,560.00"},{"v":0,"d":"0.0%"}]
[362,null,"直流焊机",400,null,"台",1,"2010-01-31",{"$nulls":3},{"v":1780,"d":"1,780.00"},{"v":0.3,"d":"30%"},{"v":534,"d":"534.00"},{"v":0,"d":"0.0%"}]
[363,null,"磁力表",null,null,"个",20,"2010-11-30",{"$nulls":3},{"v":580,"d":"580.00"},{"v":0.3,"d":"30%"},{"v":174,"d":"174.00"},{"v":0,"d":"0.0%"}]
[364,null,"漏电断路器","100A",null,"台",3,"2010-01-31",{"$nulls":3},{"v":63,"d":"63.00"},{"v":0.3,"d":"30%"},{"v":18.9,"d":"18.90"},{"v":0,"d":"0.0%"}]
[365,null,"电流互感器",null,null,"台",4,"2009-04-30",{"$nulls":3},{"v":72,"d":"72.00"},{"v":0.2,"d":"20%"},{"v":14.4,"d":"14.40"},{"v":0,"d":"0.0%"}]
[366,null,"漏电断路器","250A",null,"台",3,"2010-01-31",{"$nulls":3},325.86,{"v":0.3,"d":"30%"},97.76,{"v":0,"d":"0.0%"}]
[367,null,"交流接触器",null,null,"台",21,"2010-11-30",{"$nulls":3},{"v":588,"d":"588.00"},{"v":0.3,"d":"30%"},{"v":176.4,"d":"176.40"},{"v":0,"d":"0.0%"}]
[368,null,"电表",null,null,"个",6,"2010-01-31",{"$nulls":3},{"v":75,"d":"75.00"},{"v":0.3,"d":"30%"},{"v":22.5,"d":"22.50"},{"v":0,"d":"0.0%"}]
[369,null,"电动操控器",null,null,"个",8,"2011-12-31",{"$nulls":3},{"v":1600,"d":"1,600.00"},{"v":0.4,"d":"40%"},{"v":640,"d":"640.00"},{"v":0,"d":"0.0%"}]
[370,null,"电子显示器",null,null,"个",5,"2010-01-31",{"$nulls":3},{"v":115,"d":"115.00"},{"v":0.15,"d":"15%"},17.25,{"v":0,"d":"0.0%"}]
[371,null,"镝灯出法强",null,null,"个",5,"2009-04-30",{"$nulls":3},{"v":2500,"d":"2,500.00"},{"v":0.2,"d":"20%"},{"v":500,"d":"500.00"},{"v":0,"d":"0.0%"}]
[372,null,"龙门标遥控器",null,null,"套",2,"2010-01-31",{"$nulls":3},{"v":560,"d":"560.00"},{"v":0.15,"d":"15%"},{"v":84,"d":"84.00"},{"v":0,"d":"0.0%"}]
[373,null,"起重线纬器",null,null,"台",2,"2010-01-31",{"$nulls":3},{"v":440,"d":"440.00"},{"v":0.3,"d":"30%"},{"v":132,"d":"132.00"},{"v":0,"d":"0.0%"}]
[374,null,"电器互感器",null,null,"个",41,"2010-01-31",{"$nulls":3},{"v":19270,"d":"19,270.00"},{"v":0.3,"d":"30%"},{"v":5781,"d":"5,781.00"},{"v":0,"d":"0.0%"}]
[375,null,"真空泵",null,null,"台",1,"2010-01-31",{"$nulls":3},{"v":1750,"d":"1,750.00"},{"v":0.3,"d":"30%"},{"v":525,"d":"525.00"},{"v":0,"d":"0.0%"}]
[376,null,"焊机保护器",null,null,"台",42,"2010-01-31",{"$nulls":3},{"v":9240,"d":"9,240.00"},{"v":0.3,"d":"30%"},{"v":2772,"d":"2,772.00"},{"v":0,"d":"0.0%"}]
[377,null,"经纬仪激光",null,null,"台",1,"2009-04-30",{"$nulls":3},{"v":3100,"d":"3,100.00"},{"v":0.2,"d":"20%"},{"v":620,"d":"620.00"},{"v":0,"d":"0.0%"}]
[378,null,"热割过载继电器",null,null,"个",3,"2010-01-31",{"$nulls":3},{"v":8.4,"d":"8.40"},{"v":0.3,"d":"30%"},2.52,{"v":0,"d":"0.0%"}]
[379,null,"位置定位器",null,null,"台",1,"2010-01-31",{"$nulls":3},{"v":62,"d":"62.00"},{"v":0.3,"d":"30%"},{"v":18.6,"d":"18.60"},{"v":0,"d":"0.0%"}]
[380,null,"伺服放大器",null,null,"台",10,"2010-01-31",{"$nulls":3},{"v":23160,"d":"23,160.00"},{"v":0.3,"d":"30%"},{"v":6948,"d":"6,948.00"},{"v":0,"d":"0.0%"}]
[381,null,"断路器",100,null,"台",1,"2010-11-30",{"$nulls":3},{"v":80,"d":"80.00"},{"v":0.3,"d":"30%"},{"v":24,"d":"24.00"},{"v":0,"d":"0.0%"}]
[382,null,"可控硅电磁振动割辽机",null,null,"台",1,"2011-12-31",{"$nulls":3},{"v":5500,"d":"5,500.00"},{"v":0.4,"d":"40%"},{"v":2200,"d":"2,200.00"},{"v":0,"d":"0.0%"}]
[383,null,"电动玻璃升降器",null,null,"个",1,"2010-01-31",{"$nulls":3},{"v":130,"d":"130.00"},{"v":0.3,"d":"30%"},{"v":39,"d":"39.00"},{"v":0,"d":"0.0%"}]
[384,null,"多露温度座器",null,null,"台",5,"2009-04-30",{"$nulls":3},{"v":755,"d":"755.00"},{"v":0.2,"d":"20%"},{"v":151,"d":"151.00"},{"v":0,"d":"0.0%"}]
[385,null,"电动切割机",null,null,"台",4,"2010-01-31",{"$nulls":3},{"v":940,"d":"940.00"},{"v":0.3,"d":"30%"},{"v":282,"d":"282.00"},{"v":0,"d":"0.0%"}]
[386,null,"保焊枪",null,null,"把",2,"2010-01-31",{"$nulls":3},{"v":560,"d":"560.00"},{"v":0.3,"d":"30%"},{"v":168,"d":"168.00"},{"v":0,"d":"0.0%"}]
[387,null,"等离子切割枪",null,null,"把",2,"2010-01-31",{"$nulls":3},{"v":244,"d":"244.00"},{"v":0.3,"d":"30%"},{"v":73.2,"d":"73.20"},{"$f":"IF(K392=0,,(N392-K392)/K392)","v":{"v":0,"d":"0.0%"}}]
[388,null,"埋弧焊枪",null,null,"把",1,"2010-11-30",{"$nulls":3},{"v":32,"d":"32.00"},{"v":0.3,"d":"30%"},{"v":9.6,"d":"9.60"},{"v":0,"d":"0.0%"}]
[389,null,"电控箱",null,null,"个",1,"2010-01-31",{"$nulls":3},{"v":2200,"d":"2,200.00"},{"v":0.3,"d":"30%"},{"v":660,"d":"660.00"},{"v":0,"d":"0.0%"}]
[390,null,"钳形表电流表",null,null,"个",1,"2009-04-30",{"$nulls":3},{"v":69,"d":"69.00"},{"v":0.2,"d":"20%"},{"v":13.8,"d":"13.80"},{"v":0,"d":"0.0%"}]
[391,null,"供氧化碳表",null,null,"个",11,"2010-01-31",{"$nulls":3},{"v":50,"d":"50.00"},{"v":0.3,"d":"30%"},{"v":15,"d":"15.00"},{"v":0,"d":"0.0%"}]
[392,null,"液化气表",null,null,"个",6,"2010-01-31",{"$nulls":3},{"v":57,"d":"57.00"},{"v":0.3,"d":"30%"},{"v":17.1,"d":"17.10"},{"v":0,"d":"0.0%"}]
[393,null,"多功能调压器",null,null,"台",1,"2009-04-30",{"$nulls":3},{"v":500,"d":"500.00"},{"v":0.2,"d":"20%"},{"v":100,"d":"100.00"},{"v":0,"d":"0.0%"}]
[394,null,"液压钳",null,null,"个",42,"2010-01-31",{"$nulls":3},{"v":8316,"d":"8,316.00"},{"v":0.3,"d":"30%"},{"v":2494.8,"d":"2,494.80"},{"v":0,"d":"0.0%"}]
[395,null,"汽油发电机",null,null,"台",1,"2009-04-30",{"$nulls":3},{"v":2798,"d":"2,798.00"},{"v":0.2,"d":"20%"},{"v":559.6,"d":"559.60"},{"v":0,"d":"0.0%"}]
[396,null,"液压千斤顶","50吨",null,"个",4,"2010-01-31",{"$nulls":3},{"v":1280,"d":"1,280.00"},{"v":0.3,"d":"30%"},{"v":384,"d":"384.00"},{"v":0,"d":"0.0%"}]
[397,null,"液压千斤顶","32吨",null,"个",7,"2009-04-30",{"$nulls":3},{"v":1225,"d":"1,225.00"},{"v":0.2,"d":"20%"},{"v":245,"d":"245.00"},{"v":0,"d":"0.0%"}]
[398,null,"液压千斤顶","8吨",null,"个",4,"2010-11-30",{"$nulls":3},{"v":312,"d":"312.00"},{"v":0.3,"d":"30%"},{"v":93.6,"d":"93.60"},{"v":0,"d":"0.0%"}]
[399,null,"机械千斤顶","50吨",null,"个",4,"2010-01-31",{"$nulls":3},{"v":1840,"d":"1,840.00"},{"v":0.3,"d":"30%"},{"v":552,"d":"552.00"},{"v":0,"d":"0.0%"}]
[400,null,"机械千斤顶","20吨",null,"个",2,"2010-01-31",{"$nulls":3},{"v":370,"d":"370.00"},{"v":0.3,"d":"30%"},{"v":111,"d":"111.00"},{"v":0,"d":"0.0%"}]
[401,null,"机械千斤顶","16吨",null,"个",17,"2010-01-31",{"$nulls":3},{"v":4165,"d":"4,165.00"},{"v":0.3,"d":"30%"},{"v":1249.5,"d":"1,249.50"},{"v":0,"d":"0.0%"}]
[402,null,"机械千斤顶","10吨",null,"个",2,"2010-11-30",{"$nulls":3},{"v":124,"d":"124.00"},{"v":0.3,"d":"30%"},{"v":37.2,"d":"37.20"},{"v":0,"d":"0.0%"}]
[403,null,"鼓风机",null,null,"个",1,"2009-04-30",{"$nulls":3},{"v":83,"d":"83.00"},{"v":0.2,"d":"20%"},{"v":16.6,"d":"16.60"},{"v":0,"d":"0.0%"}]
[404,null,"半自动割刀",null,null,"个",16,"2009-04-30",{"$nulls":3},{"v":448,"d":"448.00"},{"v":0.2,"d":"20%"},{"v":89.6,"d":"89.60"},{"v":0,"d":"0.0%"}]
[405,null,"电控柜",null,null,"台",1,"2009-04-30",{"$nulls":3},{"v":2500,"d":"2,500.00"},{"v":0.2,"d":"20%"},{"v":500,"d":"500.00"},{"v":0,"d":"0.0%"}]
[406,null,"镝灯",null,null,"台",18,"2010-01-31",{"$nulls":3},{"v":4680,"d":"4,680.00"},{"v":0.3,"d":"30%"},{"v":1404,"d":"1,404.00"},{"v":0,"d":"0.0%"}]
[407,null,"台钻",null,null,"台",1,"2010-01-31",{"$nulls":3},{"v":850,"d":"850.00"},{"v":0.3,"d":"30%"},{"v":255,"d":"255.00"},{"v":0,"d":"0.0%"}]
[408,null,"保险柜",null,null,"个",6,"2010-11-30",{"$nulls":3},{"v":3468,"d":"3,468.00"},{"v":0.3,"d":"30%"},{"v":1040.4,"d":"1,040.40"},{"v":0,"d":"0.0%"}]
[409,null,"冰柜",null,null,"个",5,"2010-11-30",{"$nulls":3},{"v":5900,"d":"5,900.00"},{"v":0.3,"d":"30%"},{"v":1770,"d":"1,770.00"},{"v":0,"d":"0.0%"}]
[410,null,"蒸饭车",null,null,"个",2,"2011-12-31",{"$nulls":3},{"v":1040,"d":"1,040.00"},{"v":0.3,"d":"30%"},{"v":312,"d":"312.00"},{"v":0,"d":"0.0%"}]
[411,null,"电饭煲",null,null,"个",5,"2010-01-31",{"$nulls":3},{"v":270,"d":"270.00"},{"v":0.3,"d":"30%"},{"v":81,"d":"81.00"},{"v":0,"d":"0.0%"}]
[412,null,"配电箱",null,null,"台",1,"2010-01-31",{"$nulls":3},{"v":50,"d":"50.00"},{"v":0.3,"d":"30%"},{"v":15,"d":"15.00"},{"v":0,"d":"0.0%"}]
[413,null,"灭火器",null,null,"个",15,"2009-04-30",{"$nulls":3},{"v":315,"d":"315.00"},{"v":0.2,"d":"20%"},{"v":63,"d":"63.00"},{"v":0,"d":"0.0%"}]
[414,null,"配电柜",null,null,"个",5,"2010-01-31",{"$nulls":3},{"v":1290,"d":"1,290.00"},{"v":0.3,"d":"30%"},{"v":387,"d":"387.00"},{"v":0,"d":"0.0%"}]
[415,null,"喷气机",null,null,"台",1,"2010-01-31",{"$nulls":3},{"v":609,"d":"609.00"},{"v":0.3,"d":"30%"},{"v":182.7,"d":"182.70"},{"v":0,"d":"0.0%"}]
[416,null,"大配电柜",null,null,"台",2,"2010-01-31",{"$nulls":3},{"v":4368,"d":"4,368.00"},{"v":0.3,"d":"30%"},{"v":1310.4,"d":"1,310.40"},{"v":0,"d":"0.0%"}]
[417,null,"10吨龙门吊",null,null,"套",5,"2009-04-30",{"$nulls":3},{"v":294000,"d":"294,000.00"},{"v":0.2,"d":"20%"},{"v":58800,"d":"58,800.00"},{"v":0,"d":"0.0%"}]
[418,null,"10吨龙门吊",null,null,"套",3,"2010-11-30",{"$nulls":3},{"v":176400,"d":"176,400.00"},{"v":0.3,"d":"30%"},{"v":52920,"d":"52,920.00"},{"v":0,"d":"0.0%"}]
[419,null,"5吨龙门吊",null,null,"套",2,"2010-11-30",{"$nulls":3},{"v":76000,"d":"76,000.00"},{"v":0.3,"d":"30%"},{"v":22800,"d":"22,800.00"},{"v":0,"d":"0.0%"}]
[420,null,"手推车",null,null,"个",2,"2010-01-31",{"$nulls":3},{"v":174,"d":"174.00"},{"v":0.3,"d":"30%"},{"v":52.2,"d":"52.20"},{"v":0,"d":"0.0%"}]
[421,null,"轨道",null,null,"米",200,"2009-04-30",{"$nulls":3},{"v":20000,"d":"20,000.00"},{"v":0.2,"d":"20%"},{"v":4000,"d":"4,000.00"},{"v":0,"d":"0.0%"}]
[422,null,"伙食团水箱",null,null,"个",1,"2010-01-31",{"$nulls":3},{"v":500,"d":"500.00"},{"v":0.3,"d":"30%"},{"v":150,"d":"150.00"},{"v":0,"d":"0.0%"}]
[423,null,"食堂冰柜",null,null,"个",1,"2010-01-31",{"$nulls":3},{"v":3200,"d":"3,200.00"},{"v":0.15,"d":"15%"},{"v":480,"d":"480.00"},{"v":0,"d":"0.0%"}]
[424,null,"除草机",null,null,"个",1,"2009-04-30",{"$nulls":3},{"v":530,"d":"530.00"},{"v":0.2,"d":"20%"},{"v":106,"d":"106.00"},{"v":0,"d":"0.0%"}]
[425,null,"液压泵",null,null,"个",1,"2010-01-31",{"$nulls":3},{"v":1050,"d":"1,050.00"},{"v":0.3,"d":"30%"},{"v":315,"d":"315.00"},{"v":0,"d":"0.0%"}]
[426,null,"磁力电钻",null,null,"个",4,"2009-04-30",{"$nulls":3},{"v":4800,"d":"4,800.00"},{"v":0.2,"d":"20%"},{"v":960,"d":"960.00"},{"v":0,"d":"0.0%"}]
[427,null,"水准仪",null,null,"台",28,"2010-01-31",{"$nulls":3},{"v":8344,"d":"8,344.00"},{"v":0.3,"d":"30%"},{"v":2503.2,"d":"2,503.20"},{"v":0,"d":"0.0%"}]
[428,null,"经纬仪",null,null,"台",10,"2010-11-30",{"$nulls":3},{"v":29000,"d":"29,000.00"},{"v":0.3,"d":"30%"},{"v":8700,"d":"8,700.00"},{"v":0,"d":"0.0%"}]
[429,null,"探伤仪",null,null,"台",3,"2010-01-31",{"$nulls":3},{"v":11250,"d":"11,250.00"},{"v":0.3,"d":"30%"},{"v":3375,"d":"3,375.00"},{"v":0,"d":"0.0%"}]
[430,null,"打码仪",null,null,"台",3,"2012-05-31",{"$nulls":3},{"v":3000,"d":"3,000.00"},{"v":0.5,"d":"50%"},{"v":1500,"d":"1,500.00"},{"v":0,"d":"0.0%"}]
[431,null,"测振仪",null,null,"台",1,"2011-12-31",{"$nulls":3},{"v":760,"d":"760.00"},{"v":0.4,"d":"40%"},{"v":304,"d":"304.00"},{"v":0,"d":"0.0%"}]
[{"$nulls":13},{"v":0,"d":"0.00"},{"v":0,"d":"0.0%"}]
[{"$nulls":13},{"v":0,"d":"0.00"},{"v":0,"d":"0.0%"}]
[{"$nulls":13},{"v":0,"d":"0.00"}]
[{"$nulls":13},{"v":0,"d":"0.00"},{"$f":"IF(K440=0,,(N440-K440)/K440)","v":{"v":0,"d":"0.0%"}}]
["合        计",{"$nulls":8},{"$f":"SUM(J8:J440)","v":{"v":9334677.84,"d":"9,334,677.84"}},{"$f":"SUM(K8:K440)","v":{"v":1957661.16,"d":"1,957,661.16"}},{"$f":"SUM(L8:L440)","v":{"v":11019667.8,"d":"11,019,667.80"}},null,{"$f":"SUM(N8:N440)","v":{"v":4214472.77,"d":"4,214,472.77"}},{"$f":"IF(K441=0,,(N441-K441)/K441)","v":{"v":1.153,"d":"115.3%"}}]
["减:机器设备减值准备",{"$nulls":13},{"$f":"IF(K442=0,,(N442-K442)/K442)","v":{"v":0,"d":"0.0%"}}]
["合        计",{"$nulls":8},{"$f":"J441-J442","v":{"v":9334677.84,"d":"9,334,677.84"}},{"$f":"K441-K442","v":{"v":1957661.16,"d":"1,957,661.16"}},{"$f":"L441-L442","v":{"v":11019667.8,"d":"11,019,667.80"}},null,{"$f":"N441-N442","v":{"v":4214472.77,"d":"4,214,472.77"}},{"$f":"IF(K443=0,,(N443-K443)/K443)","v":{"v":1.153,"d":"115.3%"}}]
[{"$f":"#REF!","v":{"$error":"#REF!"}},{"$nulls":10},{"$f":"#REF!","v":{"$error":"#REF!"}},null,null,{"$f":"#REF!","v":{"$error":"#REF!"}}]
[{"$f":"#REF!","v":{"$error":"#REF!"}}]
[]
[]
[{"$nulls":10},{"$f":"K446-K447","v":{"v":0,"d":"0.00"}}]

{"sheet":"湖北阳新娲石建材工地","index":5,"n_rows":22,"n_cols":9,"rows_kept":22,"merged":[[0,0,0,8],[1,0,2,0],[1,1,2,1],[1,2,2,2],[1,3,2,3],[1,4,2,4],[1,5,2,5],[1,6,2,6],[1,7,2,7],[1,8,2,8],[21,0,21,2]]}
["机器设备清单"]
["序号","设备编号","设备名称","规格型号","生产厂家","计量单位","数量","购置日期","备注"]
[]
[1,null,"湖北阳新娲石建材工地："]
[2,null,"焊机",null,null,"台",35,"2012-05-31"]
[3,null,"卷扬机","3T",null,"台",1,"2012-05-31"]
[4,null,"卷扬机","5T",null,"台",1,"2012-05-31"]
[5,null,"手拉葫芦","10T",null,"台",2,"2012-05-31"]
[6,null,"手拉葫芦","5T",null,"台",17,"2012-05-31"]
[7,null,"手拉葫芦","3T",null,"台",17,"2012-05-31"]
[8,null,"手拉葫芦","2T",null,"台",3,"2012-05-31"]
[9,null,"电锤",null,null,"台",1,"2012-05-31"]
[10,null,"液压千斤顶","50T",null,"台",2,"2012-05-31"]
[11,null,"液压千斤顶","32T",null,"台",3,"2012-05-31"]
[12,null,"机械千斤顶","32T",null,"台",2,"2012-05-31"]
[13,null,"机械千斤顶","16T",null,"台",3,"2012-05-31"]
[14,null,"框式水平尺",null,null,"台",2,"2012-05-31"]
[15,null,"配电柜",null,null,"个",3,"2012-05-31"]
[16,null,"配电箱",null,null,"个",4,"2012-05-31"]
[17,null,"电锤",null,null,"台",3,"2012-05-31"]
[18,null,"机械千斤顶","32T、60T",null,"台",4,"2012-05-31"]
["合        计",{"$nulls":5},{"$f":"SUM(G5:G21)","v":103}]

{"sheet":"总公司","index":6,"n_rows":84,"n_cols":9,"rows_kept":84,"merged":[[0,0,0,8],[1,0,2,0],[1,1,2,1],[1,2,2,2],[1,3,2,3],[1,4,2,4],[1,5,2,5],[1,6,2,6],[1,7,2,7],[1,8,2,8]]}
["机器设备清单"]
["序号","设备编号","设备名称","规格型号","生产厂家","计量单位","数量","购置日期","备注"]
[]
[1,null,"龙门吊","10T",null,"台",14,"2009-01-31"]
[2,null,"龙门吊","5T",null,"台",2,"2009-01-31"]
[3,null,"交流电焊机",null,null,"台",129,"2009-01-31"]
[4,null,"直流电焊机",630,null,"台",15,"2009-01-31"]
[5,null,"直流电焊机","小",null,"台",5,"2009-05-31"]
[6,null,"二保电焊机",null,null,"台",8,"2009-05-31"]
[7,null,"埋弧电焊机",null,null,"台",5,"2009-05-31"]
[8,null,"等离子焊机",null,null,"台",1,"2009-10-31"]
[9,null,"卷板机","15-25*2000",null,"台",20,"2009-10-31"]
[10,null,"卷板机","10*1800",null,"台",1,"2009-10-31"]
[11,null,"卷扬机","5T",null,"台",12,"2009-10-31"]
[12,null,"卷扬机","1-3T",null,"台",22,"2009-10-31"]
[13,null,"经纬仪",null,null,"台",7,"2009-10-31"]
[14,null,"水准仪 ",null,null,"台",17,"2009-10-31"]
[15,null,"探伤仪",null,null,"台",3,"2010-01-31"]
[16,null,"空压机","63带杀罐，储气罐",null,"台",4,"2010-01-31"]
[17,null,"空压机",null,null,"台",15,"2010-01-31"]
[18,null,"储气罐",null,null,"台",5,"2010-01-31"]
[19,null,"打码机",null,null,"台",2,"2010-02-28"]
[20,null,"扭剪扳手",null,null,"台",1,"2010-02-28"]
[21,null,"磁力钻",null,null,"台",3,"2010-02-28"]
[22,null,"硫化机",null,null,"台",1,"2010-11-30"]
[23,null,"校直机",null,null,"台",1,"2010-11-30"]
[24,null,"电动扭力扳手",null,null,"台",2,"2010-11-30"]
[25,null,"液压弯管器",null,null,"台",6,"2010-11-30"]
[26,null,"液压千斤顶","200t",null,"台",2,"2010-11-30"]
[27,null,"液压千斤顶","100t",null,"台",10,"2010-11-30"]
[28,null,"液压千斤顶","8T-50T",null,"台",15,"2010-11-30"]
[29,null,"机械千斤顶","8T-32t",null,"台",20,"2010-11-30"]
[30,null,"机械千斤顶","50t",null,"台",6,"2010-11-30"]
[31,null,"手拉葫芦","20T",null,"台",7,"2010-11-30"]
[32,null,"手拉葫芦","10T",null,"台",14,"2010-11-30"]
[33,null,"手拉葫芦","1-3T",null,"台",75,"2010-11-30"]
[34,null,"手拉葫芦","5T",null,"台",80,"2011-03-31"]
[35,null,"烘箱",null,null,"台",3,"2011-03-31"]
[36,null,"角磨机",null,null,"台",3,"2011-03-31"]
[37,null,"搅拌机",null,null,"台",4,"2011-03-31"]
[38,null,"电锤",null,null,"台",4,"2011-03-31"]
[39,null,"框式水平仪",null,null,"台",37,"2011-03-31"]
[40,null,"条式水平仪",null,null,"台",7,"2011-03-31"]
[41,null,"电动导丝机","1/2\"-3\"",null,"台",8,"2011-03-31"]
[42,null,"半自动割刀",null,null,"台",11,"2011-04-30"]
[43,null,"台式砂轮机",null,null,"台",4,"2011-04-30"]
[44,null,"电动扳手",null,null,"台",3,"2011-04-30"]
[45,null,"手电钻",null,null,"台",3,"2011-04-30"]
[46,null,"扭力扳手",null,null,"台",10,"2011-04-30"]
[47,null,"钢板夹",null,null,"台",15,"2011-04-30"]
[48,null,"木工台锯，刨木机",null,null,"台",3,"2011-04-30"]
[49,null,"龙门钳",null,null,"台",2,"2011-04-30"]
[50,null,"行走小车","3T",null,"台",3,"2011-04-30"]
[51,null,"配电柜",null,null,"台",15,"2011-04-30"]
[52,null,"电磨",null,null,"台",2,"2011-04-30"]
[53,null,"叉车",null,null,"台",6,"2011-04-30"]
[54,null,"振动电机",null,null,"台",9,"2011-04-30"]
[55,null,"行走小车","5T",null,"台",4,"2011-04-30"]
[56,null,"电动坡口机",null,null,"台",1,"2011-04-30"]
[57,null,"手动扳丝机","1-2\"-2",null,"台",4,"2011-04-30"]
[58,null,"手动扳丝机","4\"",null,"台",1,"2011-04-30"]
[59,null,"手摇抽油泵",null,null,"台",6,"2011-04-30"]
[60,null,"潜水泵",null,null,"台",3,"2011-12-31"]
[61,null,"柴油发电机",null,null,"台",3,"2011-12-31"]
[62,null,"鼓风机",null,null,"台",5,"2011-12-31"]
[63,null,"摇臂钻床","Z35、50mm",null,"台",1,"2011-12-31"]
[64,null,"摇臂钻床","ZY3725、25mm",null,"台",2,"2011-12-31"]
[65,null,"摇臂钻床","Z3132/32mm",null,"台",1,"2011-12-31"]
[66,null,"试压泵",null,null,"台",3,"2011-12-31"]
[67,null,"切割机","二相",null,"台",2,"2011-12-31"]
[68,null,"切割机","三相",null,"台",2,"2011-12-31"]
[69,null,"发电机","大",null,"台",3,"2011-12-31"]
[70,null,"发电机",null,null,"台",2,"2011-12-31"]
[71,null,"电机",null,null,"台",8,"2011-12-31"]
[72,null,"大八相滑子",null,null,"台",2,"2011-12-31"]
[73,null,"电动千斤顶",null,null,"台",3,"2011-12-31"]
[74,null,"保险柜",null,null,"台",2,"2011-12-31"]
[75,null,"锅炉",null,null,"台",1,"2011-12-31"]
[76,null,"蒸饭器",null,null,"台",1,"2011-12-31"]
[77,null,"冰柜",null,null,"台",1,"2011-12-31"]
[78,null,"试压泵",null,null,"台",2,"2011-12-31"]
[79,null,"水泵",null,null,"台",4,"2011-12-31"]
[80,null,"压线钳",null,null,"套",5,"2011-12-31"]
["合计",{"$nulls":5},{"$f":"SUM(G4:G83)","v":754}]

{"sheet":"广东南雄项目工地","index":7,"n_rows":56,"n_cols":9,"rows_kept":56,"merged":[[0,0,0,8],[1,0,2,0],[1,1,2,1],[1,2,2,2],[1,3,2,3],[1,4,2,4],[1,5,2,5],[1,6,2,6],[1,7,2,7],[1,8,2,8]]}
["机器设备清单"]
["序号","设备编号","设备名称","规格型号","生产厂家","计量单位","数量","购置日期","备注"]
[]
[1,null,"龙门吊","10T",null,"台",3,"2012-07-31"]
[2,null,"交流电焊机",null,null,"台",169,"2012-07-31"]
[3,null,"直流电焊机",630,null,"台",2,"2012-07-31"]
[4,null,"直流电焊机","小",null,"台",2,"2012-07-31"]
[5,null,"二保电焊机",null,null,"台",16,"2012-07-31"]
[6,null,"二保电焊机","机头",null,"台",20,"2012-07-31"]
[7,null,"埋弧电焊机",null,null,"台",2,"2012-07-31"]
[8,null,"等离子焊机","15-25*2000",null,"台",2,"2012-07-31"]
[9,null,"卷板机","5T",null,"台",5,"2012-07-31"]
[10,null,"卷扬机",null,null,"台",4,"2012-07-31"]
[11,null,"经纬仪",null,null,"台",4,"2012-07-31"]
[12,null,"水准仪 ",null,null,"台",9,"2012-07-31"]
[13,null,"空压机","63带杀罐，储气罐",null,"台",3,"2012-07-31"]
[14,null,"空压机",null,null,"台",4,"2012-07-31"]
[15,null,"储气罐",null,null,"台",1,"2012-07-31"]
[16,null,"打码机",null,null,"台",1,"2012-07-31"]
[17,null,"扭剪扳手",null,null,"台",2,"2012-07-31"]
[18,null,"磁力钻",null,null,"台",3,"2012-07-31"]
[19,null,"砌砖机",null,null,"台",1,"2012-07-31"]
[20,null,"液压弯管机",null,null,"台",1,"2012-07-31"]
[21,null,"液压千斤顶","100t",null,"台",5,"2012-07-31"]
[22,null,"液压千斤顶","8-50t",null,"台",5,"2012-07-31"]
[23,null,"液压千斤顶","8-32t",null,"台",22,"2012-07-31"]
[24,null,"手拉葫芦","1-3T",null,"台",174,"2012-07-31"]
[25,null,"烘箱",null,null,"台",2,"2012-07-31"]
[26,null,"角磨机",null,null,"台",34,"2012-07-31"]
[27,null,"搅拌机",null,null,"台",10,"2012-07-31"]
[28,null,"电锤",null,null,"台",12,"2012-07-31"]
[29,null,"框式水平仪",null,null,"台",11,"2012-07-31"]
[30,null,"条式水平仪",null,null,"台",2,"2012-07-31"]
[31,null,"电动导丝机","1/2\"-3\"",null,"台",3,"2012-07-31"]
[32,null,"手动扳丝机","1/2\"-2\"",null,"台",3,"2012-07-31"]
[33,null,"半自动割刀",null,null,"台",14,"2012-07-31"]
[34,null,"送丝机头",null,null,"台",4,"2012-07-31"]
[35,null,"台式砂轮机",null,null,"台",2,"2012-07-31"]
[36,null,"电动扳手",null,null,"台",8,"2012-07-31"]
[37,null,"手电钻",null,null,"台",3,"2012-07-31"]
[38,null,"扭力扳手",null,null,"台",5,"2012-07-31"]
[39,null,"钢板夹",null,null,"台",12,"2012-07-31"]
[40,null,"木工台锯，刨木机",null,null,"台",7,"2012-07-31"]
[41,null,"配电柜",null,null,"台",24,"2012-07-31"]
[42,null,"电磨",null,null,"台",2,"2012-07-31"]
[43,null,"叉车",null,null,"台",1,"2012-07-31"]
[44,null,"鼓风机",null,null,"台",1,"2012-07-31"]
[45,null,"切割机","二相",null,"台",2,"2012-07-31"]
[46,null,"切割机","三相",null,"台",3,"2012-07-31"]
[47,null,"保险柜",null,null,"台",1,"2012-07-31"]
[48,null,"蒸饭器",null,null,"台",1,"2012-07-31"]
[49,null,"冰柜",null,null,"台",1,"2012-07-31"]
[50,null,"试压泵",null,null,"台",2,"2012-07-31"]
[51,null,"水泵",null,null,"台",4,"2012-07-31"]
[52,null,"绞肉机",null,null,"台",1,"2012-07-31"]
["合计",{"$nulls":5},{"$f":"SUM(G4:G55)","v":635}]

{"sheet":"广东春谭","index":8,"n_rows":42,"n_cols":9,"rows_kept":42,"merged":[[0,0,0,8],[1,0,2,0],[1,1,2,1],[1,2,2,2],[1,3,2,3],[1,4,2,4],[1,5,2,5],[1,6,2,6],[1,7,2,7],[1,8,2,8]]}
["机器设备清单"]
["序号","设备编号","设备名称","规格型号","生产厂家","计量单位","数量","购置日期","备注"]
[]
[1,null,"龙门吊","10T",null,"台",2,"2012-08-31"]
[2,null,"交流电焊机",null,null,"台",79,"2012-08-31"]
[3,null,"二保电焊机",null,null,"台",11,"2012-08-31"]
[4,null,"卷板机","15-25*2000",null,"台",2,"2012-08-31"]
[5,null,"卷扬机","5T",null,"台",1,"2012-08-31"]
[6,null,"水准仪 ",null,null,"台",1,"2012-08-31"]
[7,null,"探伤仪",null,null,"台",4,"2012-08-31"]
[8,null,"空压机","63带杀罐，储气罐",null,"台",1,"2012-08-31"]
[9,null,"空压机",null,null,"台",1,"2012-08-31"]
[10,null,"储气罐",null,null,"台",1,"2012-08-31"]
[11,null,"扭剪扳手",null,null,"台",1,"2012-08-31"]
[12,null,"磁力钻",null,null,"台",3,"2012-08-31"]
[13,null,"电动扭力扳手",null,null,"台",1,"2012-08-31"]
[14,null,"液压弯管器",null,null,"台",1,"2012-08-31"]
[15,null,"液压千斤顶","200t",null,"台",2,"2012-08-31"]
[16,null,"机械千斤顶","8T-32t",null,"台",16,"2012-08-31"]
[17,null,"机械千斤顶",50,null,"台",3,"2012-08-31"]
[18,null,"手拉葫芦","20T",null,"台",1,"2012-08-31"]
[19,null,"手拉葫芦","10T",null,"台",3,"2012-08-31"]
[20,null,"手拉葫芦","1-3T",null,"台",38,"2012-08-31"]
[21,null,"手拉葫芦","5T",null,"台",11,"2012-08-31"]
[22,null,"角磨机",null,null,"台",28,"2012-08-31"]
[23,null,"电锤",null,null,"台",1,"2012-08-31"]
[24,null,"框式水平仪",null,null,"台",6,"2012-08-31"]
[25,null,"条式水平仪",null,null,"台",3,"2012-08-31"]
[26,null,"电动导丝机","1/2\"-3\"",null,"台",1,"2012-08-31"]
[27,null,"半自动割刀",null,null,"台",7,"2012-08-31"]
[28,null,"送丝机头",null,null,"台",2,"2012-08-31"]
[29,null,"台式砂轮机",null,null,"台",1,"2012-08-31"]
[30,null,"电动扳手",null,null,"台",2,"2012-08-31"]
[31,null,"扭力扳手",null,null,"台",2,"2012-08-31"]
[32,null,"钢板夹",null,null,"台",5,"2012-08-31"]
[33,null,"龙门钳",null,null,"台",1,"2012-08-31"]
[34,null,"电磨",null,null,"台",3,"2012-08-31"]
[35,null,"切割机","二相",null,"台",2,"2012-08-31"]
[36,null,"切割机","三相",null,"台",2,"2012-08-31"]
[37,null,"切割机","手提",null,"台",1,"2012-08-31"]
[38,null,"保险柜",null,null,"台",1,"2012-08-31"]
["合计",{"$nulls":5},{"$f":"SUM(G4:G41)","v":251}]

{"sheet":"四川康定","index":9,"n_rows":41,"n_cols":9,"rows_kept":41,"merged":[[0,0,0,8],[1,0,2,0],[1,1,2,1],[1,2,2,2],[1,3,2,3],[1,4,2,4],[1,5,2,5],[1,6,2,6],[1,7,2,7],[1,8,2,8]]}
["机器设备清单"]
["序号","设备编号","设备名称","规格型号","生产厂家","计量单位","数量","购置日期","备注"]
[]
[1,null,"龙门吊","10T",null,"台",1,"2013-01-31"]
[2,null,"交流电焊机",null,null,"台",41,"2013-01-31"]
[3,null,"二保电焊机",null,null,"台",7,"2013-01-31"]
[4,null,"等离子焊机",null,null,"台",2,"2013-01-31"]
[5,null,"卷板机","15-25*2000",null,"台",1,"2013-01-31"]
[6,null,"卷扬机","5T",null,"台",2,"2013-01-31"]
[7,null,"卷扬机","1-3T",null,"台",1,"2013-01-31"]
[8,null,"经纬仪",null,null,"台",1,"2013-01-31"]
[9,null,"水准仪 ",null,null,"台",1,"2013-01-31"]
[10,null,"空压机","63带杀罐，储气罐",null,"台",1,"2013-01-31"]
[11,null,"空压机",null,null,"台",3,"2013-01-31"]
[12,null,"储气罐",null,null,"台",1,"2013-01-31"]
[13,null,"扭剪扳手",null,null,"台",1,"2013-01-31"]
[14,null,"磁力钻",null,null,"台",2,"2013-01-31"]
[15,null,"液压弯管器",null,null,"台",1,"2013-01-31"]
[16,null,"液压千斤顶","100t",null,"台",2,"2013-01-31"]
[17,null,"液压千斤顶","8T-50T",null,"台",1,"2013-01-31"]
[18,null,"机械千斤顶","8T-32t",null,"台",16,"2013-01-31"]
[19,null,"机械千斤顶",50,null,"台",6,"2013-01-31"]
[20,null,"手拉葫芦","20T",null,"台",2,"2013-01-31"]
[21,null,"手拉葫芦","10T",null,"台",4,"2013-01-31"]
[22,null,"手拉葫芦","1-3T",null,"台",36,"2013-01-31"]
[23,null,"手拉葫芦","5T",null,"台",26,"2013-01-31"]
[24,null,"角磨机",null,null,"台",22,"2013-01-31"]
[25,null,"搅拌机",null,null,"台",2,"2013-01-31"]
[26,null,"电锤",null,null,"台",2,"2013-01-31"]
[27,null,"框式水平仪",null,null,"台",4,"2013-01-31"]
[28,null,"电动导丝机","1/2\"-3\"",null,"台",1,"2013-01-31"]
[29,null,"半自动割刀",null,null,"台",2,"2013-01-31"]
[30,null,"台式砂轮机",null,null,"台",2,"2013-01-31"]
[31,null,"电动扳手",null,null,"台",7,"2013-01-31"]
[32,null,"扭力扳手",null,null,"台",1,"2013-01-31"]
[33,null,"钢板夹",null,null,"台",8,"2013-01-31"]
[34,null,"配电柜",null,null,"台",6,"2013-01-31"]
[35,null,"切割机","三相",null,"台",2,"2013-01-31"]
[36,null,"蒸饭器",null,null,"台",1,"2013-01-31"]
[37,null,"冰柜",null,null,"台",1,"2013-01-31"]
["合计",{"$nulls":5},{"$f":"SUM(G4:G40)","v":220}]

{"sheet":"辽宁辽塔","index":10,"n_rows":26,"n_cols":9,"rows_kept":26,"merged":[[0,0,0,8],[1,0,2,0],[1,1,2,1],[1,2,2,2],[1,3,2,3],[1,4,2,4],[1,5,2,5],[1,6,2,6],[1,7,2,7],[1,8,2,8]]}
["机器设备清单"]
["序号","设备编号","设备名称","规格型号","生产厂家","计量单位","数量","购置日期","备注"]
[]
[1,null,"交流电焊机",null,null,"台",15,"2013-11-30"]
[2,null,"卷扬机","1-3T",null,"台",1,"2013-11-30"]
[3,null,"经纬仪",null,null,"台",1,"2013-11-30"]
[4,null,"水准仪 ",null,null,"台",2,"2013-11-30"]
[5,null,"空压机",null,null,"台",1,"2013-11-30"]
[6,null,"磁力钻",null,null,"台",1,"2013-11-30"]
[7,null,"液压千斤顶","200T",null,"台",1,"2013-11-30"]
[8,null,"机械千斤顶","8T-32t",null,"台",11,"2013-11-30"]
[9,null,"手拉葫芦","10T",null,"台",2,"2013-11-30"]
[10,null,"手拉葫芦","1-3T",null,"台",21,"2013-11-30"]
[11,null,"手拉葫芦","5T",null,"台",21,"2013-11-30"]
[12,null,"角磨机",null,null,"台",5,"2013-11-30"]
[13,null,"框式水平仪",null,null,"台",4,"2013-11-30"]
[14,null,"手电钻",null,null,"台",2,"2013-11-30"]
[15,null,"扭力扳手",null,null,"台",1,"2013-11-30"]
[16,null,"钢板夹",null,null,"台",5,"2013-11-30"]
[17,null,"配电柜",null,null,"台",3,"2013-11-30"]
[18,null,"电磨",null,null,"台",1,"2013-11-30"]
[19,null,"切割机","二相",null,"台",1,"2013-11-30"]
[20,null,"切割机","三相",null,"台",1,"2013-11-30"]
[21,null,"切割机","手提",null,"台",1,"2013-11-30"]
[22,null,"保险柜",null,null,"台",1,"2013-11-30"]
["合计",{"$nulls":5},{"$f":"SUM(G4:G25)","v":102}]

{"sheet":"新疆东湖","index":11,"n_rows":26,"n_cols":9,"rows_kept":26,"merged":[[0,0,0,8],[1,0,2,0],[1,1,2,1],[1,2,2,2],[1,3,2,3],[1,4,2,4],[1,5,2,5],[1,6,2,6],[1,7,2,7],[1,8,2,8]]}
["机器设备清单"]
["序号","设备编号","设备名称","规格型号","生产厂家","计量单位","数量","购置日期","备注"]
[]
[1,null,"交流电焊机",null,null,"台",51,"2014-03-31"]
[2,null,"卷板机","15-25*2000",null,"台",1,"2014-03-31"]
[3,null,"卷扬机","5T",null,"台",2,"2014-03-31"]
[4,null,"经纬仪",null,null,"台",1,"2014-03-31"]
[5,null,"水准仪 ",null,null,"台",1,"2014-03-31"]
[6,null,"打码机",null,null,"台",1,"2014-03-31"]
[7,null,"液压弯管机",null,null,"台",1,"2014-03-31"]
[8,null,"机械千斤顶","8T-32t",null,"台",9,"2014-03-31"]
[9,null,"机械千斤顶",50,null,"台",2,"2014-03-31"]
[10,null,"手拉葫芦","10T",null,"台",2,"2014-03-31"]
[11,null,"手拉葫芦","1-3T",null,"台",15,"2014-03-31"]
[12,null,"手拉葫芦","5T",null,"台",13,"2014-03-31"]
[13,null,"电锤",null,null,"台",3,"2014-03-31"]
[14,null,"框式水平仪",null,null,"台",1,"2014-03-31"]
[15,null,"条式水平仪",null,null,"台",1,"2014-03-31"]
[16,null,"电动导丝机",null,null,"台",1,"2014-03-31"]
[17,null,"手动扳丝机",null,null,"台",1,"2014-03-31"]
[18,null,"台式砂轮机",null,null,"台",1,"2014-03-31"]
[19,null,"扭力扳手",null,null,"台",1,"2014-03-31"]
[20,null,"钢板夹",null,null,"台",3,"2014-03-31"]
[21,null,"配电柜",null,null,"台",9,"2014-03-31"]
[22,null,"切割机","三相",null,"台",1,"2014-03-31"]
["合计",{"$nulls":5},{"$f":"SUM(G4:G25)","v":121}]

{"sheet":"贵州忠诚","index":12,"n_rows":22,"n_cols":9,"rows_kept":22,"merged":[[0,0,0,8],[1,0,2,0],[1,1,2,1],[1,2,2,2],[1,3,2,3],[1,4,2,4],[1,5,2,5],[1,6,2,6],[1,7,2,7],[1,8,2,8]]}
["机器设备清单"]
["序号","设备编号","设备名称","规格型号","生产厂家","计量单位","数量","购置日期","备注"]
[]
[1,null,"交流电焊机",null,null,"台",23,"2015-04-30"]
[2,null,"直流电焊机",630,null,"台",1,"2015-04-30"]
[3,null,"二保电焊机",null,null,"台",2,"2015-04-30"]
[4,null,"卷板机","15-25*2000",null,"台",1,"2015-04-30"]
[5,null,"卷扬机","5T",null,"台",3,"2015-04-30"]
[6,null,"卷扬机","1-3T",null,"台",1,"2015-04-30"]
[7,null,"空压机",null,null,"台",1,"2015-04-30"]
[8,null,"机械千斤顶","8-32T",null,"台",8,"2015-04-30"]
[9,null,"手拉葫芦","1-3T",null,"台",5,"2015-04-30"]
[10,null,"手拉葫芦","5T",null,"台",20,"2015-04-30"]
[11,null,"角磨机",null,null,"台",4,"2015-04-30"]
[12,null,"搅拌机",null,null,"台",2,"2015-04-30"]
[13,null,"钢板夹",null,null,"台",2,"2015-04-30"]
[14,null,"配电柜",null,null,"台",10,"2015-04-30"]
[15,null,"潜水泵",null,null,"台",2,"2015-04-30"]
[16,null,"切割机","二相",null,"台",1,"2015-04-30"]
[17,null,"切割机","三相",null,"台",1,"2015-04-30"]
[18,null,"蒸饭柜",null,null,"台",1,"2015-04-30"]
["合计",{"$nulls":5},{"$f":"SUM(G4:G21)","v":88}]

{"sheet":"湖北阳新娲石","index":13,"n_rows":17,"n_cols":9,"rows_kept":17,"merged":[[0,0,0,8],[1,0,2,0],[1,1,2,1],[1,2,2,2],[1,3,2,3],[1,4,2,4],[1,5,2,5],[1,6,2,6],[1,7,2,7],[1,8,2,8]]}
["机器设备清单"]
["序号","设备编号","设备名称","规格型号","生产厂家","计量单位","数量","购置日期","备注"]
[]
[1,null,"交流电焊机",null,null,"台",35,"2012-05-31"]
[2,null,"卷扬机","5T",null,"台",1,"2012-05-31"]
[3,null,"卷扬机","1-3T",null,"台",1,"2012-05-31"]
[4,null,"经纬仪",null,null,"台",1,"2012-05-31"]
[5,null,"水准仪 ",null,null,"台",1,"2012-05-31"]
[6,null,"液压千斤顶","8T-50T",null,"台",5,"2012-05-31"]
[7,null,"机械千斤顶","8T-32t",null,"台",8,"2012-05-31"]
[8,null,"手拉葫芦","10T",null,"台",2,"2012-05-31"]
[9,null,"手拉葫芦","1-3T",null,"台",30,"2012-05-31"]
[10,null,"手拉葫芦","5T",null,"台",17,"2012-05-31"]
[11,null,"电锤",null,null,"台",1,"2012-05-31"]
[12,null,"框式水平仪",null,null,"台",2,"2012-05-31"]
[13,null,"配电柜",null,null,"台",3,"2012-05-31"]
["合计",{"$nulls":5},{"$f":"SUM(G4:G16)","v":107}]

{"sheet":"湖南印山","index":14,"n_rows":11,"n_cols":9,"rows_kept":11,"merged":[[0,0,0,8],[1,0,2,0],[1,1,2,1],[1,2,2,2],[1,3,2,3],[1,4,2,4],[1,5,2,5],[1,6,2,6],[1,7,2,7],[1,8,2,8]]}
["机器设备清单"]
["序号","设备编号","设备名称","规格型号","生产厂家","计量单位","数量","购置日期","备注"]
[]
[1,null,"交流电焊机",null,null,"台",18,"2009-9-31"]
[2,null,"机械千斤顶","8T-32t",null,"台",4,"2009-9-31"]
[3,null,"手拉葫芦","10T",null,"台",2,"2009-9-31"]
[4,null,"手拉葫芦","1-3T",null,"台",6,"2009-9-31"]
[5,null,"手拉葫芦","5T",null,"台",4,"2009-9-31"]
[6,null,"角磨机",null,null,"台",2,"2009-9-31"]
[7,null,"配电柜",null,null,"台",2,"2009-9-31"]
["合计",{"$nulls":5},{"$f":"SUM(G4:G10)","v":38}]

{"sheet":"江西印山","index":15,"n_rows":7,"n_cols":9,"rows_kept":7,"merged":[[0,0,0,8],[1,0,2,0],[1,1,2,1],[1,2,2,2],[1,3,2,3],[1,4,2,4],[1,5,2,5],[1,6,2,6],[1,7,2,7],[1,8,2,8]]}
["机器设备清单"]
["序号","设备编号","设备名称","规格型号","生产厂家","计量单位","数量","购置日期","备注"]
[]
[1,null,"龙门吊","10T",null,"台",3,"2010-2-28"]
[2,null,"卷板机","15-25*2000",null,"台",1,"2010-2-28"]
[3,null,"卷扬机","5T",null,"台",1,"2010-2-28"]
["合计",{"$nulls":5},{"$f":"SUM(G4:G6)","v":5}]

{"sheet":"南方金属结构分公司","index":16,"n_rows":112,"n_cols":9,"rows_kept":112,"merged":[[0,0,0,8],[1,0,2,0],[1,1,2,1],[1,2,2,2],[1,3,2,3],[1,4,2,4],[1,5,2,5],[1,6,2,6],[1,7,2,7],[1,8,2,8]]}
["机器设备清单"]
["序号","设备编号","设备名称","规格型号","生产厂家","计量单位","数量","购置日期","备注"]
[]
[1,null,"拉力器",null,null,"个",1,"2009-04-30"]
[2,null,"电动扳手（扭力）",null,null,"个",1,"2011-12-31"]
[3,null,"坡口机",null," ","台",1,"2010-11-30"]
[4,null,"焊条烘箱",null," ","台",1,"2011-12-31"]
[5,null,"公丝器",null," ","盒",17,"2009-04-30"]
[6,null,"手动公丝",null," ","个",16,"2010-11-30"]
[7,null,"控制箱",null," ","个",3,"2011-12-31"]
[8,null,"断线钳",600,null,"个",2,"2011-12-31"]
[9,null,"铆钉枪",null,null,"个",12,"2009-04-30"]
[10,null,"玻璃抢",null,null,"个",2,"2010-11-30"]
[11,null,"订书机",null,null,"个",1,"2011-12-31"]
[12,null,"磁力表座",null,null,"个",8,"2011-12-31"]
[13,null,"打气泵",null,null,"个",1,"2011-12-31"]
[14,null,"打气筒",null,null,"把",5,"2009-04-30"]
[15,null,"管子钳",900,null,"个",3,"2010-11-30"]
[16,null,"管子钳",600,null,"个",5,"2010-01-31"]
[17,null,"管子钳",450,null,"个",2,"2010-11-30"]
[18,null,"管子钳",300,null,"个",2,"2010-01-31"]
[19,null,"手动套丝器",null,null,"个",6,"2010-01-31"]
[20,null,"手动管制割刀",null,null,"个",10,"2010-01-31"]
[21,null,"焊条保温桶",null,null,"个",5,"2010-01-31"]
[22,null,"油漆喷枪",null,null,"个",1,"2010-11-30"]
[23,null,"手动弯管器",null,null,"套",14,"2011-12-31"]
[24,null,"半自动割刀",null,null,"把",1,"2010-01-31"]
[25,null,"扭力扳手",null,null,"把",16,"2010-01-31"]
[26,null,"电动振动器",null,null,"台",1,"2009-04-30"]
[27,null,"经纬仪脚架",null,null,"个",15,"2010-01-31"]
[28,null,"进口电器设备",null,null,"台",1,"2010-01-31"]
[29,null,"潜水泵",null,null,"台",1,"2009-04-30"]
[30,null,"龙门吊开关",null,null,"套",1,"2011-12-31"]
[31,null,"磁力表座",null,null,"个",44,"2010-01-31"]
[32,null,"电动工具",null,null,"个",21,"2010-11-30"]
[33,null,"扩孔器",null,null,"个",8,"2010-01-31"]
[34,null,"测温仪",null,null,"个",1,"2009-04-30"]
[35,null,"压力表",null,null,"只",4,"2010-01-31"]
[36,null,"直流电位差力计",null,null,"台",1,"2010-01-31"]
[37,null,"全自动交流稳压台",null,null,"台",1,"2010-01-31"]
[38,null,"速度控制器",null,null,"台",20,"2010-11-30"]
[39,null,"直流焊机",400,null,"台",1,"2010-01-31"]
[40,null,"磁力表",null,null,"个",20,"2010-11-30"]
[41,null,"漏电断路器","100A",null,"台",3,"2010-01-31"]
[42,null,"电流互感器",null,null,"台",4,"2009-04-30"]
[43,null,"漏电断路器","250A",null,"台",3,"2010-01-31"]
[44,null,"交流接触器",null,null,"台",21,"2010-11-30"]
[45,null,"电表",null,null,"个",6,"2010-01-31"]
[46,null,"电动操控器",null,null,"个",8,"2011-12-31"]
[47,null,"电子显示器",null,null,"个",5,"2010-01-31"]
[48,null,"镝灯出法强",null,null,"个",5,"2009-04-30"]
[49,null,"龙门标遥控器",null,null,"套",2,"2010-01-31"]
[50,null,"起重线纬器",null,null,"台",2,"2010-01-31"]
[51,null,"电器互感器",null,null,"个",41,"2010-01-31"]
[52,null,"真空泵",null,null,"台",1,"2010-01-31"]
[53,null,"焊机保护器",null,null,"台",42,"2010-01-31"]
[54,null,"经纬仪激光",null,null,"台",1,"2009-04-30"]
[55,null,"热割过载继电器",null,null,"个",3,"2010-01-31"]
[56,null,"位置定位器",null,null,"台",1,"2010-01-31"]
[57,null,"伺服放大器",null,null,"台",10,"2010-01-31"]
[58,null,"断路器",100,null,"台",1,"2010-11-30"]
[59,null,"可控硅电磁振动割辽机",null,null,"台",1,"2011-12-31"]
[60,null,"电动玻璃升降器",null,null,"个",1,"2010-01-31"]
[61,null,"多露温度座器",null,null,"台",5,"2009-04-30"]
[62,null,"电动切割机",null,null,"台",4,"2010-01-31"]
[63,null,"保焊枪",null,null,"把",2,"2010-01-31"]
[64,null,"等离子切割枪",null,null,"把",2,"2010-01-31"]
[65,null,"埋弧焊枪",null,null,"把",1,"2010-11-30"]
[66,null,"电控箱",null,null,"个",1,"2010-01-31"]
[67,null,"钳形表电流表",null,null,"个",1,"2009-04-30"]
[68,null,"供氧化碳表",null,null,"个",11,"2010-01-31"]
[69,null,"液化气表",null,null,"个",6,"2010-01-31"]
[70,null,"多功能调压器",null,null,"台",1,"2009-04-30"]
[71,null,"液压钳",null,null,"个",42,"2010-01-31"]
[72,null,"汽油发电机",null,null,"台",1,"2009-04-30"]
[73,null,"液压千斤顶","50吨",null,"个",4,"2010-01-31"]
[74,null,"液压千斤顶","32吨",null,"个",7,"2009-04-30"]
[75,null,"液压千斤顶","8吨",null,"个",4,"2010-11-30"]
[76,null,"机械千斤顶","50吨",null,"个",4,"2010-01-31"]
[77,null,"机械千斤顶","20吨",null,"个",2,"2010-01-31"]
[78,null,"机械千斤顶","16吨",null,"个",17,"2010-01-31"]
[79,null,"机械千斤顶","10吨",null,"个",2,"2010-11-30"]
[80,null,"鼓风机",null,null,"个",1,"2009-04-30"]
[81,null,"半自动割刀",null,null,"个",16,"2009-04-30"]
[82,null,"电控柜",null,null,"台",1,"2009-04-30"]
[83,null,"镝灯",null,null,"台",18,"2010-01-31"]
[84,null,"台钻",null,null,"台",1,"2010-01-31"]
[85,null,"保险柜",null,null,"个",6,"2010-11-30"]
[86,null,"冰柜",null,null,"个",5,"2010-11-30"]
[87,null,"蒸饭车",null,null,"个",2,"2011-12-31"]
[88,null,"电饭煲",null,null,"个",5,"2010-01-31"]
[89,null,"配电箱",null,null,"台",1,"2010-01-31"]
[90,null,"灭火器",null,null,"个",15,"2009-04-30"]
[91,null,"配电柜",null,null,"个",5,"2010-01-31"]
[92,null,"喷气机",null,null,"台",1,"2010-01-31"]
[93,null,"大配电柜",null,null,"台",2,"2010-01-31"]
[94,null,"10吨龙门吊",null,null,"套",5,"2009-04-30"]
[95,null,"10吨龙门吊",null,null,"套",3,"2010-11-30"]
[96,null,"5吨龙门吊",null,null,"套",2,"2010-11-30"]
[97,null,"手推车",null,null,"个",2,"2010-01-31"]
[98,null,"轨道",null,null,"米",200,"2009-04-30"]
[99,null,"伙食团水箱",null,null,"个",1,"2010-01-31"]
[100,null,"食堂冰柜",null,null,"个",1,"2010-01-31"]
[101,null,"除草机",null,null,"个",1,"2009-04-30"]
[102,null,"液压泵",null,null,"个",1,"2010-01-31"]
[103,null,"磁力电钻",null,null,"个",4,"2009-04-30"]
[104,null,"水准仪",null,null,"台",28,"2010-01-31"]
[105,null,"经纬仪",null,null,"台",10,"2010-11-30"]
[106,null,"探伤仪",null,null,"台",3,"2010-01-31"]
[107,null,"打码仪",null,null,"台",3,"2012-05-31"]
[108,null,"测振仪",null,null,"台",1,"2011-12-31"]
["合计",{"$nulls":5},{"$f":"SUM(G4:G111)","v":898}]

{"sheet":"车辆","index":17,"n_rows":22,"n_cols":16,"rows_kept":22,"merged":[[0,0,0,15],[1,0,1,15],[4,0,5,0],[4,1,5,1],[4,2,5,2],[4,3,5,3],[4,4,5,4],[4,5,5,5],[4,6,5,6],[4,7,5,7],[4,8,5,8],[4,9,4,10],[4,11,4,13],[4,14,5,14],[4,15,5,15],[17,0,17,2],[18,0,18,2],[19,0,19,2]]}
["固定资产——车辆评估明细表"]
[{"$f":"#REF!","v":{"$error":"#REF!"}}]
[{"$nulls":15},"表4-6-5"]
[{"$f":"#REF!","v":{"$error":"#REF!"}},{"$nulls":14},"金额单位：人民币元"]
["序号","车辆牌号","车辆名称规格型号","生产厂家","计量单位","数量","购置日期","启用日期","已行驶里程(公里)","  帐 面 价 值",null,"评 估 价 值 ",null,null,"增值率%","备注"]
[{"$nulls":9},"原值","净值","原值","成新率","净值"]
[1,"桑塔纳轿车（川BR9388）","桑塔纳轿车SVW7180LED",null,"辆",1,"2009-06-01",null,null,{"v":71641,"d":"71,641.00"},{"$nulls":4},{"$f":"IF(K7=0,,(N7-K7)/K7)","v":{"v":0,"d":"0.0%"}},"绵阳车管所查存在。状态：查封。已抵给李龙飞工资，属于报废车。有协议，企业未下账。"]
[2,"长城皮卡车（川BP5581）","长城CC1027SSD43","长城","辆",1,"2009-11-01",null,null,{"v":74905,"d":"74,905.00"},null,{"v":75000,"d":"75,000.00"},{"v":0.05,"d":"5%"},{"$f":"L8*M8","v":{"v":3750,"d":"3,750.00"}},{"v":0,"d":"0.0%"},"绵阳车管所查存在。状态：查封、违法未处理，逾期未检验。属于报废车。"]
[3,"东方日产牌轿车（萧克川BEC830）","DFL6430MBC1","河南","辆",1,"2011-08-01",null,null,{"v":150000,"d":"150,000.00"},{"v":75000,"d":"75,000.00"},{"v":112800,"d":"112,800.00"},{"v":0.35,"d":"35%"},{"$f":"L9*M9","v":{"v":39480,"d":"39,480.00"}},{"v":-0.474,"d":"-47.4%"},"绵阳车管所查存在。状态：查封、违法未处理。可以使用。"]
[4,"轻型货车（川BFF951）","长城皮卡CC1031PS4D","保定","辆",1,"2011-11-29",null,null,{"v":73800,"d":"73,800.00"},{"v":36900,"d":"36,900.00"},{"v":75000,"d":"75,000.00"},{"v":0.15,"d":"15%"},{"$f":"L10*M10","v":{"v":11250,"d":"11,250.00"}},{"v":-0.695,"d":"-69.5%"},"存放于广东南雄工地，可以使用。"]
[5,"轻型货车","长城皮卡CC1031PS4D","保定","辆",1,"2012-01-19",null,null,{"v":74800,"d":"74,800.00"},{"v":37400,"d":"37,400.00"},{"v":75000,"d":"75,000.00"},{"v":0.2,"d":"20%"},{"$f":"L11*M11","v":{"v":15000,"d":"15,000.00"}},{"v":-0.599,"d":"-59.9%"},"存在，可以使用。"]
[6,"奔驰轿车（原蒙MA7373，现川BDD558)）","奔驰梅赛德斯WDDHF5EB(E300型轿车）",null,"辆",1,"2010-04-14",null,null,{"v":750000,"d":"750,000.00"},{"v":37500,"d":"37,500.00"},{"$nulls":3},{"v":-1,"d":"-100.0%"},"绵阳车管所查存在。状态：查封、违法未处理。已抵给向德文，有判决书，企业未下账。"]
[7,"奥迪A6轿车（鲁J-HG177）","FV7321CVT",null,"辆",1,"2014-01-31",null,null,{"v":500000,"d":"500,000.00"},{"v":207700,"d":"207,700.00"},{"$nulls":3},{"v":-1,"d":"-100.0%"},"在黎凡处，称黎凡已经卖了，未将车款交回公司。"]
[8,"尼桑（京PTU158）","日本原产尼桑风度2.0",null,"辆",1,"2014-04-30",null,null,{"v":200000,"d":"200,000.00"},{"v":92560,"d":"92,560.00"},{"$nulls":3},{"v":-1,"d":"-100.0%"},"已抵给水公司，未见抵车协议，企业未下账。"]
[9,"大众迈腾轿车（宁EF2772）","大众FV7187TFATG",null,"辆",1,"2015-10-31",null,null,{"v":340000,"d":"340,000.00"},{"v":254048,"d":"254,048.00"},{"$nulls":3},{"v":-1,"d":"-100.0%"},"已抵给钢材公司，未见抵车协议，企业未下账。"]
[10,"宝马轿车（宁ASJ685）","宝马",null,"辆",1,"2015-10-31",null,null,{"v":690000,"d":"690,000.00"},{"v":515568,"d":"515,568.00"},{"$nulls":3},{"v":-1,"d":"-100.0%"},"已抵给钢材公司，未见抵车协议，企业未下账。"]
[11,"奥迪Q5轿车（湘H9NF02）","奥迪Q52.0T,FV6461ATG",null,"辆",1,"2016-08-31",null,null,{"v":380000,"d":"380,000.00"},{"v":343976,"d":"343,976.00"},{"$nulls":3},{"v":-1,"d":"-100.0%"},"黎盛在用，又抵给张建军，未见抵车协议，企业未下账。"]
["合        计",{"$nulls":8},{"$f":"SUM(J7:J17)","v":{"v":3305146,"d":"3,305,146.00"}},{"$f":"SUM(K7:K17)","v":{"v":1600652,"d":"1,600,652.00"}},{"$f":"SUM(L7:L17)","v":{"v":337800,"d":"337,800.00"}},null,{"$f":"SUM(N7:N17)","v":{"v":69480,"d":"69,480.00"}},{"v":-0.957,"d":"-95.7%"}]
["减:车辆减值准备",{"$nulls":13},{"v":0,"d":"0.0%"}]
["合        计",{"$nulls":8},{"$f":"J18-J19","v":{"v":3305146,"d":"3,305,146.00"}},{"$f":"K18-K19","v":{"v":1600652,"d":"1,600,652.00"}},{"$f":"L18-L19","v":{"v":337800,"d":"337,800.00"}},null,{"$f":"N18-N19","v":{"v":69480,"d":"69,480.00"}},{"v":-0.957,"d":"-95.7%"}]
[{"$f":"#REF!","v":{"$error":"#REF!"}},{"$nulls":10},{"$f":"机器设备!L444","v":{"$error":"#REF!"}},null,null,{"$f":"#REF!","v":{"$error":"#REF!"}}]
[{"$f":"#REF!","v":{"$error":"#REF!"}}]

{"sheet":"电子设备","index":18,"n_rows":84,"n_cols":18,"rows_kept":84,"merged":[[0,0,0,15],[1,0,1,15],[4,0,5,0],[4,1,5,1],[4,2,5,2],[4,3,5,3],[4,4,5,4],[4,5,5,5],[4,6,5,6],[4,7,5,7],[4,8,5,8],[4,9,4,10],[4,11,4,13],[4,14,5,14],[4,15,5,15],[79,0,79,2],[80,0,80,2],[81,0,81,2]]}
["固定资产——电子设备评估明细表"]
[{"$f":"#REF!","v":{"$error":"#REF!"}}]
[{"$nulls":15},"表4-6-6"]
[{"$f":"#REF!","v":{"$error":"#REF!"}},{"$nulls":14},"金额单位：人民币元"]
["序号","设备编号","设备名称","规格型号","生产厂家","计量单位","数量","购置日期","启用日期","  帐 面 价 值",null,"评 估 价 值 ",null,null,"增值率%","备注"]
[{"$nulls":9},"原值","净值","原值","成新率","净值"]
[1,null,"挂式空调","小天鹅1P",null,"台",1,"2013-11-30",{"$nulls":3},{"v":760,"d":"760.00"},{"v":0.6,"d":"60%"},{"$f":"L7*M7","v":{"v":456,"d":"456.00"}},{"$f":"IF(K7=0,,(N7-K7)/K7)","v":{"v":0,"d":"0.0%"}},"门岗",{"v":760,"d":"760.00"},{"$f":"G7*Q7","v":{"v":760,"d":"760.00"}}]
[2,null,"电脑",null,null,"套",1,"2015-06-30",{"$nulls":3},{"v":2300,"d":"2,300.00"},{"v":0.3,"d":"30%"},{"$f":"L8*M8","v":{"v":690,"d":"690.00"}},{"v":0,"d":"0.0%"},"门岗",{"v":2300,"d":"2,300.00"},{"$f":"G8*Q8","v":{"v":2300,"d":"2,300.00"}}]
[3,null,"监控设备",null,null,"套",1,"2014-03-31",{"$nulls":3},{"v":13000,"d":"13,000.00"},{"v":0.3,"d":"30%"},{"v":3900,"d":"3,900.00"},{"v":0,"d":"0.0%"},"门岗",{"v":13000,"d":"13,000.00"},{"v":13000,"d":"13,000.00"}]
[4,null,"电视","长虹",null,"台",1,"2014-03-31",{"$nulls":3},{"v":532,"d":"532.00"},{"v":0.4,"d":"40%"},{"v":212.8,"d":"212.80"},{"v":0,"d":"0.0%"},"门岗",{"v":532,"d":"532.00"},{"v":532,"d":"532.00"}]
[5,null,"饮水机",null,null,"台",1,"2014-03-31",{"$nulls":3},{"v":100,"d":"100.00"},{"v":0.4,"d":"40%"},{"v":40,"d":"40.00"},{"v":0,"d":"0.0%"},"门岗",{"v":100,"d":"100.00"},{"v":100,"d":"100.00"}]
[6,null,"大门联动开关",null,null,"套",1,"2010-01-30",{"$nulls":3},{"v":236,"d":"236.00"},{"v":0.3,"d":"30%"},{"v":70.8,"d":"70.80"},{"v":0,"d":"0.0%"},"门岗",{"v":236,"d":"236.00"},{"v":236,"d":"236.00"}]
[7,null,"显示器","废品，长虹",null,"台",2,"2010-01-30",{"$nulls":3},{"v":472,"d":"472.00"},null,{"v":0,"d":"0.00"},{"v":0,"d":"0.0%"},"门岗",{"v":236,"d":"236.00"},{"v":472,"d":"472.00"}]
[8,null,"冰柜",null,null,"台",1,"2010-01-30",{"$nulls":3},{"v":1100,"d":"1,100.00"},{"v":0.15,"d":"15%"},{"v":165,"d":"165.00"},{"v":0,"d":"0.0%"},"食堂",{"v":1100,"d":"1,100.00"},{"v":1100,"d":"1,100.00"}]
[9,null,"电视","长虹",null,"台",1,"2010-01-30",{"$nulls":3},{"v":500,"d":"500.00"},{"v":0.15,"d":"15%"},{"v":75,"d":"75.00"},{"v":0,"d":"0.0%"},"员工寝室",{"v":500,"d":"500.00"},{"v":500,"d":"500.00"}]
[10,null,"热水器","樱雪",null,"台",1,"2010-01-30",{"$nulls":3},{"v":170,"d":"170.00"},{"v":0.15,"d":"15%"},{"v":25.5,"d":"25.50"},{"v":0,"d":"0.0%"},"员工寝室",{"v":170,"d":"170.00"},{"v":170,"d":"170.00"}]
[11,null,"饮水机",null,null,"台",1,"2010-01-30",{"$nulls":3},{"v":100,"d":"100.00"},{"v":0.15,"d":"15%"},{"v":15,"d":"15.00"},{"v":0,"d":"0.0%"},"市场营销部",{"v":100,"d":"100.00"},{"v":100,"d":"100.00"}]
[12,null,"电脑",null,null,"套",1,"2013-11-30",{"$nulls":3},{"v":2450,"d":"2,450.00"},{"v":0.15,"d":"15%"},{"v":367.5,"d":"367.50"},{"v":0,"d":"0.0%"},"市场营销部",{"v":2450,"d":"2,450.00"},{"v":2450,"d":"2,450.00"}]
[13,null,"打印机","HPLJ pro400",null,"台",1,"2013-11-30",{"$nulls":3},{"v":2400,"d":"2,400.00"},{"v":0.2,"d":"20%"},{"v":480,"d":"480.00"},{"v":0,"d":"0.0%"},"市场营销部",{"v":2400,"d":"2,400.00"},{"v":2400,"d":"2,400.00"}]
[14,null,"碎纸机",null,null,"台",1,"2013-11-30",{"$nulls":3},{"v":309,"d":"309.00"},{"v":0.2,"d":"20%"},{"v":61.8,"d":"61.80"},{"v":0,"d":"0.0%"},"市场营销部",{"v":309,"d":"309.00"},{"v":309,"d":"309.00"}]
[15,null,"打印机","SHARP AR-2048S",null,"台",1,"2014-03-31",{"$nulls":3},{"v":2900,"d":"2,900.00"},{"v":0.3,"d":"30%"},{"v":870,"d":"870.00"},{"v":0,"d":"0.0%"},"工程部",{"v":2900,"d":"2,900.00"},{"v":2900,"d":"2,900.00"}]
[16,null,"挂式空调（旧）","夏普",null,"台",1,"2014-03-31",{"$nulls":3},{"v":4560,"d":"4,560.00"},{"v":0.6,"d":"60%"},{"$f":"L22*M22","v":{"v":2736,"d":"2,736.00"}},{"$f":"IF(K22=0,,(N22-K22)/K22)","v":{"v":0,"d":"0.0%"}},"工程部",{"v":4560,"d":"4,560.00"},{"v":4560,"d":"4,560.00"}]
[17,null,"饮水机","美菱",null,"台",1,"2013-11-30",{"$nulls":3},{"v":219,"d":"219.00"},{"v":0.3,"d":"30%"},{"v":65.7,"d":"65.70"},{"v":0,"d":"0.0%"},"工程部",{"v":219,"d":"219.00"},{"v":219,"d":"219.00"}]
[18,null,"电脑","清华同方",null,"套",1,"2015-06-30",{"$nulls":3},{"v":1860,"d":"1,860.00"},{"v":0.4,"d":"40%"},{"v":744,"d":"744.00"},{"v":0,"d":"0.0%"},"工程部",{"v":1860,"d":"1,860.00"},{"v":1860,"d":"1,860.00"}]
[19,null,"打印机（废品）","夏普AR282NA",null,"台",1,"2010-01-30",{"$nulls":3},{"v":2350,"d":"2,350.00"},{"v":0.15,"d":"15%"},{"v":352.5,"d":"352.50"},{"v":0,"d":"0.0%"},"压力管道安装管理部",{"v":2350,"d":"2,350.00"},{"v":2350,"d":"2,350.00"}]
[20,null,"挂式空调（旧）","夏普",null,"台",1,"2014-03-31",{"$nulls":3},{"v":4560,"d":"4,560.00"},{"v":0.6,"d":"60%"},{"v":2736,"d":"2,736.00"},{"v":0,"d":"0.0%"},"党群工作部稽核处",{"v":4560,"d":"4,560.00"},{"v":4560,"d":"4,560.00"}]
[21,null,"保险柜","偃师市云关金柜厂",null,"个",1,"2013-11-30",{"$nulls":3},{"v":850,"d":"850.00"},{"v":0.15,"d":"15%"},{"v":127.5,"d":"127.50"},{"v":0,"d":"0.0%"},"党群工作部稽核处",{"v":850,"d":"850.00"},{"v":850,"d":"850.00"}]
[22,null,"饮水机",null,null,"台",1,"2010-01-30",{"$nulls":3},{"v":100,"d":"100.00"},{"v":0.15,"d":"15%"},{"v":15,"d":"15.00"},{"v":0,"d":"0.0%"},"党群工作部稽核处",{"v":100,"d":"100.00"},{"v":100,"d":"100.00"}]
[23,null,"饮水机（废品）",null,null,"台",3,"2010-01-30",{"$nulls":3},{"v":300,"d":"300.00"},null,{"v":0,"d":"0.00"},{"v":0,"d":"0.0%"},"联络室",{"v":100,"d":"100.00"},{"v":300,"d":"300.00"}]
[24,null,"传真机（废品）",null,null,"台",1,"2010-01-30",{"$nulls":3},{"v":448,"d":"448.00"},null,{"v":0,"d":"0.00"},{"v":0,"d":"0.0%"},"联络室",{"v":448,"d":"448.00"},{"v":448,"d":"448.00"}]
[25,null,"显示器（废品）",null,null,"台",1,"2010-01-30",{"$nulls":3},{"v":213,"d":"213.00"},null,{"v":0,"d":"0.00"},{"v":0,"d":"0.0%"},"联络室",{"v":213,"d":"213.00"},{"v":213,"d":"213.00"}]
[26,null,"传真机","photar",null,"台",1,"2010-01-30",{"$nulls":3},{"v":690,"d":"690.00"},{"v":0.15,"d":"15%"},{"v":103.5,"d":"103.50"},{"v":0,"d":"0.0%"},"行政人力资源部",{"v":690,"d":"690.00"},{"v":690,"d":"690.00"}]
[27,null,"电脑",null,null,"套",2,"2010-01-30",{"$nulls":3},{"v":4600,"d":"4,600.00"},{"v":0.05,"d":"5%"},{"v":230,"d":"230.00"},{"v":0,"d":"0.0%"},"行政人力资源部",{"v":2300,"d":"2,300.00"},{"v":4600,"d":"4,600.00"}]
[28,null,"保险柜（小）","宝塔",null,"个",1,"2010-01-30",{"$nulls":3},{"v":888,"d":"888.00"},{"v":0.15,"d":"15%"},{"v":133.2,"d":"133.20"},{"v":0,"d":"0.0%"},"行政人力资源部",{"v":888,"d":"888.00"},{"v":888,"d":"888.00"}]
[29,null,"保险柜（小）","君宝",null,"个",1,"2010-01-30",{"$nulls":3},{"v":598,"d":"598.00"},{"v":0.15,"d":"15%"},{"v":89.7,"d":"89.70"},{"v":0,"d":"0.0%"},"行政人力资源部",{"v":598,"d":"598.00"},{"v":598,"d":"598.00"}]
[30,null,"保险柜（大）","君宝",null,"个",1,"2010-01-30",{"$nulls":3},{"v":1099,"d":"1,099.00"},{"v":0.15,"d":"15%"},164.85,{"v":0,"d":"0.0%"},"行政人力资源部",{"v":1099,"d":"1,099.00"},{"v":1099,"d":"1,099.00"}]
[31,null,"监控主机","fast fs16",null,"台",1,"2013-11-30",{"$nulls":3},{"v":149,"d":"149.00"},{"v":0.15,"d":"15%"},22.35,{"v":0,"d":"0.0%"},"行政人力资源部",{"v":149,"d":"149.00"},{"v":149,"d":"149.00"}]
[32,null,"监控主机","fast fs24",null,"台",1,"2013-11-30",{"$nulls":3},{"v":190,"d":"190.00"},{"v":0.15,"d":"15%"},{"v":28.5,"d":"28.50"},{"v":0,"d":"0.0%"},"行政人力资源部",{"v":190,"d":"190.00"},{"v":190,"d":"190.00"}]
[33,null,"监控主机","KKD",null,"台",1,"2013-11-30",{"$nulls":3},{"v":2200,"d":"2,200.00"},{"v":0.15,"d":"15%"},{"v":330,"d":"330.00"},{"v":0,"d":"0.0%"},"行政人力资源部",{"v":2200,"d":"2,200.00"},{"v":2200,"d":"2,200.00"}]
[34,null,"饮水机",null,null,"台",1,"2015-06-30",{"$nulls":3},{"v":100,"d":"100.00"},{"v":0.6,"d":"60%"},{"v":60,"d":"60.00"},{"v":0,"d":"0.0%"},"安技处",{"v":100,"d":"100.00"},{"$f":"G40*Q40","v":{"v":100,"d":"100.00"}}]
[35,null,"打印机","HPLJ1022",null,"台",1,"2015-06-30",{"$nulls":3},{"v":1850,"d":"1,850.00"},{"v":0.5,"d":"50%"},{"v":925,"d":"925.00"},{"v":0,"d":"0.0%"},"安技处",{"v":1850,"d":"1,850.00"},{"v":1850,"d":"1,850.00"}]
[36,null,"柜式空调","海信",null,"台",1,"2014-03-31",{"$nulls":3},{"v":800,"d":"800.00"},{"v":0.6,"d":"60%"},{"v":480,"d":"480.00"},{"v":0,"d":"0.0%"},"会议室",{"v":800,"d":"800.00"},{"v":800,"d":"800.00"}]
[37,null,"柜式空调（旧）","长虹2002年",null,"台",2,"2014-03-31",{"$nulls":3},{"v":1040,"d":"1,040.00"},{"v":0.15,"d":"15%"},{"v":156,"d":"156.00"},{"v":0,"d":"0.0%"},"会议室",{"v":520,"d":"520.00"},{"v":1040,"d":"1,040.00"}]
[38,null,"投影设备",null,null,"套",1,"2014-03-31",{"$nulls":3},{"v":6800,"d":"6,800.00"},{"v":0.3,"d":"30%"},{"v":2040,"d":"2,040.00"},{"v":0,"d":"0.0%"},"会议室",{"v":6800,"d":"6,800.00"},{"v":6800,"d":"6,800.00"}]
[39,null,"音响设备","奥斯曼，VAM(M7060)，RAGAO，音箱两台",null,"套",1,"2010-01-30",{"$nulls":3},{"v":4800,"d":"4,800.00"},{"v":0.05,"d":"5%"},{"v":240,"d":"240.00"},{"v":0,"d":"0.0%"},"会议室",{"v":4800,"d":"4,800.00"},{"v":4800,"d":"4,800.00"}]
[40,null,"挂式空调（旧）","夏普",null,"台",1,"2013-11-30",{"$nulls":3},{"v":4560,"d":"4,560.00"},{"v":0.3,"d":"30%"},{"v":1368,"d":"1,368.00"},{"v":0,"d":"0.0%"},"董事长办公室",{"v":4560,"d":"4,560.00"},{"v":4560,"d":"4,560.00"}]
[41,null,"柜式空调","海信",null,"台",1,"2013-11-30",{"$nulls":3},{"v":3800,"d":"3,800.00"},{"v":0.5,"d":"50%"},{"v":1900,"d":"1,900.00"},{"v":0,"d":"0.0%"},"董事长办公室",{"v":3800,"d":"3,800.00"},{"v":3800,"d":"3,800.00"}]
[42,null,"电脑","LG,联想",null,"套",1,"2013-11-30",{"$nulls":3},{"v":2650,"d":"2,650.00"},{"v":0.15,"d":"15%"},{"v":397.5,"d":"397.50"},{"v":0,"d":"0.0%"},"董事长办公室",{"v":2650,"d":"2,650.00"},{"v":2650,"d":"2,650.00"}]
[43,null,"保险柜","盾牌",null,"个",1,"2013-11-30",{"$nulls":3},{"v":498,"d":"498.00"},{"v":0.15,"d":"15%"},{"v":74.7,"d":"74.70"},{"v":0,"d":"0.0%"},"董事长办公室",{"v":498,"d":"498.00"},{"v":498,"d":"498.00"}]
[44,null,"电视机","长虹",null,"台",1,"2015-06-30",{"$nulls":3},{"v":1020,"d":"1,020.00"},{"v":0.5,"d":"50%"},{"v":510,"d":"510.00"},{"v":0,"d":"0.0%"},"董事长办公室",{"v":1020,"d":"1,020.00"},{"v":1020,"d":"1,020.00"}]
[45,null,"挂式空调（旧）",null,null,"台",1,"2015-06-30",{"$nulls":3},{"v":2499,"d":"2,499.00"},{"v":0.6,"d":"60%"},{"v":1499.4,"d":"1,499.40"},{"v":0,"d":"0.0%"},"总经理办公室",{"v":2499,"d":"2,499.00"},{"v":2499,"d":"2,499.00"}]
[46,null,"挂式空调（旧）","美的",null,"台",1,"2015-06-30",{"$nulls":3},{"v":2499,"d":"2,499.00"},{"v":0.6,"d":"60%"},{"v":1499.4,"d":"1,499.40"},{"v":0,"d":"0.0%"},"总会计师",{"v":2499,"d":"2,499.00"},{"v":2499,"d":"2,499.00"}]
[47,null,"饮水机","安吉尔",null,"台",1,"2014-03-31",{"$nulls":3},{"v":325,"d":"325.00"},{"v":0.15,"d":"15%"},48.75,{"v":0,"d":"0.0%"},"总会计师",{"v":325,"d":"325.00"},{"v":325,"d":"325.00"}]
[48,null,"打印机","得实AR-500",null,"台",1,"2013-11-30",{"$nulls":3},{"v":5000,"d":"5,000.00"},{"v":0.2,"d":"20%"},{"$f":"L54*M54","v":{"v":1000,"d":"1,000.00"}},{"$f":"IF(K54=0,,(N54-K54)/K54)","v":{"v":0,"d":"0.0%"}},"财务成本室",{"v":5000,"d":"5,000.00"},{"v":5000,"d":"5,000.00"}]
[49,null,"打印机","联想dp500",null,"台",1,"2013-11-30",{"$nulls":3},{"v":1990,"d":"1,990.00"},{"v":0.2,"d":"20%"},{"v":398,"d":"398.00"},{"v":0,"d":"0.0%"},"财务成本室",{"v":1990,"d":"1,990.00"},{"v":1990,"d":"1,990.00"}]
[50,null,"扫描仪","虹光fb2600c",null,"台",1,"2010-01-30",{"$nulls":3},{"v":1199,"d":"1,199.00"},{"v":0.2,"d":"20%"},{"v":239.8,"d":"239.80"},{"v":0,"d":"0.0%"},"财务成本室",{"v":1199,"d":"1,199.00"},{"v":1199,"d":"1,199.00"}]
[51,null,"电脑",null,null,"套",1,"2014-03-31",{"$nulls":3},{"v":2300,"d":"2,300.00"},{"v":0.2,"d":"20%"},{"v":460,"d":"460.00"},{"v":0,"d":"0.0%"},"财务成本室",{"v":2300,"d":"2,300.00"},{"v":2300,"d":"2,300.00"}]
[52,null,"饮水机",null,null,"台",1,"2010-01-30",{"$nulls":3},{"v":100,"d":"100.00"},{"v":0.15,"d":"15%"},{"v":15,"d":"15.00"},{"v":0,"d":"0.0%"},"财务成本室",{"v":100,"d":"100.00"},{"v":100,"d":"100.00"}]
[53,null,"柜式空调","LG",null,"台",1,"2014-03-31",{"$nulls":3},{"v":3050,"d":"3,050.00"},{"v":0.6,"d":"60%"},{"v":1830,"d":"1,830.00"},{"v":0,"d":"0.0%"},"财务处",{"v":3050,"d":"3,050.00"},{"v":3050,"d":"3,050.00"}]
[54,null,"电脑",null,null,"套",3,"2014-03-31",{"$nulls":3},{"v":6900,"d":"6,900.00"},{"v":0.3,"d":"30%"},{"v":2070,"d":"2,070.00"},{"v":0,"d":"0.0%"},"财务处",{"v":2300,"d":"2,300.00"},{"v":6900,"d":"6,900.00"}]
[55,null,"装订机",null,null,"台",3,"2015-06-30",{"$nulls":3},{"v":735,"d":"735.00"},{"v":0.6,"d":"60%"},{"v":441,"d":"441.00"},{"v":0,"d":"0.0%"},"财务处",{"v":245,"d":"245.00"},{"v":735,"d":"735.00"}]
[56,null,"饮水机",null,null,"台",1,"2015-06-30",{"$nulls":3},{"v":100,"d":"100.00"},{"v":0.5,"d":"50%"},{"v":50,"d":"50.00"},{"v":0,"d":"0.0%"},"财务处",{"v":100,"d":"100.00"},{"v":100,"d":"100.00"}]
[57,null,"点钞机","康忆",null,"台",1,"2014-03-31",{"$nulls":3},{"v":350,"d":"350.00"},{"v":0.2,"d":"20%"},{"v":70,"d":"70.00"},{"v":0,"d":"0.0%"},"财务处",{"v":350,"d":"350.00"},{"v":350,"d":"350.00"}]
[58,null,"打印机","hplj M1005 mfp",null,"台",1,"2013-11-30",{"$nulls":3},{"v":1851,"d":"1,851.00"},{"v":0.2,"d":"20%"},{"v":370.2,"d":"370.20"},{"v":0,"d":"0.0%"},"财务处",{"v":1851,"d":"1,851.00"},{"v":1851,"d":"1,851.00"}]
[59,null,"打印机","hplj 1020 plus",null,"台",1,"2013-11-30",{"$nulls":3},{"v":1479,"d":"1,479.00"},{"v":0.2,"d":"20%"},{"v":295.8,"d":"295.80"},{"v":0,"d":"0.0%"},"财务处",{"v":1479,"d":"1,479.00"},{"v":1479,"d":"1,479.00"}]
[60,null,"打印机","hplj cp1025 color",null,"台",1,"2013-11-30",{"$nulls":3},{"v":1859,"d":"1,859.00"},{"v":0.2,"d":"20%"},{"v":371.8,"d":"371.80"},{"v":0,"d":"0.0%"},"财务处",{"v":1859,"d":"1,859.00"},{"v":1859,"d":"1,859.00"}]
[61,null,"打印机","Xerox phaser 3117",null,"台",1,"2013-11-30",{"$nulls":3},{"v":1859,"d":"1,859.00"},{"v":0.2,"d":"20%"},{"v":371.8,"d":"371.80"},{"v":0,"d":"0.0%"},"财务处",{"v":1859,"d":"1,859.00"},{"v":1859,"d":"1,859.00"}]
[62,null,"保险柜（大）","盾牌",null,"个",1,"2014-03-31",{"$nulls":3},{"v":2650,"d":"2,650.00"},{"v":0.2,"d":"20%"},{"v":530,"d":"530.00"},{"v":0,"d":"0.0%"},"财务处",{"v":2650,"d":"2,650.00"},{"v":2650,"d":"2,650.00"}]
[63,null,"保险柜（小）","永宝",null,"个",1,"2014-03-31",{"$nulls":3},{"v":899,"d":"899.00"},{"v":0.2,"d":"20%"},{"v":179.8,"d":"179.80"},{"v":0,"d":"0.0%"},"财务处",{"v":899,"d":"899.00"},{"v":899,"d":"899.00"}]
[64,null,"保险柜（小）","君宝",null,"个",1,"2015-06-30",{"$nulls":3},{"v":598,"d":"598.00"},{"v":0.2,"d":"20%"},{"v":119.6,"d":"119.60"},{"v":0,"d":"0.0%"},"财务处",{"v":598,"d":"598.00"},{"v":598,"d":"598.00"}]
[65,null,"复印机（废品）",null,null,"台",1,"2010-01-30",{"$nulls":3},{"v":2500,"d":"2,500.00"},null,{"v":0,"d":"0.00"},{"v":0,"d":"0.0%"},"培训中心",{"v":2500,"d":"2,500.00"},{"v":2500,"d":"2,500.00"}]
[66,null,"饮水机",null,null,"台",1,"2014-03-31",{"$nulls":3},{"v":100,"d":"100.00"},{"v":0.2,"d":"20%"},{"v":20,"d":"20.00"},{"v":0,"d":"0.0%"},"员工寝室",{"v":100,"d":"100.00"},{"v":100,"d":"100.00"}]
[67,null,"电脑",null,null,"套",1,"2014-03-31",{"$nulls":3},{"v":2300,"d":"2,300.00"},{"v":0.3,"d":"30%"},{"v":690,"d":"690.00"},{"v":0,"d":"0.0%"},"档案室",{"v":2300,"d":"2,300.00"},{"v":2300,"d":"2,300.00"}]
[68,null,"保险柜（小）","五塔",null,"个",1,"2014-03-31",{"$nulls":3},{"v":298,"d":"298.00"},{"v":0.5,"d":"50%"},{"v":149,"d":"149.00"},{"v":0,"d":"0.0%"},"档案室",{"v":298,"d":"298.00"},{"v":298,"d":"298.00"}]
[69,null,"挂式空调（旧）","华菱",null,"台",1,"2010-01-30",{"$nulls":3},{"v":2200,"d":"2,200.00"},{"v":0.3,"d":"30%"},{"v":660,"d":"660.00"},{"v":0,"d":"0.0%"},"杂物室",{"v":2200,"d":"2,200.00"},{"v":2200,"d":"2,200.00"}]
[70,null,"传真机",null,null,"个",1,"2013-7-31",{"$nulls":3},{"v":880,"d":"880.00"},{"v":0.3,"d":"30%"},{"v":264,"d":"264.00"}]
[71,null,"复印机",null,null,"台",4,"2013-7-31",{"$nulls":3},{"v":14800,"d":"14,800.00"},{"v":0.3,"d":"30%"},{"v":4440,"d":"4,440.00"}]
[72,null,"投影仪",null,null,"台",1,"2013-7-31",{"$nulls":3},{"v":2400,"d":"2,400.00"},{"v":0.3,"d":"30%"},{"v":720,"d":"720.00"}]
[73,{"$nulls":12},{"v":0,"d":"0.00"},{"v":0,"d":"0.0%"},null,"合计",{"$f":"SUM(R7:R75)","v":{"v":126761,"d":"126,761.00"}}]
["合        计",{"$nulls":8},{"$f":"SUM(J7:J79)","v":{"v":0,"d":"0.00"}},{"$f":"SUM(K7:K79)","v":{"v":0,"d":"0.00"}},{"$f":"SUM(L7:L79)","v":{"v":144841,"d":"144,841.00"}},null,{"$f":"SUM(N7:N79)","v":{"v":42262.75,"d":"42,262.75"}},{"v":0,"d":"0.0%"}]
["减:电子设备减值准备",{"$nulls":13},{"v":0,"d":"0.0%"}]
["合        计",{"$nulls":7},{"$f":"SUM(I7:I81)","v":{"v":0,"d":"0.00"}},{"$f":"J80-J81","v":{"v":0,"d":"0.00"}},{"$f":"K80-K81","v":{"v":0,"d":"0.00"}},{"$f":"L80-L81","v":{"v":144841,"d":"144,841.00"}},{"$f":"M80-M81","v":{"v":0,"d":"0%"}},{"$f":"N80-N81","v":{"v":42262.75,"d":"42,262.75"}},{"v":0,"d":"0.0%"}]
[{"$f":"#REF!","v":{"$error":"#REF!"}},{"$nulls":9},{"$f":"#REF!","v":{"$error":"#REF!"}}]
[{"$f":"#REF!","v":{"$error":"#REF!"}}]

{"sheet":"固定资产汇总","index":19,"n_rows":39,"n_cols":12,"rows_kept":39,"hidden":true,"merged":[[1,0,1,11],[3,0,3,11],[6,0,7,0],[6,1,7,1],[6,2,6,3],[6,4,6,5],[6,6,6,7],[6,8,6,9],[6,10,6,11]]}
[]
[" 固 定 资 产 清 查 评 估 汇 总 表   "]
[]
[{"$f":"#REF!","v":{"$error":"#REF!"}}]
[]
[{"$f":"#REF!","v":{"$error":"#REF!"}},{"$nulls":8},"金额单位：人民币元"]
["编号","科目名称","帐 面 价 值",null,"调整后帐面值",null,"评估价值",null,"增值额 ",null,"增值率% "]
[null,"科目名称","原值","净值","原值","净值","原值","净值","原值","净值","原值","净值"]
[1,"房屋建筑物类合计",{"$f":"SUM(C10:C14)","v":{"$error":"#REF!"}},{"$error":"#REF!"},{"$error":"#REF!"},{"$error":"#REF!"},{"$error":"#REF!"},{"$error":"#REF!"},{"$f":"G9-E9","v":{"$error":"#REF!"}},{"$f":"H9-F9","v":{"$error":"#REF!"}},{"$f":"IF(G9=0,\" \",IF(I9/G9=0,\" \",I9/G9))","v":{"$error":"#REF!"}},{"$f":"IF(H9=0,\" \",IF(J9/H9=0,\" \",J9/H9))","v":{"$error":"#REF!"}}]
[2,"固定资产—房屋建筑物",{"$f":"#REF!","v":{"$error":"#REF!"}},{"$f":"#REF!","v":{"$error":"#REF!"}},{"$f":"#REF!","v":{"$error":"#REF!"}},{"$f":"#REF!","v":{"$error":"#REF!"}},{"$f":"#REF!","v":{"$error":"#REF!"}},{"$f":"#REF!","v":{"$error":"#REF!"}},{"$f":"G10-E10","v":{"$error":"#REF!"}},{"$f":"H10-F10","v":{"$error":"#REF!"}},{"$f":"IF(G10=0,\" \",IF(I10/G10=0,\" \",I10/G10))","v":{"$error":"#REF!"}},{"$f":"IF(H10=0,\" \",IF(J10/H10=0,\" \",J10/H10))","v":{"$error":"#REF!"}}]
[3,"固定资产—构筑物其他",{"$f":"#REF!","v":{"$error":"#REF!"}},{"$f":"#REF!","v":{"$error":"#REF!"}},{"$f":"#REF!","v":{"$error":"#REF!"}},{"$f":"#REF!","v":{"$error":"#REF!"}},{"$f":"#REF!","v":{"$error":"#REF!"}},{"$f":"#REF!","v":{"$error":"#REF!"}},{"$error":"#REF!"},{"$error":"#REF!"},{"$error":"#REF!"},{"$error":"#REF!"}]
[4,"固定资产—管道及沟槽",{"$f":"#REF!","v":{"$error":"#REF!"}},{"$f":"#REF!","v":{"$error":"#REF!"}},{"$f":"#REF!","v":{"$error":"#REF!"}},{"$f":"#REF!","v":{"$error":"#REF!"}},{"$f":"#REF!","v":{"$error":"#REF!"}},{"$f":"#REF!","v":{"$error":"#REF!"}},{"$error":"#REF!"},{"$error":"#REF!"},{"$error":"#REF!"},{"$error":"#REF!"}]
[{"$nulls":8},0,0," "," "]
[{"$nulls":8},0,0," "," "]
[5,"设备类合计",{"$f":"SUM(C16:C20)","v":{"$error":"#REF!"}},{"v":3558313.16,"d":"3,558,313.16"},{"$error":"#REF!"},{"$error":"#REF!"},{"v":11502308.8,"d":"11,502,308.80"},{"v":4326215.52,"d":"4,326,215.52"},{"$error":"#REF!"},{"$error":"#REF!"},{"$error":"#REF!"},{"$error":"#REF!"}]
[6,"固定资产—机器设备",{"$f":"机器设备!J443","v":{"v":9334677.84,"d":"9,334,677.84"}},{"$f":"机器设备!K443","v":{"v":1957661.16,"d":"1,957,661.16"}},{"$f":"机器设备!#REF!","v":{"$error":"#REF!"}},{"$f":"机器设备!#REF!","v":{"$error":"#REF!"}},{"$f":"机器设备!L443","v":{"v":11019667.8,"d":"11,019,667.80"}},{"$f":"机器设备!N443","v":{"v":4214472.77,"d":"4,214,472.77"}},{"$error":"#REF!"},{"$error":"#REF!"},{"$error":"#REF!"},{"$error":"#REF!"}]
[7,"固定资产—车辆",{"$f":"车辆!J20","v":{"v":3305146,"d":"3,305,146.00"}},{"$f":"车辆!K20","v":{"v":1600652,"d":"1,600,652.00"}},{"$f":"车辆!#REF!","v":{"$error":"#REF!"}},{"$f":"车辆!#REF!","v":{"$error":"#REF!"}},{"$f":"车辆!L20","v":{"v":337800,"d":"337,800.00"}},{"$f":"车辆!N20","v":{"v":69480,"d":"69,480.00"}},{"$error":"#REF!"},{"$error":"#REF!"},{"$error":"#REF!"},{"$error":"#REF!"}]
[8,"固定资产—电子设备",{"$f":"电子设备!#REF!","v":{"$error":"#REF!"}},{"$f":"电子设备!I82","v":0},{"$f":"电子设备!J82","v":0},{"$f":"电子设备!K82","v":0},{"$f":"电子设备!L82","v":{"v":144841,"d":"144,841.00"}},{"$f":"电子设备!N82","v":{"v":42262.75,"d":"42,262.75"}},{"v":144841,"d":"144,841.00"},{"v":42262.75,"d":"42,262.75"},{"v":1,"d":"100.0%"},{"v":1,"d":"100.0%"}]
[{"$nulls":8},0,0," "," "]
[{"$nulls":8},0,0," "," "]
[9,"工程物资",{"$f":"#REF!","v":{"$error":"#REF!"}},{"$f":"#REF!","v":{"$error":"#REF!"}},{"$f":"#REF!","v":{"$error":"#REF!"}},{"$f":"#REF!","v":{"$error":"#REF!"}},{"$f":"#REF!","v":{"$error":"#REF!"}},{"$f":"#REF!","v":{"$error":"#REF!"}},{"$error":"#REF!"},{"$error":"#REF!"},{"$error":"#REF!"},{"$error":"#REF!"}]
[{"$nulls":8},0,0," "," "]
[{"$nulls":8},0,0," "," "]
[10,"在建工程",{"$f":"C25+C26","v":{"$error":"#REF!"}},{"$f":"D25+D26","v":{"$error":"#REF!"}},{"$f":"E25+E26","v":{"$error":"#REF!"}},{"$f":"SUM(F25:F28)","v":{"$error":"#REF!"}},{"$f":"SUM(G25:G28)","v":{"$error":"#REF!"}},{"$f":"SUM(H25:H28)","v":{"$error":"#REF!"}},{"$error":"#REF!"},{"$error":"#REF!"},{"$error":"#REF!"},{"$error":"#REF!"}]
[11,"在建工程—土建工程",{"$f":"D25","v":{"$error":"#REF!"}},{"$f":"#REF!","v":{"$error":"#REF!"}},{"$f":"F25","v":{"$error":"#REF!"}},{"$f":"#REF!","v":{"$error":"#REF!"}},{"$f":"H25","v":{"$error":"#REF!"}},{"$f":"#REF!","v":{"$error":"#REF!"}},{"$error":"#REF!"},{"$error":"#REF!"},{"$error":"#REF!"},{"$error":"#REF!"}]
[12,"在建工程—设备安装工程",{"$f":"D26","v":{"$error":"#REF!"}},{"$f":"#REF!","v":{"$error":"#REF!"}},{"$f":"F26","v":{"$error":"#REF!"}},{"$f":"#REF!","v":{"$error":"#REF!"}},{"$f":"H26","v":{"$error":"#REF!"}},{"$f":"#REF!","v":{"$error":"#REF!"}},{"$error":"#REF!"},{"$error":"#REF!"},{"$error":"#REF!"},{"$error":"#REF!"}]
[{"$nulls":4},{"$f":"F27","v":0},{"$nulls":3},0,0," "," "]
[{"$nulls":4},{"$f":"F28","v":0},{"$nulls":3},0,0," "," "]
[13,"固定资产清理",null,{"$f":"#REF!","v":{"$error":"#REF!"}},{"$f":"F29","v":{"$error":"#REF!"}},{"$f":"#REF!","v":{"$error":"#REF!"}},{"$f":"H29","v":{"$error":"#REF!"}},{"$f":"#REF!","v":{"$error":"#REF!"}},{"$error":"#REF!"},{"$error":"#REF!"},{"$error":"#REF!"},{"$error":"#REF!"}]
[{"$nulls":8},0,0," "," "]
[{"$nulls":8},0,0," "," "]
[14,"待处理固定资产净损失",null,{"$f":"#REF!","v":{"$error":"#REF!"}},null,{"$f":"#REF!","v":{"$error":"#REF!"}},null,{"$f":"#REF!","v":{"$error":"#REF!"}},0,{"$error":"#REF!"}," ",{"$error":"#REF!"}]
[{"$nulls":8},0,0," "," "]
[{"$nulls":8},0,0," "," "]
[15,"固定资产合计",{"$f":"C9+C15+C21+C24+C29+C32","v":{"$error":"#REF!"}},{"$f":"D9+D15+D21+D24+D29+D32","v":{"$error":"#REF!"}},{"$f":"E9+E15","v":{"$error":"#REF!"}},{"$f":"F9+F15+F21+F24+F29+F32","v":{"$error":"#REF!"}},{"$f":"G9+G15","v":{"$error":"#REF!"}},{"$f":"H9+H15+H21+H24+H29+H32","v":{"$error":"#REF!"}},{"$error":"#REF!"},{"$error":"#REF!"},{"$error":"#REF!"},{"$error":"#REF!"}]
[]
["资产占有单位填表人：",{"$nulls":3},"移交单位：",null,null,"接收单位："]
[]
["填表日期：      年    月     日",{"$nulls":3},"评估人员："]

{"sheet":"流动负债汇总","index":20,"n_rows":27,"n_cols":7,"rows_kept":27,"hidden":true,"merged":[[1,1,1,6],[3,0,3,6]]}
[]
[null,"流动负债清查评估汇总表"]
[]
[{"$f":"#REF!","v":{"$error":"#REF!"}}]
[]
[{"$f":"#REF!","v":{"$error":"#REF!"}},{"$nulls":4},"金额单位：元"]
["编号","科目名称","  帐 面 价 值","调整后帐面值","评估价值","增值额","增值率%"]
[1,"短期借款",{"$f":"#REF!","v":{"$error":"#REF!"}},{"$f":"#REF!","v":{"$error":"#REF!"}},{"$f":"#REF!","v":{"$error":"#REF!"}},{"$f":"E8-D8","v":{"$error":"#REF!"}},{"$f":"IF(D8=0,\" \",IF(F8/D8=0,\" \",F8/D8))","v":{"$error":"#REF!"}}]
[2,"应付票据",{"$f":"#REF!","v":{"$error":"#REF!"}},{"$f":"#REF!","v":{"$error":"#REF!"}},{"$f":"#REF!","v":{"$error":"#REF!"}},{"$f":"E9-D9","v":{"$error":"#REF!"}},{"$f":"IF(D9=0,\" \",IF(F9/D9=0,\" \",F9/D9))","v":{"$error":"#REF!"}}]
[3,"应付帐款 ",{"$f":"#REF!","v":{"$error":"#REF!"}},{"$f":"#REF!","v":{"$error":"#REF!"}},{"$f":"#REF!","v":{"$error":"#REF!"}},{"$error":"#REF!"},{"$error":"#REF!"}]
[4,"预收帐款",{"$f":"#REF!","v":{"$error":"#REF!"}},{"$f":"#REF!","v":{"$error":"#REF!"}},{"$f":"#REF!","v":{"$error":"#REF!"}},{"$error":"#REF!"},{"$error":"#REF!"}]
[5,"代销商品款",{"$f":"#REF!","v":{"$error":"#REF!"}},{"$f":"#REF!","v":{"$error":"#REF!"}},{"$f":"#REF!","v":{"$error":"#REF!"}},{"$error":"#REF!"},{"$error":"#REF!"}]
[6,"其他应付款",{"$f":"#REF!","v":{"$error":"#REF!"}},{"$f":"#REF!","v":{"$error":"#REF!"}},{"$f":"#REF!","v":{"$error":"#REF!"}},{"$error":"#REF!"},{"$error":"#REF!"}]
[7,"应付工资",{"$f":"#REF!","v":{"$error":"#REF!"}},{"$f":"#REF!","v":{"$error":"#REF!"}},{"$f":"#REF!","v":{"$error":"#REF!"}},{"$error":"#REF!"},{"$error":"#REF!"}]
[8,"应付福利费",{"$f":"#REF!","v":{"$error":"#REF!"}},{"$f":"#REF!","v":{"$error":"#REF!"}},{"$f":"#REF!","v":{"$error":"#REF!"}},{"$error":"#REF!"},{"$error":"#REF!"}]
[9,"应交税金",{"$f":"#REF!","v":{"$error":"#REF!"}},{"$f":"#REF!","v":{"$error":"#REF!"}},{"$f":"#REF!","v":{"$error":"#REF!"}},{"$error":"#REF!"},{"$error":"#REF!"}]
[10,"应付利润",{"$f":"#REF!","v":{"$error":"#REF!"}},{"$f":"#REF!","v":{"$error":"#REF!"}},{"$f":"#REF!","v":{"$error":"#REF!"}},{"$error":"#REF!"},{"$error":"#REF!"}]
[11,"其他未交款",{"$f":"#REF!","v":{"$error":"#REF!"}},{"$f":"#REF!","v":{"$error":"#REF!"}},{"$f":"#REF!","v":{"$error":"#REF!"}},{"$error":"#REF!"},{"$error":"#REF!"}]
[12,"预提费用",{"$f":"#REF!","v":{"$error":"#REF!"}},{"$f":"#REF!","v":{"$error":"#REF!"}},{"$f":"#REF!","v":{"$error":"#REF!"}},{"$error":"#REF!"},{"$error":"#REF!"}]
[13,"一年内到期长期负债",{"$f":"#REF!","v":{"$error":"#REF!"}},{"$f":"#REF!","v":{"$error":"#REF!"}},{"$f":"#REF!","v":{"$error":"#REF!"}},{"$error":"#REF!"},{"$error":"#REF!"}]
[14,"其他流动负债",{"$f":"#REF!","v":{"$error":"#REF!"}},{"$f":"#REF!","v":{"$error":"#REF!"}},{"$f":"#REF!","v":{"$error":"#REF!"}},{"$error":"#REF!"},{"$error":"#REF!"}]
[{"$nulls":6}," "]
[null," 流动负债合计",{"$f":"SUM(C8:C22)","v":{"$error":"#REF!"}},{"$f":"SUM(D8:D22)","v":{"$error":"#REF!"}},{"$f":"SUM(E8:E22)","v":{"$error":"#REF!"}},{"$f":"SUM(F8:F22)","v":{"$error":"#REF!"}},{"$error":"#REF!"}]
[]
["资产占有单位填表人：",null,null,"移交单位：",null,"接收单位："]
[]
["填表日期：      年    月     日",null,null,"评估人员："]

{"sheet":"长期负债汇总","index":21,"n_rows":25,"n_cols":7,"rows_kept":25,"hidden":true,"merged":[[1,0,1,6],[3,0,3,6]]}
[]
["长期负债清查评估汇总表"]
[]
[{"$f":"#REF!","v":{"$error":"#REF!"}}]
[]
[{"$f":"#REF!","v":{"$error":"#REF!"}},{"$nulls":5},"金额单位：元"]
["编号","科目名称","  帐 面 价 值","调整后帐面值","评估价值","增值额","增值率%"]
[1,"长期借款",{"$f":"#REF!","v":{"$error":"#REF!"}},{"$f":"#REF!","v":{"$error":"#REF!"}},{"$f":"#REF!","v":{"$error":"#REF!"}},{"$f":"E8-D8","v":{"$error":"#REF!"}},{"$f":"IF(D8=0,\" \",IF(F8/D8=0,\" \",F8/D8))","v":{"$error":"#REF!"}}]
[2,"应付债券",{"$f":"#REF!","v":{"$error":"#REF!"}},{"$f":"#REF!","v":{"$error":"#REF!"}},{"$f":"#REF!","v":{"$error":"#REF!"}},{"$f":"E9-D9","v":{"$error":"#REF!"}},{"$f":"IF(D9=0,\" \",IF(F9/D9=0,\" \",F9/D9))","v":{"$error":"#REF!"}}]
[3,"长期应付款",{"$f":"#REF!","v":{"$error":"#REF!"}},{"$f":"#REF!","v":{"$error":"#REF!"}},{"$f":"#REF!","v":{"$error":"#REF!"}},{"$error":"#REF!"},{"$error":"#REF!"}]
[4,"住房周转金",{"$f":"#REF!","v":{"$error":"#REF!"}},{"$f":"#REF!","v":{"$error":"#REF!"}},{"$f":"#REF!","v":{"$error":"#REF!"}},{"$error":"#REF!"},{"$error":"#REF!"}]
[5,"其他长期负债",{"$f":"#REF!","v":{"$error":"#REF!"}},{"$f":"#REF!","v":{"$error":"#REF!"}},{"$f":"#REF!","v":{"$error":"#REF!"}},{"$error":"#REF!"},{"$error":"#REF!"}]
[6,"递延税款贷项",{"$f":"#REF!","v":{"$error":"#REF!"}},{"$f":"#REF!","v":{"$error":"#REF!"}},{"$f":"#REF!","v":{"$error":"#REF!"}},{"$error":"#REF!"},{"$error":"#REF!"}]
[{"$nulls":5},0," "]
[{"$nulls":5},0," "]
[{"$nulls":5},0," "]
[{"$nulls":5},0," "]
[{"$nulls":5},0," "]
[{"$nulls":5},0," "]
[{"$nulls":5},0," "]
[null,"长期负债合计",{"$f":"SUM(C8:C20)","v":{"$error":"#REF!"}},{"$f":"SUM(D8:D20)","v":{"$error":"#REF!"}},{"$f":"SUM(E8:E20)","v":{"$error":"#REF!"}},{"$f":"SUM(F8:F20)","v":{"$error":"#REF!"}},{"$error":"#REF!"}]
[]
["资产占有单位填表人：",null,null,"移交单位：",null,"接收单位："]
[]
["填表日期：      年    月     日",null,null,"评估人员："]